<?xml version="1.0" encoding="UTF-8"?>
<collection xmlns="http://www.loc.gov/MARC21/slim">
<record>
  <controlfield tag="001">590020</controlfield>
  <controlfield tag="003">SzGeCERN</controlfield>
  <controlfield tag="005">20160408030002.0</controlfield>
  <datafield tag="035" ind1=" " ind2=" ">
    <subfield code="a">2348879CERCER</subfield>
  </datafield>
  <datafield tag="037" ind1=" " ind2=" ">
    <subfield code="a">math.DG/0211035</subfield>
  </datafield>
  <datafield tag="041" ind1=" " ind2=" ">
    <subfield code="a">eng</subfield>
  </datafield>
  <datafield tag="088" ind1=" " ind2=" ">
    <subfield code="9">math/0211035</subfield>
  </datafield>
  <datafield tag="100" ind1=" " ind2=" ">
    <subfield code="a">Boucetta, M</subfield>
  </datafield>
  <datafield tag="245" ind1=" " ind2=" ">
    <subfield code="a">Riemann Poisson manifolds and K\"ahler-Riemann foliations</subfield>
  </datafield>
  <datafield tag="260" ind1=" " ind2=" ">
    <subfield code="c">2002</subfield>
  </datafield>
  <datafield tag="269" ind1=" " ind2=" ">
    <subfield code="c">3 Nov 2002</subfield>
  </datafield>
  <datafield tag="300" ind1=" " ind2=" ">
    <subfield code="a">12 p</subfield>
  </datafield>
  <datafield tag="520" ind1=" " ind2=" ">
    <subfield code="a">Riemann Poisson manifolds were introduced by the author in [1] and studied in more details in [2]. K\"ahler-Riemann foliations form an interesting subset of the Riemannian foliations with remarkable properties (see [3]). In this paper we will show that to give a regular Riemann Poisson structure on a manifold $M$ is equivalent to to give a K\"ahler-Riemann foliation on $M$ such that the leafwise symplectic form is invariant with respect to all local foliate perpendicular vector fields. We show also that the sum of the vector space of leafwise cohomology and the vector space of basic forms is a subspace of the space of Poisson cohomology.</subfield>
  </datafield>
  <datafield tag="595" ind1=" " ind2=" ">
    <subfield code="a">LANL EDS</subfield>
  </datafield>
  <datafield tag="650" ind1="1" ind2="7">
    <subfield code="2">SzGeCERN</subfield>
    <subfield code="a">Mathematical Physics and Mathematics</subfield>
  </datafield>
  <datafield tag="690" ind1="C" ind2=" ">
    <subfield code="a">PREPRINT</subfield>
  </datafield>
  <datafield tag="694" ind1=" " ind2=" ">
    <subfield code="9">LANL EDS</subfield>
    <subfield code="a">53D17</subfield>
  </datafield>
  <datafield tag="694" ind1=" " ind2=" ">
    <subfield code="9">LANL EDS</subfield>
    <subfield code="a">53C12</subfield>
  </datafield>
  <datafield tag="695" ind1=" " ind2=" ">
    <subfield code="9">LANL EDS</subfield>
    <subfield code="a">Differential Geometry</subfield>
  </datafield>
  <datafield tag="695" ind1=" " ind2=" ">
    <subfield code="9">LANL EDS</subfield>
    <subfield code="a">Symplectic Geometry</subfield>
  </datafield>
  <datafield tag="720" ind1=" " ind2=" ">
    <subfield code="a">Boucetta, Mohamed</subfield>
  </datafield>
  <datafield tag="856" ind1="4" ind2=" ">
    <subfield code="u">http://documents.cern.ch/cgi-bin/setlink?base=preprint&amp;categ=math.DG&amp;id=0211035</subfield>
    <subfield code="y">Access to fulltext document</subfield>
  </datafield>
  <datafield tag="859" ind1=" " ind2=" ">
    <subfield code="f">boucetta@fstg-marrakech.ac.ma</subfield>
  </datafield>
  <datafield tag="916" ind1=" " ind2=" ">
    <subfield code="s">n</subfield>
    <subfield code="w">200245</subfield>
  </datafield>
  <datafield tag="960" ind1=" " ind2=" ">
    <subfield code="a">10</subfield>
  </datafield>
  <datafield tag="961" ind1=" " ind2=" ">
    <subfield code="c">20060603</subfield>
    <subfield code="h">0012</subfield>
    <subfield code="l">CER01</subfield>
    <subfield code="x">20021105</subfield>
  </datafield>
  <datafield tag="963" ind1=" " ind2=" ">
    <subfield code="a">PUBLIC</subfield>
  </datafield>
  <datafield tag="970" ind1=" " ind2=" ">
    <subfield code="a">002348879CER</subfield>
  </datafield>
  <datafield tag="980" ind1=" " ind2=" ">
    <subfield code="a">PREPRINT</subfield>
  </datafield>
  <datafield tag="980" ind1=" " ind2=" ">
    <subfield code="c">Hidden</subfield>
  </datafield>
</record>
<record>
  <controlfield tag="001">590019</controlfield>
  <controlfield tag="003">SzGeCERN</controlfield>
  <controlfield tag="005">20160408030002.0</controlfield>
  <datafield tag="035" ind1=" " ind2=" ">
    <subfield code="a">2348878CERCER</subfield>
  </datafield>
  <datafield tag="035" ind1=" " ind2=" ">
    <subfield code="9">SLAC</subfield>
    <subfield code="a">5415748</subfield>
  </datafield>
  <datafield tag="035" ind1=" " ind2=" ">
    <subfield code="9">Inspire</subfield>
    <subfield code="a">604334</subfield>
  </datafield>
  <datafield tag="037" ind1=" " ind2=" ">
    <subfield code="a">math.CV/0211055</subfield>
  </datafield>
  <datafield tag="041" ind1=" " ind2=" ">
    <subfield code="a">eng</subfield>
  </datafield>
  <datafield tag="088" ind1=" " ind2=" ">
    <subfield code="9">math/0211055</subfield>
  </datafield>
  <datafield tag="088" ind1=" " ind2=" ">
    <subfield code="a">FSU-2002-41</subfield>
  </datafield>
  <datafield tag="100" ind1=" " ind2=" ">
    <subfield code="a">Aldrovandi, E</subfield>
  </datafield>
  <datafield tag="245" ind1=" " ind2=" ">
    <subfield code="a">On hermitian-holomorphic classes related to uniformization, the dilogarithm and the Liouville Action</subfield>
  </datafield>
  <datafield tag="260" ind1=" " ind2=" ">
    <subfield code="c">2002</subfield>
  </datafield>
  <datafield tag="269" ind1=" " ind2=" ">
    <subfield code="a">Tallahassee, FL</subfield>
    <subfield code="b">Florida State Univ.</subfield>
    <subfield code="c">4 Nov 2002</subfield>
  </datafield>
  <datafield tag="300" ind1=" " ind2=" ">
    <subfield code="a">mult. p</subfield>
  </datafield>
  <datafield tag="520" ind1=" " ind2=" ">
    <subfield code="a">Metrics of constant negative curvature on a compact Riemann surface are critical points of the Liouville action functional, which in recent constructions is rigorously defined as a class in a Cech-de Rham complex with respect to a suitable covering of the surface. We show that this class is the square of the metrized holomorphic tangent bundle in hermitian-holomorphic Deligne cohomology. We achieve this by introducing a different version of the hermitian-holomorphic Deligne complex which is nevertheless quasi-isomorphic to the one introduced by Brylinski in his construction of Quillen line bundles. We reprove the relation with the determinant of cohomology construction. Furthermore, if we specialize the covering to the one provided by a Kleinian uniformization (thereby allowing possibly disconnected surfaces) the same class can be reinterpreted as the transgression of the regulator class expressed by the Bloch-Wigner dilogarithm.</subfield>
  </datafield>
  <datafield tag="595" ind1=" " ind2=" ">
    <subfield code="a">LANL EDS</subfield>
  </datafield>
  <datafield tag="650" ind1="1" ind2="7">
    <subfield code="2">SzGeCERN</subfield>
    <subfield code="a">Mathematical Physics and Mathematics</subfield>
  </datafield>
  <datafield tag="690" ind1="C" ind2=" ">
    <subfield code="a">PREPRINT</subfield>
  </datafield>
  <datafield tag="695" ind1=" " ind2=" ">
    <subfield code="9">LANL EDS</subfield>
    <subfield code="a">Complex Variables</subfield>
  </datafield>
  <datafield tag="695" ind1=" " ind2=" ">
    <subfield code="9">LANL EDS</subfield>
    <subfield code="a">Algebraic Geometry</subfield>
  </datafield>
  <datafield tag="695" ind1=" " ind2=" ">
    <subfield code="9">LANL EDS</subfield>
    <subfield code="a">K-Theory and Homology</subfield>
  </datafield>
  <datafield tag="695" ind1=" " ind2=" ">
    <subfield code="9">LANL EDS</subfield>
    <subfield code="a">Mathematical Physics</subfield>
  </datafield>
  <datafield tag="720" ind1=" " ind2=" ">
    <subfield code="a">Aldrovandi, Ettore</subfield>
  </datafield>
  <datafield tag="856" ind1="4" ind2=" ">
    <subfield code="u">http://documents.cern.ch/cgi-bin/setlink?base=preprint&amp;categ=math.CV&amp;id=0211055</subfield>
    <subfield code="y">Access to fulltext document</subfield>
  </datafield>
  <datafield tag="859" ind1=" " ind2=" ">
    <subfield code="f">ealdrov@zeno.math.fsu.edu</subfield>
  </datafield>
  <datafield tag="901" ind1=" " ind2=" ">
    <subfield code="u">Department of Mathematics, Florida State University</subfield>
  </datafield>
  <datafield tag="916" ind1=" " ind2=" ">
    <subfield code="s">n</subfield>
    <subfield code="w">200245</subfield>
  </datafield>
  <datafield tag="960" ind1=" " ind2=" ">
    <subfield code="a">10</subfield>
  </datafield>
  <datafield tag="961" ind1=" " ind2=" ">
    <subfield code="c">20070425</subfield>
    <subfield code="h">1019</subfield>
    <subfield code="l">CER01</subfield>
    <subfield code="x">20021105</subfield>
  </datafield>
  <datafield tag="963" ind1=" " ind2=" ">
    <subfield code="a">PUBLIC</subfield>
  </datafield>
  <datafield tag="970" ind1=" " ind2=" ">
    <subfield code="a">002348878CER</subfield>
  </datafield>
  <datafield tag="980" ind1=" " ind2=" ">
    <subfield code="a">PREPRINT</subfield>
  </datafield>
  <datafield tag="980" ind1=" " ind2=" ">
    <subfield code="c">Hidden</subfield>
  </datafield>
</record>
<record>
  <controlfield tag="001">590017</controlfield>
  <controlfield tag="003">SzGeCERN</controlfield>
  <controlfield tag="005">20160408030001.0</controlfield>
  <datafield tag="035" ind1=" " ind2=" ">
    <subfield code="a">2348876CERCER</subfield>
  </datafield>
  <datafield tag="037" ind1=" " ind2=" ">
    <subfield code="a">math.CT/0211037</subfield>
  </datafield>
  <datafield tag="041" ind1=" " ind2=" ">
    <subfield code="a">eng</subfield>
  </datafield>
  <datafield tag="088" ind1=" " ind2=" ">
    <subfield code="9">math/0211037</subfield>
  </datafield>
  <datafield tag="100" ind1=" " ind2=" ">
    <subfield code="a">Lyubashenko, V V</subfield>
  </datafield>
  <datafield tag="245" ind1=" " ind2=" ">
    <subfield code="a">A construction of an A_infinity-category</subfield>
  </datafield>
  <datafield tag="260" ind1=" " ind2=" ">
    <subfield code="c">2002</subfield>
  </datafield>
  <datafield tag="269" ind1=" " ind2=" ">
    <subfield code="c">3 Nov 2002</subfield>
  </datafield>
  <datafield tag="300" ind1=" " ind2=" ">
    <subfield code="a">48 p</subfield>
  </datafield>
  <datafield tag="520" ind1=" " ind2=" ">
    <subfield code="a">We construct an A_infinity-category D(C|B) from a given A_infinity-category C and its full subcategory B. The construction resembles a particular case of Drinfeld's quotient of differential graded categories. We use D(C|B) to construct an A_infinity-functor of K-injective resolutions of a complex. The conventional derived category is obtained as the 0-th cohomology of the quotient of differential graded category of complexes over acyclic complexes.</subfield>
  </datafield>
  <datafield tag="595" ind1=" " ind2=" ">
    <subfield code="a">LANL EDS</subfield>
  </datafield>
  <datafield tag="650" ind1="1" ind2="7">
    <subfield code="2">SzGeCERN</subfield>
    <subfield code="a">Mathematical Physics and Mathematics</subfield>
  </datafield>
  <datafield tag="690" ind1="C" ind2=" ">
    <subfield code="a">PREPRINT</subfield>
  </datafield>
  <datafield tag="695" ind1=" " ind2=" ">
    <subfield code="9">LANL EDS</subfield>
    <subfield code="a">Category Theory</subfield>
  </datafield>
  <datafield tag="695" ind1=" " ind2=" ">
    <subfield code="9">LANL EDS</subfield>
    <subfield code="a">Quantum Algebra</subfield>
  </datafield>
  <datafield tag="695" ind1=" " ind2=" ">
    <subfield code="9">LANL EDS</subfield>
    <subfield code="a">K-Theory and Homology</subfield>
  </datafield>
  <datafield tag="700" ind1=" " ind2=" ">
    <subfield code="a">Ovsienko, S</subfield>
  </datafield>
  <datafield tag="720" ind1=" " ind2=" ">
    <subfield code="a">Lyubashenko, Volodymyr</subfield>
  </datafield>
  <datafield tag="720" ind1=" " ind2=" ">
    <subfield code="a">Ovsienko, Sergiy</subfield>
  </datafield>
  <datafield tag="856" ind1="4" ind2=" ">
    <subfield code="u">http://documents.cern.ch/cgi-bin/setlink?base=preprint&amp;categ=math.CT&amp;id=0211037</subfield>
    <subfield code="y">Access to fulltext document</subfield>
  </datafield>
  <datafield tag="859" ind1=" " ind2=" ">
    <subfield code="f">lub@imath.kiev.ua</subfield>
  </datafield>
  <datafield tag="916" ind1=" " ind2=" ">
    <subfield code="s">n</subfield>
    <subfield code="w">200245</subfield>
  </datafield>
  <datafield tag="960" ind1=" " ind2=" ">
    <subfield code="a">10</subfield>
  </datafield>
  <datafield tag="961" ind1=" " ind2=" ">
    <subfield code="c">20060603</subfield>
    <subfield code="h">0012</subfield>
    <subfield code="l">CER01</subfield>
    <subfield code="x">20021105</subfield>
  </datafield>
  <datafield tag="963" ind1=" " ind2=" ">
    <subfield code="a">PUBLIC</subfield>
  </datafield>
  <datafield tag="970" ind1=" " ind2=" ">
    <subfield code="a">002348876CER</subfield>
  </datafield>
  <datafield tag="980" ind1=" " ind2=" ">
    <subfield code="a">PREPRINT</subfield>
  </datafield>
  <datafield tag="980" ind1=" " ind2=" ">
    <subfield code="c">Hidden</subfield>
  </datafield>
</record>
<record>
  <controlfield tag="001">590013</controlfield>
  <controlfield tag="003">SzGeCERN</controlfield>
  <controlfield tag="005">20160408030001.0</controlfield>
  <datafield tag="035" ind1=" " ind2=" ">
    <subfield code="a">2348872CERCER</subfield>
  </datafield>
  <datafield tag="037" ind1=" " ind2=" ">
    <subfield code="a">math.AT/0211056</subfield>
  </datafield>
  <datafield tag="041" ind1=" " ind2=" ">
    <subfield code="a">eng</subfield>
  </datafield>
  <datafield tag="088" ind1=" " ind2=" ">
    <subfield code="9">math/0211056</subfield>
  </datafield>
  <datafield tag="100" ind1=" " ind2=" ">
    <subfield code="a">Kohno, T</subfield>
  </datafield>
  <datafield tag="245" ind1=" " ind2=" ">
    <subfield code="a">Loop spaces of configuration spaces and finite type invariants</subfield>
  </datafield>
  <datafield tag="260" ind1=" " ind2=" ">
    <subfield code="c">2002</subfield>
  </datafield>
  <datafield tag="269" ind1=" " ind2=" ">
    <subfield code="c">4 Nov 2002</subfield>
  </datafield>
  <datafield tag="520" ind1=" " ind2=" ">
    <subfield code="a">The total homology of the loop space of the configuration space of ordered distinct n points in R^m has a structure of a Hopf algebra defined by the 4-term relations if m>2. We describe a relation of between the cohomology of this loop space and the set of finite type invariants for the pure braid group with n strands. Based on this we give expressions of certain link invariants as integrals over cycles of the above loop space.</subfield>
  </datafield>
  <datafield tag="595" ind1=" " ind2=" ">
    <subfield code="a">LANL EDS</subfield>
  </datafield>
  <datafield tag="650" ind1="1" ind2="7">
    <subfield code="2">SzGeCERN</subfield>
    <subfield code="a">Mathematical Physics and Mathematics</subfield>
  </datafield>
  <datafield tag="690" ind1="C" ind2=" ">
    <subfield code="a">ARTICLE</subfield>
  </datafield>
  <datafield tag="694" ind1=" " ind2=" ">
    <subfield code="9">LANL EDS</subfield>
    <subfield code="a">55P35</subfield>
  </datafield>
  <datafield tag="694" ind1=" " ind2=" ">
    <subfield code="9">LANL EDS</subfield>
    <subfield code="a">20F36</subfield>
  </datafield>
  <datafield tag="694" ind1=" " ind2=" ">
    <subfield code="9">LANL EDS</subfield>
    <subfield code="a">57M27</subfield>
  </datafield>
  <datafield tag="695" ind1=" " ind2=" ">
    <subfield code="9">LANL EDS</subfield>
    <subfield code="a">Algebraic Topology</subfield>
  </datafield>
  <datafield tag="695" ind1=" " ind2=" ">
    <subfield code="9">LANL EDS</subfield>
    <subfield code="a">Geometric Topology</subfield>
  </datafield>
  <datafield tag="720" ind1=" " ind2=" ">
    <subfield code="a">Kohno, Toshitake</subfield>
  </datafield>
  <datafield tag="773" ind1=" " ind2=" ">
    <subfield code="c">143-160</subfield>
    <subfield code="p">Geom. Topol. Monogr.</subfield>
    <subfield code="v">4</subfield>
    <subfield code="y">2002</subfield>
  </datafield>
  <datafield tag="856" ind1="4" ind2=" ">
    <subfield code="u">http://documents.cern.ch/cgi-bin/setlink?base=preprint&amp;categ=math.AT&amp;id=0211056</subfield>
    <subfield code="y">Access to fulltext document</subfield>
  </datafield>
  <datafield tag="859" ind1=" " ind2=" ">
    <subfield code="f">kohno@ms.u-tokyo.ac.jp</subfield>
  </datafield>
  <datafield tag="916" ind1=" " ind2=" ">
    <subfield code="s">n</subfield>
    <subfield code="w">200245</subfield>
  </datafield>
  <datafield tag="960" ind1=" " ind2=" ">
    <subfield code="a">13</subfield>
  </datafield>
  <datafield tag="961" ind1=" " ind2=" ">
    <subfield code="c">20070205</subfield>
    <subfield code="h">2036</subfield>
    <subfield code="l">CER01</subfield>
    <subfield code="x">20021105</subfield>
  </datafield>
  <datafield tag="963" ind1=" " ind2=" ">
    <subfield code="a">PUBLIC</subfield>
  </datafield>
  <datafield tag="970" ind1=" " ind2=" ">
    <subfield code="a">002348872CER</subfield>
  </datafield>
  <datafield tag="980" ind1=" " ind2=" ">
    <subfield code="a">ARTICLE</subfield>
  </datafield>
  <datafield tag="980" ind1=" " ind2=" ">
    <subfield code="c">Hidden</subfield>
  </datafield>
</record>
<record>
  <controlfield tag="001">590012</controlfield>
  <controlfield tag="003">SzGeCERN</controlfield>
  <controlfield tag="005">20160408030001.0</controlfield>
  <datafield tag="035" ind1=" " ind2=" ">
    <subfield code="a">2348871CERCER</subfield>
  </datafield>
  <datafield tag="037" ind1=" " ind2=" ">
    <subfield code="a">math.AG/0211052</subfield>
  </datafield>
  <datafield tag="041" ind1=" " ind2=" ">
    <subfield code="a">eng</subfield>
  </datafield>
  <datafield tag="088" ind1=" " ind2=" ">
    <subfield code="9">math/0211052</subfield>
  </datafield>
  <datafield tag="100" ind1=" " ind2=" ">
    <subfield code="a">Hengelbrock, H</subfield>
  </datafield>
  <datafield tag="245" ind1=" " ind2=" ">
    <subfield code="a">Quantum cohomology of Grassmannians modulo symmetries</subfield>
  </datafield>
  <datafield tag="260" ind1=" " ind2=" ">
    <subfield code="c">2002</subfield>
  </datafield>
  <datafield tag="269" ind1=" " ind2=" ">
    <subfield code="c">4 Nov 2002</subfield>
  </datafield>
  <datafield tag="300" ind1=" " ind2=" ">
    <subfield code="a">11 p</subfield>
  </datafield>
  <datafield tag="520" ind1=" " ind2=" ">
    <subfield code="a">The quantum cohomology of Grassmannians exhibits two symmetries related to the quantum product, namely a \Bbb {Z}/n action and an involution related to complex conjugation. We construct a new ring by dividing out these symmetries in an ideal theoretic way and analyze its structure, which is shown to control the sum of all coefficients appearing in the product of cohomology classes. We derive a combinatorial formula for the sum of all Littlewood-Richardson coefficients appearing in the expansion of a product of two Schur polynomials.</subfield>
  </datafield>
  <datafield tag="595" ind1=" " ind2=" ">
    <subfield code="a">LANL EDS</subfield>
  </datafield>
  <datafield tag="650" ind1="1" ind2="7">
    <subfield code="2">SzGeCERN</subfield>
    <subfield code="a">Mathematical Physics and Mathematics</subfield>
  </datafield>
  <datafield tag="690" ind1="C" ind2=" ">
    <subfield code="a">PREPRINT</subfield>
  </datafield>
  <datafield tag="694" ind1=" " ind2=" ">
    <subfield code="9">LANL EDS</subfield>
    <subfield code="a">14N35</subfield>
  </datafield>
  <datafield tag="694" ind1=" " ind2=" ">
    <subfield code="9">LANL EDS</subfield>
    <subfield code="a">14N15</subfield>
  </datafield>
  <datafield tag="694" ind1=" " ind2=" ">
    <subfield code="9">LANL EDS</subfield>
    <subfield code="a">05E10</subfield>
  </datafield>
  <datafield tag="695" ind1=" " ind2=" ">
    <subfield code="9">LANL EDS</subfield>
    <subfield code="a">Algebraic Geometry</subfield>
  </datafield>
  <datafield tag="695" ind1=" " ind2=" ">
    <subfield code="9">LANL EDS</subfield>
    <subfield code="a">Combinatorics</subfield>
  </datafield>
  <datafield tag="720" ind1=" " ind2=" ">
    <subfield code="a">Hengelbrock, Harald</subfield>
  </datafield>
  <datafield tag="856" ind1="4" ind2=" ">
    <subfield code="u">http://documents.cern.ch/cgi-bin/setlink?base=preprint&amp;categ=math.AG&amp;id=0211052</subfield>
    <subfield code="y">Access to fulltext document</subfield>
  </datafield>
  <datafield tag="859" ind1=" " ind2=" ">
    <subfield code="f">harald.hengelbrock@ruhr-uni-bochum.de</subfield>
  </datafield>
  <datafield tag="916" ind1=" " ind2=" ">
    <subfield code="s">n</subfield>
    <subfield code="w">200245</subfield>
  </datafield>
  <datafield tag="960" ind1=" " ind2=" ">
    <subfield code="a">10</subfield>
  </datafield>
  <datafield tag="961" ind1=" " ind2=" ">
    <subfield code="c">20060603</subfield>
    <subfield code="h">0012</subfield>
    <subfield code="l">CER01</subfield>
    <subfield code="x">20021105</subfield>
  </datafield>
  <datafield tag="963" ind1=" " ind2=" ">
    <subfield code="a">PUBLIC</subfield>
  </datafield>
  <datafield tag="970" ind1=" " ind2=" ">
    <subfield code="a">002348871CER</subfield>
  </datafield>
  <datafield tag="980" ind1=" " ind2=" ">
    <subfield code="a">PREPRINT</subfield>
  </datafield>
  <datafield tag="980" ind1=" " ind2=" ">
    <subfield code="c">Hidden</subfield>
  </datafield>
</record>
<record>
  <controlfield tag="001">589715</controlfield>
  <controlfield tag="003">SzGeCERN</controlfield>
  <controlfield tag="005">20121219032016.0</controlfield>
  <datafield tag="024" ind1="8" ind2=" ">
    <subfield code="a">oai:cds.cern.ch:589715</subfield>
    <subfield code="p">cerncds:FULLTEXT</subfield>
  </datafield>
  <datafield tag="035" ind1=" " ind2=" ">
    <subfield code="a">2348569CERCER</subfield>
  </datafield>
  <datafield tag="041" ind1=" " ind2=" ">
    <subfield code="a">eng</subfield>
  </datafield>
  <datafield tag="088" ind1=" " ind2=" ">
    <subfield code="a">IHES-M-2002-36</subfield>
  </datafield>
  <datafield tag="088" ind1=" " ind2=" ">
    <subfield code="9">CM-P00040317</subfield>
  </datafield>
  <datafield tag="100" ind1=" " ind2=" ">
    <subfield code="a">Le, M H</subfield>
  </datafield>
  <datafield tag="245" ind1=" " ind2=" ">
    <subfield code="a">The cohomology of symmetric groups and the Quillen map at odd primes</subfield>
  </datafield>
  <datafield tag="260" ind1=" " ind2=" ">
    <subfield code="c">2002</subfield>
  </datafield>
  <datafield tag="269" ind1=" " ind2=" ">
    <subfield code="a">Bures-sur-Yvette</subfield>
    <subfield code="b">Inst. Hautes Etud. Sci.</subfield>
    <subfield code="c">Jun 2002</subfield>
  </datafield>
  <datafield tag="300" ind1=" " ind2=" ">
    <subfield code="a">20 p</subfield>
  </datafield>
  <datafield tag="650" ind1="1" ind2="7">
    <subfield code="2">SzGeCERN</subfield>
    <subfield code="a">Mathematical Physics and Mathematics</subfield>
  </datafield>
  <datafield tag="690" ind1="C" ind2=" ">
    <subfield code="a">PREPRINT</subfield>
  </datafield>
  <datafield tag="700" ind1=" " ind2=" ">
    <subfield code="a">Lesh, K</subfield>
  </datafield>
  <datafield tag="856" ind1="4" ind2=" ">
    <subfield code="u">http://preprints.cern.ch/cgi-bin/setlink?base=preprint&amp;categ=CM-P&amp;id=CM-P00040317</subfield>
    <subfield code="y">Fulltext</subfield>
  </datafield>
  <datafield tag="856" ind1="4" ind2=" ">
    <subfield code="u">http://cds.cern.ch/record/589715/files/CM-P00040317.pdf</subfield>
    <subfield code="y">Fulltext</subfield>
  </datafield>
  <datafield tag="856" ind1="4" ind2=" ">
    <subfield code="u">http://cds.cern.ch/record/589715/files/CM-P00040317.tif</subfield>
    <subfield code="y">Fulltext</subfield>
  </datafield>
  <datafield tag="916" ind1=" " ind2=" ">
    <subfield code="s">h</subfield>
    <subfield code="w">200245</subfield>
  </datafield>
  <datafield tag="960" ind1=" " ind2=" ">
    <subfield code="a">11</subfield>
  </datafield>
  <datafield tag="961" ind1=" " ind2=" ">
    <subfield code="c">20061223</subfield>
    <subfield code="h">0015</subfield>
    <subfield code="l">CER01</subfield>
    <subfield code="x">20021104</subfield>
  </datafield>
  <datafield tag="963" ind1=" " ind2=" ">
    <subfield code="a">PUBLIC</subfield>
  </datafield>
  <datafield tag="970" ind1=" " ind2=" ">
    <subfield code="a">002348569CER</subfield>
  </datafield>
  <datafield tag="980" ind1=" " ind2=" ">
    <subfield code="a">PREPRINT</subfield>
  </datafield>
</record>
<record>
  <controlfield tag="001">590408</controlfield>
  <controlfield tag="003">SzGeCERN</controlfield>
  <controlfield tag="005">20170828004904.0</controlfield>
  <datafield tag="024" ind1="8" ind2=" ">
    <subfield code="a">oai:cds.cern.ch:590408</subfield>
    <subfield code="q">cerncds:FULLTEXT</subfield>
  </datafield>
  <datafield tag="035" ind1=" " ind2=" ">
    <subfield code="a">2349269CERCER</subfield>
  </datafield>
  <datafield tag="035" ind1=" " ind2=" ">
    <subfield code="9">SPIRES</subfield>
    <subfield code="a">5374260</subfield>
  </datafield>
  <datafield tag="035" ind1=" " ind2=" ">
    <subfield code="9">Inspire</subfield>
    <subfield code="a">601430</subfield>
  </datafield>
  <datafield tag="037" ind1=" " ind2=" ">
    <subfield code="a">hep-ph/0211077</subfield>
  </datafield>
  <datafield tag="041" ind1=" " ind2=" ">
    <subfield code="a">eng</subfield>
  </datafield>
  <datafield tag="100" ind1=" " ind2=" ">
    <subfield code="a">Ivanov, M A</subfield>
  </datafield>
  <datafield tag="245" ind1=" " ind2=" ">
    <subfield code="a">Exclusive rare decays of B and B_c mesons in a relativistic quark model</subfield>
  </datafield>
  <datafield tag="260" ind1=" " ind2=" ">
    <subfield code="c">2004</subfield>
  </datafield>
  <datafield tag="269" ind1=" " ind2=" ">
    <subfield code="c">6 Nov 2002</subfield>
  </datafield>
  <datafield tag="300" ind1=" " ind2=" ">
    <subfield code="a">20 p</subfield>
  </datafield>
  <datafield tag="520" ind1=" " ind2=" ">
    <subfield code="a">In these lectures we give, first, the model-independent analysis of the exclusive rare decays B -> K l(bar) l and B_c -> D(D*) l(bar) l with special emphasis on the cascade decay B_c -> D(*)(-> D pi) l(bar) l. We derive a four-fold angular decay distribution for this process in terms of helicity amplitudes including lepton mass effects. The four-fold angular decay distribution allows to define a number of physical observables which are amenable to measurement. Second, we calculate the relevant form factors within a relativistic constituent quark model, for the first time without employing the impulse approximation. The calculated form factors are used to evaluate differential decay rates and polarization observables. We present results on a set of observables with and without long-distance contributions. and compare them with the results of other studies.</subfield>
  </datafield>
  <datafield tag="595" ind1=" " ind2=" ">
    <subfield code="a">LANL EDS</subfield>
  </datafield>
  <datafield tag="650" ind1="1" ind2="7">
    <subfield code="2">SzGeCERN</subfield>
    <subfield code="a">Particle Physics - Phenomenology</subfield>
  </datafield>
  <datafield tag="690" ind1="C" ind2=" ">
    <subfield code="a">ARTICLE</subfield>
  </datafield>
  <datafield tag="695" ind1=" " ind2=" ">
    <subfield code="9">LANL EDS</subfield>
    <subfield code="a">High Energy Physics - Phenomenology</subfield>
  </datafield>
  <datafield tag="700" ind1=" " ind2=" ">
    <subfield code="a">Lyubovitskij, V E</subfield>
  </datafield>
  <datafield tag="773" ind1=" " ind2=" ">
    <subfield code="c">245-263</subfield>
    <subfield code="p">Lect. Notes Phys.</subfield>
    <subfield code="v">647</subfield>
    <subfield code="y">2004</subfield>
  </datafield>
  <datafield tag="856" ind1="4" ind2=" ">
    <subfield code="u">http://documents.cern.ch/cgi-bin/setlink?base=preprint&amp;categ=hep-ph&amp;id=0211077</subfield>
    <subfield code="y">Access to fulltext document</subfield>
  </datafield>
  <datafield tag="856" ind1="4" ind2=" ">
    <subfield code="u">http://cds.cern.ch/record/590408/files/0211077.pdf</subfield>
    <subfield code="y">Access to fulltext document</subfield>
  </datafield>
  <datafield tag="856" ind1="4" ind2=" ">
    <subfield code="u">http://cds.cern.ch/record/590408/files/0211077.ps.gz</subfield>
    <subfield code="y">Access to fulltext document</subfield>
  </datafield>
  <datafield tag="859" ind1=" " ind2=" ">
    <subfield code="f">lubovit@tphys.physik.uni-tuebingen.de</subfield>
  </datafield>
  <datafield tag="901" ind1=" " ind2=" ">
    <subfield code="u">JINR, Dubna</subfield>
  </datafield>
  <datafield tag="901" ind1=" " ind2=" ">
    <subfield code="u">Tubingen University</subfield>
  </datafield>
  <datafield tag="916" ind1=" " ind2=" ">
    <subfield code="s">n</subfield>
    <subfield code="w">200245</subfield>
  </datafield>
  <datafield tag="960" ind1=" " ind2=" ">
    <subfield code="a">13</subfield>
  </datafield>
  <datafield tag="961" ind1=" " ind2=" ">
    <subfield code="c">20100417</subfield>
    <subfield code="h">1149</subfield>
    <subfield code="l">CER01</subfield>
    <subfield code="x">20021108</subfield>
  </datafield>
  <datafield tag="962" ind1=" " ind2=" ">
    <subfield code="b">002486226</subfield>
    <subfield code="k">245-263</subfield>
    <subfield code="n">book</subfield>
  </datafield>
  <datafield tag="963" ind1=" " ind2=" ">
    <subfield code="a">PUBLIC</subfield>
  </datafield>
  <datafield tag="970" ind1=" " ind2=" ">
    <subfield code="a">002349269CER</subfield>
  </datafield>
  <datafield tag="980" ind1=" " ind2=" ">
    <subfield code="a">ARTICLE</subfield>
  </datafield>
  <datafield tag="980" ind1=" " ind2=" ">
    <subfield code="a">BookChapter</subfield>
  </datafield>
  <datafield tag="980" ind1=" " ind2=" ">
    <subfield code="c">Hidden</subfield>
  </datafield>
</record>
<record xmlns="http://www.loc.gov/MARC21/slim">
	<controlfield tag="001">36294</controlfield>
<controlfield tag="003">SzGeCERN</controlfield>
   <datafield tag="035" ind1="" ind2="">
      <subfield code="9">ADMDSL</subfield>
      <subfield code="a">0018955</subfield>
   </datafield>
   <datafield tag="041" ind1="" ind2="">
      <subfield code="a">eng</subfield>
   </datafield>
   <datafield tag="088" ind1="" ind2="">
      <subfield code="a">SL-ADM-OUT-2000-011</subfield>
   </datafield>
   <datafield tag="100" ind1="" ind2="">
      <subfield code="a">BAILEY, R</subfield>
   </datafield>
   <datafield tag="245" ind1="" ind2="">
      <subfield code="a">SUMMARY NOTES OF THE GLM HELD ON 24.1.2000</subfield>
   </datafield>
   <datafield tag="245" ind1="" ind2="">
      <subfield code="k">report</subfield>
   </datafield>
   <datafield tag="260" ind1="" ind2="">
      <subfield code="c">2000</subfield>
   </datafield>
   <datafield tag="269" ind1="" ind2="">
      <subfield code="c">31 Jan 2000</subfield>
   </datafield>
   <datafield tag="500" ind1="" ind2="">
      <subfield code="a">GLM_2000_1</subfield>
   </datafield>
   <datafield tag="583" ind1="" ind2="">
      <subfield code="i">OUT</subfield>
   </datafield>
   <datafield tag="595" ind1="" ind2="">
      <subfield code="a">CERN EDS</subfield>
   </datafield>
   <datafield tag="650" ind1="1" ind2="7">
      <subfield code="2">SzGeCERN</subfield>
      <subfield code="a">Group Leaders</subfield>
   </datafield>
   <datafield tag="653" ind1="1" ind2="">
      <subfield code="9">CERN</subfield>
      <subfield code="a">MINUTES</subfield>
   </datafield>
   <datafield tag="710" ind1="" ind2="">
      <subfield code="5">SL</subfield>
   </datafield>
   <datafield tag="856" ind1="4" ind2="">
      <subfield code="u">http://sl-div.web.cern.ch/sl-div/cern-only/DI/SL_GLM1.pdf</subfield>
      <subfield code="y">Access to document</subfield>
   </datafield>
   <datafield tag="916" ind1="" ind2="">
      <subfield code="s">n</subfield>
      <subfield code="w">20001</subfield>
   </datafield>
   <datafield tag="926" ind1="" ind2="">
      <subfield code="a">Myers, S</subfield>
   </datafield>
   <datafield tag="960" ind1="" ind2="">
      <subfield code="a">78</subfield>
   </datafield>
   <datafield tag="961" ind1="" ind2="">
      <subfield code="c">20031203</subfield>
      <subfield code="h">0909</subfield>
      <subfield code="l">MAN01</subfield>
      <subfield code="x">20000131</subfield>
   </datafield>
   <datafield tag="963" ind1="" ind2="">
      <subfield code="a">PUBLIC</subfield>
   </datafield>
   <datafield tag="970" ind1="" ind2="">
      <subfield code="a">000024782MAN</subfield>
   </datafield>
   <datafield tag="980" ind1="" ind2="">
      <subfield code="a">DSLLIB</subfield>
   </datafield>
</record>

<record xmlns="http://www.loc.gov/MARC21/slim">
	<controlfield tag="001">36312</controlfield>
<controlfield tag="003">SzGeCERN</controlfield>
   <datafield tag="035" ind1="" ind2="">
      <subfield code="9">ADMDSL</subfield>
      <subfield code="a">0018986</subfield>
   </datafield>
   <datafield tag="041" ind1="" ind2="">
      <subfield code="a">eng</subfield>
   </datafield>
   <datafield tag="088" ind1="" ind2="">
      <subfield code="a">SL-ADM-OUT-2000-018</subfield>
   </datafield>
   <datafield tag="100" ind1="" ind2="">
      <subfield code="a">BAILEY, R.</subfield>
   </datafield>
   <datafield tag="245" ind1="" ind2="">
      <subfield code="a">SUMMARY NOTES OF THE GLM HELD ON 3.2.2000</subfield>
   </datafield>
   <datafield tag="245" ind1="" ind2="">
      <subfield code="k">report</subfield>
   </datafield>
   <datafield tag="260" ind1="" ind2="">
      <subfield code="c">2000</subfield>
   </datafield>
   <datafield tag="269" ind1="" ind2="">
      <subfield code="c">08 Feb 2000</subfield>
   </datafield>
   <datafield tag="583" ind1="" ind2="">
      <subfield code="i">OUT</subfield>
   </datafield>
   <datafield tag="595" ind1="" ind2="">
      <subfield code="a">CERN EDS</subfield>
   </datafield>
   <datafield tag="650" ind1="1" ind2="7">
      <subfield code="2">SzGeCERN</subfield>
      <subfield code="a">Group Leaders</subfield>
   </datafield>
   <datafield tag="653" ind1="1" ind2="">
      <subfield code="9">CERN</subfield>
      <subfield code="a">MINUTES</subfield>
   </datafield>
   <datafield tag="710" ind1="" ind2="">
      <subfield code="5">SL</subfield>
   </datafield>
   <datafield tag="856" ind1="4" ind2="">
      <subfield code="u">http://sl-div.web.cern.ch/sl-div/cern-only/DI/SL_GLM2.pdf</subfield>
      <subfield code="y">Access to document</subfield>
   </datafield>
   <datafield tag="916" ind1="" ind2="">
      <subfield code="s">n</subfield>
      <subfield code="w">200006</subfield>
   </datafield>
   <datafield tag="926" ind1="" ind2="">
      <subfield code="a">GROUP LEADERS</subfield>
   </datafield>
   <datafield tag="960" ind1="" ind2="">
      <subfield code="a">78</subfield>
   </datafield>
   <datafield tag="961" ind1="" ind2="">
      <subfield code="c">20031203</subfield>
      <subfield code="h">0909</subfield>
      <subfield code="l">MAN01</subfield>
      <subfield code="x">20000208</subfield>
   </datafield>
   <datafield tag="963" ind1="" ind2="">
      <subfield code="a">PUBLIC</subfield>
   </datafield>
   <datafield tag="970" ind1="" ind2="">
      <subfield code="a">000024800MAN</subfield>
   </datafield>
   <datafield tag="980" ind1="" ind2="">
      <subfield code="a">DSLLIB</subfield>
   </datafield>
</record>

<record xmlns="http://www.loc.gov/MARC21/slim">
	<controlfield tag="001">36314</controlfield>
<controlfield tag="003">SzGeCERN</controlfield>
   <datafield tag="035" ind1="" ind2="">
      <subfield code="9">ADMDSL</subfield>
      <subfield code="a">0018988</subfield>
   </datafield>
   <datafield tag="041" ind1="" ind2="">
      <subfield code="a">eng</subfield>
   </datafield>
   <datafield tag="088" ind1="" ind2="">
      <subfield code="a">SL-ADM-OUT-2000-020</subfield>
   </datafield>
   <datafield tag="100" ind1="" ind2="">
      <subfield code="a">BAILEY, R.</subfield>
   </datafield>
   <datafield tag="245" ind1="" ind2="">
      <subfield code="a">SUMMARY NOTES OF THE GLM HELD ON 7.2.2000</subfield>
   </datafield>
   <datafield tag="245" ind1="" ind2="">
      <subfield code="k">report</subfield>
   </datafield>
   <datafield tag="260" ind1="" ind2="">
      <subfield code="c">2000</subfield>
   </datafield>
   <datafield tag="269" ind1="" ind2="">
      <subfield code="c">08 Feb 2000</subfield>
   </datafield>
   <datafield tag="583" ind1="" ind2="">
      <subfield code="i">OUT</subfield>
   </datafield>
   <datafield tag="595" ind1="" ind2="">
      <subfield code="a">CERN EDS</subfield>
   </datafield>
   <datafield tag="650" ind1="1" ind2="7">
      <subfield code="2">SzGeCERN</subfield>
      <subfield code="a">Group Leaders</subfield>
   </datafield>
   <datafield tag="653" ind1="1" ind2="">
      <subfield code="9">CERN</subfield>
      <subfield code="a">MINUTES</subfield>
   </datafield>
   <datafield tag="710" ind1="" ind2="">
      <subfield code="5">SL</subfield>
   </datafield>
   <datafield tag="856" ind1="4" ind2="">
      <subfield code="u">http://sl-div.web.cern.ch/sl-div/cern-only/DI/SL_GLM3.pdf</subfield>
      <subfield code="y">Access to document</subfield>
   </datafield>
   <datafield tag="916" ind1="" ind2="">
      <subfield code="s">n</subfield>
      <subfield code="w">200006</subfield>
   </datafield>
   <datafield tag="926" ind1="" ind2="">
      <subfield code="a">SL DIVISION</subfield>
   </datafield>
   <datafield tag="960" ind1="" ind2="">
      <subfield code="a">78</subfield>
   </datafield>
   <datafield tag="961" ind1="" ind2="">
      <subfield code="c">20031203</subfield>
      <subfield code="h">0909</subfield>
      <subfield code="l">MAN01</subfield>
      <subfield code="x">20000209</subfield>
   </datafield>
   <datafield tag="963" ind1="" ind2="">
      <subfield code="a">PUBLIC</subfield>
   </datafield>
   <datafield tag="970" ind1="" ind2="">
      <subfield code="a">000024802MAN</subfield>
   </datafield>
   <datafield tag="980" ind1="" ind2="">
      <subfield code="a">DSLLIB</subfield>
   </datafield>
</record>

<record xmlns="http://www.loc.gov/MARC21/slim">
	<controlfield tag="001">36329</controlfield>
<controlfield tag="003">SzGeCERN</controlfield>
   <datafield tag="035" ind1="" ind2="">
      <subfield code="9">ADMDSL</subfield>
      <subfield code="a">0019013</subfield>
   </datafield>
   <datafield tag="041" ind1="" ind2="">
      <subfield code="a">eng</subfield>
   </datafield>
   <datafield tag="088" ind1="" ind2="">
      <subfield code="a">SL-ADM-OUT-2000-031</subfield>
   </datafield>
   <datafield tag="100" ind1="" ind2="">
      <subfield code="a">Bailey, R.</subfield>
   </datafield>
   <datafield tag="245" ind1="" ind2="">
      <subfield code="a">SUMMARY NOTES OF THE GLM HELD ON 21.2.2000</subfield>
   </datafield>
   <datafield tag="245" ind1="" ind2="">
      <subfield code="k">report</subfield>
   </datafield>
   <datafield tag="260" ind1="" ind2="">
      <subfield code="c">2000</subfield>
   </datafield>
   <datafield tag="269" ind1="" ind2="">
      <subfield code="c">22 Feb 2000</subfield>
   </datafield>
   <datafield tag="583" ind1="" ind2="">
      <subfield code="i">OUT</subfield>
   </datafield>
   <datafield tag="595" ind1="" ind2="">
      <subfield code="a">CERN EDS</subfield>
   </datafield>
   <datafield tag="650" ind1="1" ind2="7">
      <subfield code="2">SzGeCERN</subfield>
      <subfield code="a">Group Leaders</subfield>
   </datafield>
   <datafield tag="653" ind1="1" ind2="">
      <subfield code="9">CERN</subfield>
      <subfield code="a">MINUTES</subfield>
   </datafield>
   <datafield tag="710" ind1="" ind2="">
      <subfield code="5">SL</subfield>
   </datafield>
   <datafield tag="856" ind1="4" ind2="">
      <subfield code="u">http://sl-div.web.cern.ch/sl-div/cern-only/DI/SL_GLM4.pdf</subfield>
      <subfield code="y">Access to document</subfield>
   </datafield>
   <datafield tag="916" ind1="" ind2="">
      <subfield code="s">n</subfield>
      <subfield code="w">200008</subfield>
   </datafield>
   <datafield tag="926" ind1="" ind2="">
      <subfield code="a">SL Division</subfield>
   </datafield>
   <datafield tag="960" ind1="" ind2="">
      <subfield code="a">78</subfield>
   </datafield>
   <datafield tag="961" ind1="" ind2="">
      <subfield code="c">20031203</subfield>
      <subfield code="h">0909</subfield>
      <subfield code="l">MAN01</subfield>
      <subfield code="x">20000222</subfield>
   </datafield>
   <datafield tag="963" ind1="" ind2="">
      <subfield code="a">PUBLIC</subfield>
   </datafield>
   <datafield tag="970" ind1="" ind2="">
      <subfield code="a">000024817MAN</subfield>
   </datafield>
   <datafield tag="980" ind1="" ind2="">
      <subfield code="a">DSLLIB</subfield>
   </datafield>
</record>

<record xmlns="http://www.loc.gov/MARC21/slim">
	<controlfield tag="001">36340</controlfield>
<controlfield tag="003">SzGeCERN</controlfield>
   <datafield tag="035" ind1="" ind2="">
      <subfield code="9">ADMDSL</subfield>
      <subfield code="a">0019091</subfield>
   </datafield>
   <datafield tag="041" ind1="" ind2="">
      <subfield code="a">eng</subfield>
   </datafield>
   <datafield tag="088" ind1="" ind2="">
      <subfield code="a">SL-ADM-OUT-2000-037</subfield>
   </datafield>
   <datafield tag="100" ind1="" ind2="">
      <subfield code="a">Bailey, R.</subfield>
   </datafield>
   <datafield tag="245" ind1="" ind2="">
      <subfield code="a">Summary Notes of the GLM held on 06.03.2000</subfield>
   </datafield>
   <datafield tag="245" ind1="" ind2="">
      <subfield code="k">report</subfield>
   </datafield>
   <datafield tag="260" ind1="" ind2="">
      <subfield code="c">2000</subfield>
   </datafield>
   <datafield tag="269" ind1="" ind2="">
      <subfield code="c">08 Mar 2000</subfield>
   </datafield>
   <datafield tag="583" ind1="" ind2="">
      <subfield code="i">OUT</subfield>
   </datafield>
   <datafield tag="595" ind1="" ind2="">
      <subfield code="a">CERN EDS</subfield>
   </datafield>
   <datafield tag="650" ind1="1" ind2="7">
      <subfield code="2">SzGeCERN</subfield>
      <subfield code="a">Group Leaders</subfield>
   </datafield>
   <datafield tag="653" ind1="1" ind2="">
      <subfield code="9">CERN</subfield>
      <subfield code="a">Minutes</subfield>
   </datafield>
   <datafield tag="710" ind1="" ind2="">
      <subfield code="5">SL</subfield>
   </datafield>
   <datafield tag="856" ind1="4" ind2="">
      <subfield code="u">http://sl-div.web.cern.ch/sl-div/cern-only/DI/SL_GLM5.pdf</subfield>
      <subfield code="y">Access to document</subfield>
   </datafield>
   <datafield tag="916" ind1="" ind2="">
      <subfield code="s">n</subfield>
      <subfield code="w">200010</subfield>
   </datafield>
   <datafield tag="926" ind1="" ind2="">
      <subfield code="a">SL Group Leaders</subfield>
   </datafield>
   <datafield tag="960" ind1="" ind2="">
      <subfield code="a">78</subfield>
   </datafield>
   <datafield tag="961" ind1="" ind2="">
      <subfield code="c">20031203</subfield>
      <subfield code="h">0909</subfield>
      <subfield code="l">MAN01</subfield>
      <subfield code="x">20000308</subfield>
   </datafield>
   <datafield tag="963" ind1="" ind2="">
      <subfield code="a">PUBLIC</subfield>
   </datafield>
   <datafield tag="970" ind1="" ind2="">
      <subfield code="a">000024828MAN</subfield>
   </datafield>
   <datafield tag="980" ind1="" ind2="">
      <subfield code="a">DSLLIB</subfield>
   </datafield>
</record>

<record xmlns="http://www.loc.gov/MARC21/slim">
	<controlfield tag="001">36395</controlfield>
<controlfield tag="003">SzGeCERN</controlfield>
   <datafield tag="035" ind1="" ind2="">
      <subfield code="9">ADMDSL</subfield>
      <subfield code="a">0019179</subfield>
   </datafield>
   <datafield tag="041" ind1="" ind2="">
      <subfield code="a">eng</subfield>
   </datafield>
   <datafield tag="088" ind1="" ind2="">
      <subfield code="a">SL-ADM-OUT-2000-055</subfield>
   </datafield>
   <datafield tag="100" ind1="" ind2="">
      <subfield code="a">BAILEY, R.</subfield>
   </datafield>
   <datafield tag="245" ind1="" ind2="">
      <subfield code="a">Summary Notes of the GLM held on 03.04.2000</subfield>
   </datafield>
   <datafield tag="245" ind1="" ind2="">
      <subfield code="k">report</subfield>
   </datafield>
   <datafield tag="260" ind1="" ind2="">
      <subfield code="c">2000</subfield>
   </datafield>
   <datafield tag="269" ind1="" ind2="">
      <subfield code="c">05 Apr 2000</subfield>
   </datafield>
   <datafield tag="583" ind1="" ind2="">
      <subfield code="i">OUT</subfield>
   </datafield>
   <datafield tag="595" ind1="" ind2="">
      <subfield code="a">CERN EDS</subfield>
   </datafield>
   <datafield tag="650" ind1="1" ind2="7">
      <subfield code="2">SzGeCERN</subfield>
      <subfield code="a">Group Leaders</subfield>
   </datafield>
   <datafield tag="653" ind1="1" ind2="">
      <subfield code="9">CERN</subfield>
      <subfield code="a">MINUTES</subfield>
   </datafield>
   <datafield tag="710" ind1="" ind2="">
      <subfield code="5">SL</subfield>
   </datafield>
   <datafield tag="856" ind1="4" ind2="">
      <subfield code="u">http://sl-div.web.cern.ch/sl-div/cern-only/DI/SL-GLM6.html</subfield>
      <subfield code="y">Access to document</subfield>
   </datafield>
   <datafield tag="916" ind1="" ind2="">
      <subfield code="s">n</subfield>
      <subfield code="w">200014</subfield>
   </datafield>
   <datafield tag="926" ind1="" ind2="">
      <subfield code="a">ALL SL</subfield>
   </datafield>
   <datafield tag="960" ind1="" ind2="">
      <subfield code="a">78</subfield>
   </datafield>
   <datafield tag="961" ind1="" ind2="">
      <subfield code="c">20031203</subfield>
      <subfield code="h">0909</subfield>
      <subfield code="l">MAN01</subfield>
      <subfield code="x">20000405</subfield>
   </datafield>
   <datafield tag="963" ind1="" ind2="">
      <subfield code="a">PUBLIC</subfield>
   </datafield>
   <datafield tag="970" ind1="" ind2="">
      <subfield code="a">000024883MAN</subfield>
   </datafield>
   <datafield tag="980" ind1="" ind2="">
      <subfield code="a">DSLLIB</subfield>
   </datafield>
</record>

<record xmlns="http://www.loc.gov/MARC21/slim">
	<controlfield tag="001">36415</controlfield>
<controlfield tag="003">SzGeCERN</controlfield>
   <datafield tag="035" ind1="" ind2="">
      <subfield code="9">ADMDSL</subfield>
      <subfield code="a">0019209</subfield>
   </datafield>
   <datafield tag="041" ind1="" ind2="">
      <subfield code="a">eng</subfield>
   </datafield>
   <datafield tag="088" ind1="" ind2="">
      <subfield code="a">SL-ADM-OUT-2000-065</subfield>
   </datafield>
   <datafield tag="100" ind1="" ind2="">
      <subfield code="a">BAILEY, R.</subfield>
   </datafield>
   <datafield tag="245" ind1="" ind2="">
      <subfield code="a">SUMMARY NOTES OF THE GLM HELD ON 17.4.2000</subfield>
   </datafield>
   <datafield tag="245" ind1="" ind2="">
      <subfield code="k">report</subfield>
   </datafield>
   <datafield tag="260" ind1="" ind2="">
      <subfield code="c">2000</subfield>
   </datafield>
   <datafield tag="269" ind1="" ind2="">
      <subfield code="c">20 Apr 2000</subfield>
   </datafield>
   <datafield tag="583" ind1="" ind2="">
      <subfield code="i">OUT</subfield>
   </datafield>
   <datafield tag="595" ind1="" ind2="">
      <subfield code="a">CERN EDS</subfield>
   </datafield>
   <datafield tag="650" ind1="1" ind2="7">
      <subfield code="2">SzGeCERN</subfield>
      <subfield code="a">Group Leaders</subfield>
   </datafield>
   <datafield tag="653" ind1="1" ind2="">
      <subfield code="9">CERN</subfield>
      <subfield code="a">MINUTES</subfield>
   </datafield>
   <datafield tag="710" ind1="" ind2="">
      <subfield code="5">SL</subfield>
   </datafield>
   <datafield tag="856" ind1="4" ind2="">
      <subfield code="u">http://sl-div.web.cern.ch/sl-div/cern-only/DI/SL_GLM7.pdf</subfield>
      <subfield code="y">Access to document</subfield>
   </datafield>
   <datafield tag="916" ind1="" ind2="">
      <subfield code="s">n</subfield>
      <subfield code="w">200016</subfield>
   </datafield>
   <datafield tag="926" ind1="" ind2="">
      <subfield code="a">SL DIVISION</subfield>
   </datafield>
   <datafield tag="960" ind1="" ind2="">
      <subfield code="a">78</subfield>
   </datafield>
   <datafield tag="961" ind1="" ind2="">
      <subfield code="c">20031203</subfield>
      <subfield code="h">0909</subfield>
      <subfield code="l">MAN01</subfield>
      <subfield code="x">20000420</subfield>
   </datafield>
   <datafield tag="963" ind1="" ind2="">
      <subfield code="a">PUBLIC</subfield>
   </datafield>
   <datafield tag="970" ind1="" ind2="">
      <subfield code="a">000024903MAN</subfield>
   </datafield>
   <datafield tag="980" ind1="" ind2="">
      <subfield code="a">DSLLIB</subfield>
   </datafield>
</record>

<record xmlns="http://www.loc.gov/MARC21/slim">
	<controlfield tag="001">36492</controlfield>
<controlfield tag="003">SzGeCERN</controlfield>
   <datafield tag="035" ind1="" ind2="">
      <subfield code="9">ADMDSL</subfield>
      <subfield code="a">0019295</subfield>
   </datafield>
   <datafield tag="041" ind1="" ind2="">
      <subfield code="a">eng</subfield>
   </datafield>
   <datafield tag="088" ind1="" ind2="">
      <subfield code="a">SL-ADM-OUT-2000-078</subfield>
   </datafield>
   <datafield tag="100" ind1="" ind2="">
      <subfield code="a">BAILEY, R.</subfield>
   </datafield>
   <datafield tag="245" ind1="" ind2="">
      <subfield code="a">SUMMARY NOTES OF THE GLM HELD ON 15.5.2000</subfield>
   </datafield>
   <datafield tag="245" ind1="" ind2="">
      <subfield code="k">report</subfield>
   </datafield>
   <datafield tag="260" ind1="" ind2="">
      <subfield code="c">2000</subfield>
   </datafield>
   <datafield tag="269" ind1="" ind2="">
      <subfield code="c">18 May 2000</subfield>
   </datafield>
   <datafield tag="583" ind1="" ind2="">
      <subfield code="i">OUT</subfield>
   </datafield>
   <datafield tag="595" ind1="" ind2="">
      <subfield code="a">CERN EDS</subfield>
   </datafield>
   <datafield tag="650" ind1="1" ind2="7">
      <subfield code="2">SzGeCERN</subfield>
      <subfield code="a">Group Leaders</subfield>
   </datafield>
   <datafield tag="653" ind1="1" ind2="">
      <subfield code="9">CERN</subfield>
      <subfield code="a">GLM</subfield>
   </datafield>
   <datafield tag="653" ind1="1" ind2="">
      <subfield code="9">CERN</subfield>
      <subfield code="a">MINUTES</subfield>
   </datafield>
   <datafield tag="710" ind1="" ind2="">
      <subfield code="5">SL</subfield>
   </datafield>
   <datafield tag="856" ind1="4" ind2="">
      <subfield code="u">http://sl-div.web.cern.ch/sl-div/cern-only/DI/SL_GLM8.pdf</subfield>
      <subfield code="y">Access to document</subfield>
   </datafield>
   <datafield tag="916" ind1="" ind2="">
      <subfield code="s">n</subfield>
      <subfield code="w">200020</subfield>
   </datafield>
   <datafield tag="926" ind1="" ind2="">
      <subfield code="a">DIVISION SL</subfield>
   </datafield>
   <datafield tag="960" ind1="" ind2="">
      <subfield code="a">78</subfield>
   </datafield>
   <datafield tag="961" ind1="" ind2="">
      <subfield code="c">20031203</subfield>
      <subfield code="h">0909</subfield>
      <subfield code="l">MAN01</subfield>
      <subfield code="x">20000518</subfield>
   </datafield>
   <datafield tag="963" ind1="" ind2="">
      <subfield code="a">PUBLIC</subfield>
   </datafield>
   <datafield tag="970" ind1="" ind2="">
      <subfield code="a">000024980MAN</subfield>
   </datafield>
   <datafield tag="980" ind1="" ind2="">
      <subfield code="a">DSLLIB</subfield>
   </datafield>
</record>

<record xmlns="http://www.loc.gov/MARC21/slim">
	<controlfield tag="001">36507</controlfield>
<controlfield tag="003">SzGeCERN</controlfield>
   <datafield tag="035" ind1="" ind2="">
      <subfield code="9">ADMDSL</subfield>
      <subfield code="a">0019368</subfield>
   </datafield>
   <datafield tag="041" ind1="" ind2="">
      <subfield code="a">eng</subfield>
   </datafield>
   <datafield tag="088" ind1="" ind2="">
      <subfield code="a">SL-ADM-OUT-2000-083</subfield>
   </datafield>
   <datafield tag="100" ind1="" ind2="">
      <subfield code="a">BAILEY, R.</subfield>
   </datafield>
   <datafield tag="245" ind1="" ind2="">
      <subfield code="a">SUMMARY NOTES OF GLM HELD ON 05.06.2000</subfield>
   </datafield>
   <datafield tag="260" ind1="" ind2="">
      <subfield code="c">2000</subfield>
   </datafield>
   <datafield tag="269" ind1="" ind2="">
      <subfield code="c">07 Jun 2000</subfield>
   </datafield>
   <datafield tag="583" ind1="" ind2="">
      <subfield code="i">OUT</subfield>
   </datafield>
   <datafield tag="595" ind1="" ind2="">
      <subfield code="a">CERN EDS</subfield>
   </datafield>
   <datafield tag="650" ind1="1" ind2="7">
      <subfield code="2">SzGeCERN</subfield>
      <subfield code="a">Group Leaders</subfield>
   </datafield>
   <datafield tag="653" ind1="1" ind2="">
      <subfield code="9">CERN</subfield>
      <subfield code="a">GLM</subfield>
   </datafield>
   <datafield tag="710" ind1="" ind2="">
      <subfield code="5">SL</subfield>
   </datafield>
   <datafield tag="856" ind1="4" ind2="">
      <subfield code="u">http://sl-div.web.cern.ch/sl-div/cern-only/DI/SL_GLM9.pdf</subfield>
      <subfield code="y">Access to document</subfield>
   </datafield>
   <datafield tag="916" ind1="" ind2="">
      <subfield code="s">n</subfield>
      <subfield code="w">200023</subfield>
   </datafield>
   <datafield tag="926" ind1="" ind2="">
      <subfield code="a">SL</subfield>
   </datafield>
   <datafield tag="960" ind1="" ind2="">
      <subfield code="a">78</subfield>
   </datafield>
   <datafield tag="961" ind1="" ind2="">
      <subfield code="c">20031203</subfield>
      <subfield code="h">0909</subfield>
      <subfield code="l">MAN01</subfield>
      <subfield code="x">20000607</subfield>
   </datafield>
   <datafield tag="963" ind1="" ind2="">
      <subfield code="a">PUBLIC</subfield>
   </datafield>
   <datafield tag="970" ind1="" ind2="">
      <subfield code="a">000024995MAN</subfield>
   </datafield>
   <datafield tag="980" ind1="" ind2="">
      <subfield code="a">DSLLIB</subfield>
   </datafield>
</record>

<record xmlns="http://www.loc.gov/MARC21/slim">
	<controlfield tag="001">36515</controlfield>
<controlfield tag="003">SzGeCERN</controlfield>
   <datafield tag="035" ind1="" ind2="">
      <subfield code="9">ADMDSL</subfield>
      <subfield code="a">0019396</subfield>
   </datafield>
   <datafield tag="041" ind1="" ind2="">
      <subfield code="a">eng</subfield>
   </datafield>
   <datafield tag="088" ind1="" ind2="">
      <subfield code="a">SL-ADM-OUT-2000-086</subfield>
   </datafield>
   <datafield tag="100" ind1="" ind2="">
      <subfield code="a">BAILEY, R.</subfield>
   </datafield>
   <datafield tag="245" ind1="" ind2="">
      <subfield code="a">Summary Notes of the GLM held on 19.06.2000</subfield>
   </datafield>
   <datafield tag="245" ind1="" ind2="">
      <subfield code="k">report</subfield>
   </datafield>
   <datafield tag="260" ind1="" ind2="">
      <subfield code="c">2000</subfield>
   </datafield>
   <datafield tag="269" ind1="" ind2="">
      <subfield code="c">20 Jun 2000</subfield>
   </datafield>
   <datafield tag="583" ind1="" ind2="">
      <subfield code="i">OUT</subfield>
   </datafield>
   <datafield tag="595" ind1="" ind2="">
      <subfield code="a">CERN EDS</subfield>
   </datafield>
   <datafield tag="650" ind1="1" ind2="7">
      <subfield code="2">SzGeCERN</subfield>
      <subfield code="a">Group Leaders</subfield>
   </datafield>
   <datafield tag="653" ind1="1" ind2="">
      <subfield code="9">CERN</subfield>
      <subfield code="a">GLM</subfield>
   </datafield>
   <datafield tag="710" ind1="" ind2="">
      <subfield code="5">SL</subfield>
   </datafield>
   <datafield tag="856" ind1="4" ind2="">
      <subfield code="u">http://sl-div.web.cern.ch/sl-div/cern-only/DI/SL_GLM10.pdf</subfield>
      <subfield code="y">Access to document</subfield>
   </datafield>
   <datafield tag="916" ind1="" ind2="">
      <subfield code="s">n</subfield>
      <subfield code="w">200025</subfield>
   </datafield>
   <datafield tag="926" ind1="" ind2="">
      <subfield code="a">SL DIVISION</subfield>
   </datafield>
   <datafield tag="960" ind1="" ind2="">
      <subfield code="a">78</subfield>
   </datafield>
   <datafield tag="961" ind1="" ind2="">
      <subfield code="c">20031203</subfield>
      <subfield code="h">0909</subfield>
      <subfield code="l">MAN01</subfield>
      <subfield code="x">20000620</subfield>
   </datafield>
   <datafield tag="963" ind1="" ind2="">
      <subfield code="a">PUBLIC</subfield>
   </datafield>
   <datafield tag="970" ind1="" ind2="">
      <subfield code="a">000025003MAN</subfield>
   </datafield>
   <datafield tag="980" ind1="" ind2="">
      <subfield code="a">DSLLIB</subfield>
   </datafield>
</record>

<record xmlns="http://www.loc.gov/MARC21/slim">
	<controlfield tag="001">36544</controlfield>
<controlfield tag="003">SzGeCERN</controlfield>
   <datafield tag="035" ind1="" ind2="">
      <subfield code="9">ADMDSL</subfield>
      <subfield code="a">0019451</subfield>
   </datafield>
   <datafield tag="041" ind1="" ind2="">
      <subfield code="a">eng</subfield>
   </datafield>
   <datafield tag="088" ind1="" ind2="">
      <subfield code="a">SL-ADM-OUT-2000-093</subfield>
   </datafield>
   <datafield tag="100" ind1="" ind2="">
      <subfield code="a">BAILEY, R.</subfield>
   </datafield>
   <datafield tag="245" ind1="" ind2="">
      <subfield code="a">Summary Notes of the GLM held on 10.07.2000</subfield>
   </datafield>
   <datafield tag="245" ind1="" ind2="">
      <subfield code="k">report</subfield>
   </datafield>
   <datafield tag="260" ind1="" ind2="">
      <subfield code="c">2000</subfield>
   </datafield>
   <datafield tag="269" ind1="" ind2="">
      <subfield code="c">13 Jul 2000</subfield>
   </datafield>
   <datafield tag="583" ind1="" ind2="">
      <subfield code="i">OUT</subfield>
   </datafield>
   <datafield tag="595" ind1="" ind2="">
      <subfield code="a">CERN EDS</subfield>
   </datafield>
   <datafield tag="650" ind1="1" ind2="7">
      <subfield code="2">SzGeCERN</subfield>
      <subfield code="a">Group Leaders</subfield>
   </datafield>
   <datafield tag="653" ind1="1" ind2="">
      <subfield code="9">CERN</subfield>
      <subfield code="a">GLM</subfield>
   </datafield>
   <datafield tag="710" ind1="" ind2="">
      <subfield code="5">SL</subfield>
   </datafield>
   <datafield tag="856" ind1="4" ind2="">
      <subfield code="u">http://sl-div.web.cern.ch/sl-div/cern-only/DI/SL_GLM11.pdf</subfield>
      <subfield code="y">Access to document</subfield>
   </datafield>
   <datafield tag="916" ind1="" ind2="">
      <subfield code="s">n</subfield>
      <subfield code="w">200028</subfield>
   </datafield>
   <datafield tag="926" ind1="" ind2="">
      <subfield code="a">DIVISION SL</subfield>
   </datafield>
   <datafield tag="960" ind1="" ind2="">
      <subfield code="a">78</subfield>
   </datafield>
   <datafield tag="961" ind1="" ind2="">
      <subfield code="c">20031203</subfield>
      <subfield code="h">0909</subfield>
      <subfield code="l">MAN01</subfield>
      <subfield code="x">20000713</subfield>
   </datafield>
   <datafield tag="963" ind1="" ind2="">
      <subfield code="a">PUBLIC</subfield>
   </datafield>
   <datafield tag="970" ind1="" ind2="">
      <subfield code="a">000025032MAN</subfield>
   </datafield>
   <datafield tag="980" ind1="" ind2="">
      <subfield code="a">DSLLIB</subfield>
   </datafield>
</record>

<record xmlns="http://www.loc.gov/MARC21/slim">
	<controlfield tag="001">36580</controlfield>
<controlfield tag="003">SzGeCERN</controlfield>
   <datafield tag="035" ind1="" ind2="">
      <subfield code="9">ADMDSL</subfield>
      <subfield code="a">0019536</subfield>
   </datafield>
   <datafield tag="041" ind1="" ind2="">
      <subfield code="a">eng</subfield>
   </datafield>
   <datafield tag="088" ind1="" ind2="">
      <subfield code="a">SL-ADM-OUT-2000-098</subfield>
   </datafield>
   <datafield tag="100" ind1="" ind2="">
      <subfield code="a">POOLE, J</subfield>
   </datafield>
   <datafield tag="245" ind1="" ind2="">
      <subfield code="a">Summary notes of the GLM held on 21.8.2000</subfield>
   </datafield>
   <datafield tag="245" ind1="" ind2="">
      <subfield code="k">report</subfield>
   </datafield>
   <datafield tag="260" ind1="" ind2="">
      <subfield code="c">2000</subfield>
   </datafield>
   <datafield tag="269" ind1="" ind2="">
      <subfield code="c">23 Aug 2000</subfield>
   </datafield>
   <datafield tag="583" ind1="" ind2="">
      <subfield code="i">OUT</subfield>
   </datafield>
   <datafield tag="595" ind1="" ind2="">
      <subfield code="a">CERN EDS</subfield>
   </datafield>
   <datafield tag="650" ind1="1" ind2="7">
      <subfield code="2">SzGeCERN</subfield>
      <subfield code="a">Group Leaders</subfield>
   </datafield>
   <datafield tag="653" ind1="1" ind2="">
      <subfield code="9">CERN</subfield>
      <subfield code="a">GLM</subfield>
   </datafield>
   <datafield tag="710" ind1="" ind2="">
      <subfield code="5">SL</subfield>
   </datafield>
   <datafield tag="856" ind1="4" ind2="">
      <subfield code="u">http://sl-div.web.cern.ch/sl-div/cern-only/DI/SL_GLM12.pdf</subfield>
      <subfield code="y">Access to document</subfield>
   </datafield>
   <datafield tag="916" ind1="" ind2="">
      <subfield code="s">n</subfield>
      <subfield code="w">200034</subfield>
   </datafield>
   <datafield tag="926" ind1="" ind2="">
      <subfield code="a">Division SL</subfield>
   </datafield>
   <datafield tag="960" ind1="" ind2="">
      <subfield code="a">78</subfield>
   </datafield>
   <datafield tag="961" ind1="" ind2="">
      <subfield code="c">20031203</subfield>
      <subfield code="h">0909</subfield>
      <subfield code="l">MAN01</subfield>
      <subfield code="x">20000824</subfield>
   </datafield>
   <datafield tag="963" ind1="" ind2="">
      <subfield code="a">PUBLIC</subfield>
   </datafield>
   <datafield tag="970" ind1="" ind2="">
      <subfield code="a">000025068MAN</subfield>
   </datafield>
   <datafield tag="980" ind1="" ind2="">
      <subfield code="a">DSLLIB</subfield>
   </datafield>
</record>

<record xmlns="http://www.loc.gov/MARC21/slim">
	<controlfield tag="001">36594</controlfield>
<controlfield tag="003">SzGeCERN</controlfield>
   <datafield tag="035" ind1="" ind2="">
      <subfield code="9">ADMDSL</subfield>
      <subfield code="a">0019622</subfield>
   </datafield>
   <datafield tag="041" ind1="" ind2="">
      <subfield code="a">eng</subfield>
   </datafield>
   <datafield tag="088" ind1="" ind2="">
      <subfield code="a">SL-ADM-OUT-2000-103</subfield>
   </datafield>
   <datafield tag="100" ind1="" ind2="">
      <subfield code="a">R. Bailey</subfield>
   </datafield>
   <datafield tag="245" ind1="" ind2="">
      <subfield code="a">Summary notes of the GLM held on 04.09.2000</subfield>
   </datafield>
   <datafield tag="245" ind1="" ind2="">
      <subfield code="k">report</subfield>
   </datafield>
   <datafield tag="260" ind1="" ind2="">
      <subfield code="c">2000</subfield>
   </datafield>
   <datafield tag="269" ind1="" ind2="">
      <subfield code="c">05 Sep 2000</subfield>
   </datafield>
   <datafield tag="583" ind1="" ind2="">
      <subfield code="i">OUT</subfield>
   </datafield>
   <datafield tag="595" ind1="" ind2="">
      <subfield code="a">CERN EDS</subfield>
   </datafield>
   <datafield tag="650" ind1="1" ind2="7">
      <subfield code="2">SzGeCERN</subfield>
      <subfield code="a">Group Leaders</subfield>
   </datafield>
   <datafield tag="653" ind1="1" ind2="">
      <subfield code="9">CERN</subfield>
      <subfield code="a">GLM</subfield>
   </datafield>
   <datafield tag="710" ind1="" ind2="">
      <subfield code="5">SL</subfield>
   </datafield>
   <datafield tag="856" ind1="4" ind2="">
      <subfield code="u">http://sl-div.web.cern.ch/sl-div/cern-only/DI/SL_GLM13.pdf</subfield>
      <subfield code="y">Access to document</subfield>
   </datafield>
   <datafield tag="916" ind1="" ind2="">
      <subfield code="s">n</subfield>
      <subfield code="w">200036</subfield>
   </datafield>
   <datafield tag="926" ind1="" ind2="">
      <subfield code="a">SL Division</subfield>
   </datafield>
   <datafield tag="960" ind1="" ind2="">
      <subfield code="a">78</subfield>
   </datafield>
   <datafield tag="961" ind1="" ind2="">
      <subfield code="c">20031203</subfield>
      <subfield code="h">0909</subfield>
      <subfield code="l">MAN01</subfield>
      <subfield code="x">20000905</subfield>
   </datafield>
   <datafield tag="963" ind1="" ind2="">
      <subfield code="a">PUBLIC</subfield>
   </datafield>
   <datafield tag="970" ind1="" ind2="">
      <subfield code="a">000025082MAN</subfield>
   </datafield>
   <datafield tag="980" ind1="" ind2="">
      <subfield code="a">DSLLIB</subfield>
   </datafield>
</record>

<record xmlns="http://www.loc.gov/MARC21/slim">
	<controlfield tag="001">36612</controlfield>
<controlfield tag="003">SzGeCERN</controlfield>
   <datafield tag="035" ind1="" ind2="">
      <subfield code="9">ADMDSL</subfield>
      <subfield code="a">0019700</subfield>
   </datafield>
   <datafield tag="041" ind1="" ind2="">
      <subfield code="a">eng</subfield>
   </datafield>
   <datafield tag="088" ind1="" ind2="">
      <subfield code="a">SL-ADM-OUT-2000-107</subfield>
   </datafield>
   <datafield tag="100" ind1="" ind2="">
      <subfield code="a">POOLE, J.</subfield>
   </datafield>
   <datafield tag="245" ind1="" ind2="">
      <subfield code="a">Summary Notes of the GLM held on 18.09.2000</subfield>
   </datafield>
   <datafield tag="245" ind1="" ind2="">
      <subfield code="k">report</subfield>
   </datafield>
   <datafield tag="260" ind1="" ind2="">
      <subfield code="c">2000</subfield>
   </datafield>
   <datafield tag="269" ind1="" ind2="">
      <subfield code="c">27 Sep 2000</subfield>
   </datafield>
   <datafield tag="583" ind1="" ind2="">
      <subfield code="i">OUT</subfield>
   </datafield>
   <datafield tag="595" ind1="" ind2="">
      <subfield code="a">CERN EDS</subfield>
   </datafield>
   <datafield tag="650" ind1="1" ind2="7">
      <subfield code="2">SzGeCERN</subfield>
      <subfield code="a">Group Leaders</subfield>
   </datafield>
   <datafield tag="653" ind1="1" ind2="">
      <subfield code="9">CERN</subfield>
      <subfield code="a">GLM</subfield>
   </datafield>
   <datafield tag="710" ind1="" ind2="">
      <subfield code="5">SL</subfield>
   </datafield>
   <datafield tag="856" ind1="4" ind2="">
      <subfield code="u">http://sl-div.web.cern.ch/sl-div/cern-only/DI/SL_GLM14.pdf</subfield>
      <subfield code="y">Access to document</subfield>
   </datafield>
   <datafield tag="916" ind1="" ind2="">
      <subfield code="s">n</subfield>
      <subfield code="w">200039</subfield>
   </datafield>
   <datafield tag="926" ind1="" ind2="">
      <subfield code="a">SL Division</subfield>
   </datafield>
   <datafield tag="960" ind1="" ind2="">
      <subfield code="a">78</subfield>
   </datafield>
   <datafield tag="961" ind1="" ind2="">
      <subfield code="c">20031203</subfield>
      <subfield code="h">0909</subfield>
      <subfield code="l">MAN01</subfield>
      <subfield code="x">20000927</subfield>
   </datafield>
   <datafield tag="963" ind1="" ind2="">
      <subfield code="a">PUBLIC</subfield>
   </datafield>
   <datafield tag="970" ind1="" ind2="">
      <subfield code="a">000025100MAN</subfield>
   </datafield>
   <datafield tag="980" ind1="" ind2="">
      <subfield code="a">DSLLIB</subfield>
   </datafield>
</record>

<record xmlns="http://www.loc.gov/MARC21/slim">
	<controlfield tag="001">36617</controlfield>
<controlfield tag="003">SzGeCERN</controlfield>
   <datafield tag="035" ind1="" ind2="">
      <subfield code="9">ADMDSL</subfield>
      <subfield code="a">0019709</subfield>
   </datafield>
   <datafield tag="041" ind1="" ind2="">
      <subfield code="a">eng</subfield>
   </datafield>
   <datafield tag="088" ind1="" ind2="">
      <subfield code="a">SL-ADM-OUT-2000-111</subfield>
   </datafield>
   <datafield tag="100" ind1="" ind2="">
      <subfield code="a">BAILEY, R.</subfield>
   </datafield>
   <datafield tag="245" ind1="" ind2="">
      <subfield code="a">Summary notes of the GLM held on 2.10.2000</subfield>
   </datafield>
   <datafield tag="245" ind1="" ind2="">
      <subfield code="k">report</subfield>
   </datafield>
   <datafield tag="260" ind1="" ind2="">
      <subfield code="c">2000</subfield>
   </datafield>
   <datafield tag="269" ind1="" ind2="">
      <subfield code="c">03 Oct 2000</subfield>
   </datafield>
   <datafield tag="583" ind1="" ind2="">
      <subfield code="i">OUT</subfield>
   </datafield>
   <datafield tag="595" ind1="" ind2="">
      <subfield code="a">CERN EDS</subfield>
   </datafield>
   <datafield tag="650" ind1="1" ind2="7">
      <subfield code="2">SzGeCERN</subfield>
      <subfield code="a">Group Leaders</subfield>
   </datafield>
   <datafield tag="653" ind1="1" ind2="">
      <subfield code="9">CERN</subfield>
      <subfield code="a">GLM</subfield>
   </datafield>
   <datafield tag="710" ind1="" ind2="">
      <subfield code="5">SL</subfield>
   </datafield>
   <datafield tag="856" ind1="4" ind2="">
      <subfield code="u">http://sl-div.web.cern.ch/sl-div/cern-only/DI/SL_GLM15.pdf</subfield>
      <subfield code="y">Access to document</subfield>
   </datafield>
   <datafield tag="916" ind1="" ind2="">
      <subfield code="s">n</subfield>
      <subfield code="w">200040</subfield>
   </datafield>
   <datafield tag="926" ind1="" ind2="">
      <subfield code="a">SL Division</subfield>
   </datafield>
   <datafield tag="960" ind1="" ind2="">
      <subfield code="a">78</subfield>
   </datafield>
   <datafield tag="961" ind1="" ind2="">
      <subfield code="c">20031203</subfield>
      <subfield code="h">0909</subfield>
      <subfield code="l">MAN01</subfield>
      <subfield code="x">20001003</subfield>
   </datafield>
   <datafield tag="963" ind1="" ind2="">
      <subfield code="a">PUBLIC</subfield>
   </datafield>
   <datafield tag="970" ind1="" ind2="">
      <subfield code="a">000025105MAN</subfield>
   </datafield>
   <datafield tag="980" ind1="" ind2="">
      <subfield code="a">DSLLIB</subfield>
   </datafield>
</record>

<record xmlns="http://www.loc.gov/MARC21/slim">
	<controlfield tag="001">36636</controlfield>
<controlfield tag="003">SzGeCERN</controlfield>
   <datafield tag="035" ind1="" ind2="">
      <subfield code="9">ADMDSL</subfield>
      <subfield code="a">0019817</subfield>
   </datafield>
   <datafield tag="041" ind1="" ind2="">
      <subfield code="a">eng</subfield>
   </datafield>
   <datafield tag="088" ind1="" ind2="">
      <subfield code="a">SL-ADM-OUT-2000-115</subfield>
   </datafield>
   <datafield tag="100" ind1="" ind2="">
      <subfield code="a">BAILEY, R.</subfield>
   </datafield>
   <datafield tag="245" ind1="" ind2="">
      <subfield code="a">Summary Notes of the GLM held on 16.10.2000</subfield>
   </datafield>
   <datafield tag="245" ind1="" ind2="">
      <subfield code="k">report</subfield>
   </datafield>
   <datafield tag="260" ind1="" ind2="">
      <subfield code="c">2000</subfield>
   </datafield>
   <datafield tag="269" ind1="" ind2="">
      <subfield code="c">16 Oct 2000</subfield>
   </datafield>
   <datafield tag="583" ind1="" ind2="">
      <subfield code="i">OUT</subfield>
   </datafield>
   <datafield tag="595" ind1="" ind2="">
      <subfield code="a">CERN EDS</subfield>
   </datafield>
   <datafield tag="650" ind1="1" ind2="7">
      <subfield code="2">SzGeCERN</subfield>
      <subfield code="a">Group Leaders</subfield>
   </datafield>
   <datafield tag="653" ind1="1" ind2="">
      <subfield code="9">CERN</subfield>
      <subfield code="a">GLM</subfield>
   </datafield>
   <datafield tag="710" ind1="" ind2="">
      <subfield code="5">SL</subfield>
   </datafield>
   <datafield tag="856" ind1="4" ind2="">
      <subfield code="u">http://sl-div.web.cern.ch/sl-div/cern-only/DI/SL_GLM16.pdf</subfield>
      <subfield code="y">Access to document</subfield>
   </datafield>
   <datafield tag="916" ind1="" ind2="">
      <subfield code="s">n</subfield>
      <subfield code="w">200042</subfield>
   </datafield>
   <datafield tag="926" ind1="" ind2="">
      <subfield code="a">SL DIVISION</subfield>
   </datafield>
   <datafield tag="960" ind1="" ind2="">
      <subfield code="a">78</subfield>
   </datafield>
   <datafield tag="961" ind1="" ind2="">
      <subfield code="c">20031203</subfield>
      <subfield code="h">0909</subfield>
      <subfield code="l">MAN01</subfield>
      <subfield code="x">20001016</subfield>
   </datafield>
   <datafield tag="963" ind1="" ind2="">
      <subfield code="a">PUBLIC</subfield>
   </datafield>
   <datafield tag="970" ind1="" ind2="">
      <subfield code="a">000025124MAN</subfield>
   </datafield>
   <datafield tag="980" ind1="" ind2="">
      <subfield code="a">DSLLIB</subfield>
   </datafield>
</record>

<record xmlns="http://www.loc.gov/MARC21/slim">
	<controlfield tag="001">36647</controlfield>
<controlfield tag="003">SzGeCERN</controlfield>
   <datafield tag="035" ind1="" ind2="">
      <subfield code="9">ADMDSL</subfield>
      <subfield code="a">0019882</subfield>
   </datafield>
   <datafield tag="041" ind1="" ind2="">
      <subfield code="a">eng</subfield>
   </datafield>
   <datafield tag="088" ind1="" ind2="">
      <subfield code="a">SL-ADM-OUT-2000-121</subfield>
   </datafield>
   <datafield tag="100" ind1="" ind2="">
      <subfield code="a">BAILEY, R.</subfield>
   </datafield>
   <datafield tag="245" ind1="" ind2="">
      <subfield code="a">Summary Notes of the GLM held on 30.10.2000</subfield>
   </datafield>
   <datafield tag="245" ind1="" ind2="">
      <subfield code="k">report</subfield>
   </datafield>
   <datafield tag="260" ind1="" ind2="">
      <subfield code="c">2000</subfield>
   </datafield>
   <datafield tag="269" ind1="" ind2="">
      <subfield code="c">31 Oct 2000</subfield>
   </datafield>
   <datafield tag="500" ind1="" ind2="">
      <subfield code="a">Meeting on 30.10.2000</subfield>
   </datafield>
   <datafield tag="583" ind1="" ind2="">
      <subfield code="i">OUT</subfield>
   </datafield>
   <datafield tag="595" ind1="" ind2="">
      <subfield code="a">CERN EDS</subfield>
   </datafield>
   <datafield tag="650" ind1="1" ind2="7">
      <subfield code="2">SzGeCERN</subfield>
      <subfield code="a">Group Leaders</subfield>
   </datafield>
   <datafield tag="653" ind1="1" ind2="">
      <subfield code="9">CERN</subfield>
      <subfield code="a">GLM</subfield>
   </datafield>
   <datafield tag="710" ind1="" ind2="">
      <subfield code="5">SL</subfield>
   </datafield>
   <datafield tag="856" ind1="4" ind2="">
      <subfield code="u">http://sl-div.web.cern.ch/sl-div/cern-only/DI/SL_GLM17.pdf</subfield>
      <subfield code="y">Access to document</subfield>
   </datafield>
   <datafield tag="916" ind1="" ind2="">
      <subfield code="s">n</subfield>
      <subfield code="w">200044</subfield>
   </datafield>
   <datafield tag="926" ind1="" ind2="">
      <subfield code="a">SL Division</subfield>
   </datafield>
   <datafield tag="960" ind1="" ind2="">
      <subfield code="a">78</subfield>
   </datafield>
   <datafield tag="961" ind1="" ind2="">
      <subfield code="c">20031203</subfield>
      <subfield code="h">0909</subfield>
      <subfield code="l">MAN01</subfield>
      <subfield code="x">20001031</subfield>
   </datafield>
   <datafield tag="963" ind1="" ind2="">
      <subfield code="a">PUBLIC</subfield>
   </datafield>
   <datafield tag="970" ind1="" ind2="">
      <subfield code="a">000025135MAN</subfield>
   </datafield>
   <datafield tag="980" ind1="" ind2="">
      <subfield code="a">DSLLIB</subfield>
   </datafield>
</record>

<record xmlns="http://www.loc.gov/MARC21/slim">
	<controlfield tag="001">36670</controlfield>
<controlfield tag="003">SzGeCERN</controlfield>
   <datafield tag="035" ind1="" ind2="">
      <subfield code="9">ADMDSL</subfield>
      <subfield code="a">0019964</subfield>
   </datafield>
   <datafield tag="041" ind1="" ind2="">
      <subfield code="a">eng</subfield>
   </datafield>
   <datafield tag="088" ind1="" ind2="">
      <subfield code="a">SL-ADM-OUT-2000-129</subfield>
   </datafield>
   <datafield tag="100" ind1="" ind2="">
      <subfield code="a">BAILEY, R</subfield>
   </datafield>
   <datafield tag="245" ind1="" ind2="">
      <subfield code="a">Summary notes of the GLM held on 13.11.2000</subfield>
   </datafield>
   <datafield tag="245" ind1="" ind2="">
      <subfield code="k">report</subfield>
   </datafield>
   <datafield tag="260" ind1="" ind2="">
      <subfield code="c">2000</subfield>
   </datafield>
   <datafield tag="269" ind1="" ind2="">
      <subfield code="c">15 Nov 2000</subfield>
   </datafield>
   <datafield tag="583" ind1="" ind2="">
      <subfield code="i">OUT</subfield>
   </datafield>
   <datafield tag="595" ind1="" ind2="">
      <subfield code="a">CERN EDS</subfield>
   </datafield>
   <datafield tag="650" ind1="1" ind2="7">
      <subfield code="2">SzGeCERN</subfield>
      <subfield code="a">Group Leaders</subfield>
   </datafield>
   <datafield tag="653" ind1="1" ind2="">
      <subfield code="9">CERN</subfield>
      <subfield code="a">GLM</subfield>
   </datafield>
   <datafield tag="710" ind1="" ind2="">
      <subfield code="5">SL</subfield>
   </datafield>
   <datafield tag="856" ind1="4" ind2="">
      <subfield code="u">http://sl-div.web.cern.ch/sl-div/cern-only/DI/SL_GLM18.pdf</subfield>
      <subfield code="y">Access to document</subfield>
   </datafield>
   <datafield tag="916" ind1="" ind2="">
      <subfield code="s">n</subfield>
      <subfield code="w">200046</subfield>
   </datafield>
   <datafield tag="926" ind1="" ind2="">
      <subfield code="a">Myers, S</subfield>
   </datafield>
   <datafield tag="960" ind1="" ind2="">
      <subfield code="a">78</subfield>
   </datafield>
   <datafield tag="961" ind1="" ind2="">
      <subfield code="c">20031203</subfield>
      <subfield code="h">0909</subfield>
      <subfield code="l">MAN01</subfield>
      <subfield code="x">20001116</subfield>
   </datafield>
   <datafield tag="963" ind1="" ind2="">
      <subfield code="a">PUBLIC</subfield>
   </datafield>
   <datafield tag="970" ind1="" ind2="">
      <subfield code="a">000025158MAN</subfield>
   </datafield>
   <datafield tag="980" ind1="" ind2="">
      <subfield code="a">DSLLIB</subfield>
   </datafield>
</record>

<record xmlns="http://www.loc.gov/MARC21/slim">
	<controlfield tag="001">36672</controlfield>
<controlfield tag="003">SzGeCERN</controlfield>
   <datafield tag="035" ind1="" ind2="">
      <subfield code="9">ADMDSL</subfield>
      <subfield code="a">0019999</subfield>
   </datafield>
   <datafield tag="041" ind1="" ind2="">
      <subfield code="a">eng</subfield>
   </datafield>
   <datafield tag="088" ind1="" ind2="">
      <subfield code="a">SL-ADM-OUT-2000-131</subfield>
   </datafield>
   <datafield tag="100" ind1="" ind2="">
      <subfield code="a">BAILEY, R</subfield>
   </datafield>
   <datafield tag="245" ind1="" ind2="">
      <subfield code="a">Summary notes of the special GLM held on 21.11.2000</subfield>
   </datafield>
   <datafield tag="245" ind1="" ind2="">
      <subfield code="k">report</subfield>
   </datafield>
   <datafield tag="260" ind1="" ind2="">
      <subfield code="c">2000</subfield>
   </datafield>
   <datafield tag="269" ind1="" ind2="">
      <subfield code="c">23 Nov 2000</subfield>
   </datafield>
   <datafield tag="583" ind1="" ind2="">
      <subfield code="i">OUT</subfield>
   </datafield>
   <datafield tag="595" ind1="" ind2="">
      <subfield code="a">CERN EDS</subfield>
   </datafield>
   <datafield tag="650" ind1="1" ind2="7">
      <subfield code="2">SzGeCERN</subfield>
      <subfield code="a">Group Leaders</subfield>
   </datafield>
   <datafield tag="653" ind1="1" ind2="">
      <subfield code="9">CERN</subfield>
      <subfield code="a">GLM</subfield>
   </datafield>
   <datafield tag="710" ind1="" ind2="">
      <subfield code="5">SL</subfield>
   </datafield>
   <datafield tag="856" ind1="4" ind2="">
      <subfield code="u">http://sl-div.web.cern.ch/sl-div/cern-only/DI/SL_GLM19.pdf</subfield>
      <subfield code="y">Access to document</subfield>
   </datafield>
   <datafield tag="916" ind1="" ind2="">
      <subfield code="s">n</subfield>
      <subfield code="w">200047</subfield>
   </datafield>
   <datafield tag="926" ind1="" ind2="">
      <subfield code="a">SL Division</subfield>
   </datafield>
   <datafield tag="960" ind1="" ind2="">
      <subfield code="a">78</subfield>
   </datafield>
   <datafield tag="961" ind1="" ind2="">
      <subfield code="c">20031203</subfield>
      <subfield code="h">0909</subfield>
      <subfield code="l">MAN01</subfield>
      <subfield code="x">20001123</subfield>
   </datafield>
   <datafield tag="963" ind1="" ind2="">
      <subfield code="a">PUBLIC</subfield>
   </datafield>
   <datafield tag="970" ind1="" ind2="">
      <subfield code="a">000025160MAN</subfield>
   </datafield>
   <datafield tag="980" ind1="" ind2="">
      <subfield code="a">DSLLIB</subfield>
   </datafield>
</record>

<record xmlns="http://www.loc.gov/MARC21/slim">
	<controlfield tag="001">36692</controlfield>
<controlfield tag="003">SzGeCERN</controlfield>
   <datafield tag="035" ind1="" ind2="">
      <subfield code="9">ADMDSL</subfield>
      <subfield code="a">0020133</subfield>
   </datafield>
   <datafield tag="041" ind1="" ind2="">
      <subfield code="a">eng</subfield>
   </datafield>
   <datafield tag="088" ind1="" ind2="">
      <subfield code="a">SL-ADM-OUT-2000-144</subfield>
   </datafield>
   <datafield tag="100" ind1="" ind2="">
      <subfield code="a">BAILEY, R.</subfield>
   </datafield>
   <datafield tag="245" ind1="" ind2="">
      <subfield code="a">Summary notes of the special GLM held on 11.12.2000</subfield>
   </datafield>
   <datafield tag="245" ind1="" ind2="">
      <subfield code="k">report</subfield>
   </datafield>
   <datafield tag="260" ind1="" ind2="">
      <subfield code="c">2000</subfield>
   </datafield>
   <datafield tag="269" ind1="" ind2="">
      <subfield code="c">12 Dec 2000</subfield>
   </datafield>
   <datafield tag="583" ind1="" ind2="">
      <subfield code="i">OUT</subfield>
   </datafield>
   <datafield tag="595" ind1="" ind2="">
      <subfield code="a">CERN EDS</subfield>
   </datafield>
   <datafield tag="650" ind1="1" ind2="7">
      <subfield code="2">SzGeCERN</subfield>
      <subfield code="a">Group Leaders</subfield>
   </datafield>
   <datafield tag="653" ind1="1" ind2="">
      <subfield code="9">CERN</subfield>
      <subfield code="a">GLM</subfield>
   </datafield>
   <datafield tag="710" ind1="" ind2="">
      <subfield code="5">SL</subfield>
   </datafield>
   <datafield tag="856" ind1="4" ind2="">
      <subfield code="u">http://sl-div.web.cern.ch/sl-div/cern-only/DI/SL_GLM20.pdf</subfield>
      <subfield code="y">Access to document</subfield>
   </datafield>
   <datafield tag="916" ind1="" ind2="">
      <subfield code="s">n</subfield>
      <subfield code="w">200050</subfield>
   </datafield>
   <datafield tag="926" ind1="" ind2="">
      <subfield code="a">SL Division</subfield>
   </datafield>
   <datafield tag="960" ind1="" ind2="">
      <subfield code="a">78</subfield>
   </datafield>
   <datafield tag="961" ind1="" ind2="">
      <subfield code="c">20031203</subfield>
      <subfield code="h">0909</subfield>
      <subfield code="l">MAN01</subfield>
      <subfield code="x">20001213</subfield>
   </datafield>
   <datafield tag="963" ind1="" ind2="">
      <subfield code="a">PUBLIC</subfield>
   </datafield>
   <datafield tag="970" ind1="" ind2="">
      <subfield code="a">000025180MAN</subfield>
   </datafield>
   <datafield tag="980" ind1="" ind2="">
      <subfield code="a">DSLLIB</subfield>
   </datafield>
</record>

<record xmlns="http://www.loc.gov/MARC21/slim">
	<controlfield tag="001">36721</controlfield>
<controlfield tag="003">SzGeCERN</controlfield>
   <datafield tag="035" ind1="" ind2="">
      <subfield code="9">ADMDSL</subfield>
      <subfield code="a">0020246</subfield>
   </datafield>
   <datafield tag="041" ind1="" ind2="">
      <subfield code="a">eng</subfield>
   </datafield>
   <datafield tag="088" ind1="" ind2="">
      <subfield code="a">SL-ADM-OUT-2001-003</subfield>
   </datafield>
   <datafield tag="100" ind1="" ind2="">
      <subfield code="a">BAILEY, R.</subfield>
   </datafield>
   <datafield tag="245" ind1="" ind2="">
      <subfield code="a">Summary Notes of the GLM held on 22.01.2001</subfield>
   </datafield>
   <datafield tag="245" ind1="" ind2="">
      <subfield code="k">report</subfield>
   </datafield>
   <datafield tag="260" ind1="" ind2="">
      <subfield code="c">2001</subfield>
   </datafield>
   <datafield tag="269" ind1="" ind2="">
      <subfield code="c">24 Jan 2001</subfield>
   </datafield>
   <datafield tag="583" ind1="" ind2="">
      <subfield code="i">OUT</subfield>
   </datafield>
   <datafield tag="595" ind1="" ind2="">
      <subfield code="a">CERN EDS</subfield>
   </datafield>
   <datafield tag="650" ind1="1" ind2="7">
      <subfield code="2">SzGeCERN</subfield>
      <subfield code="a">Group Leaders</subfield>
   </datafield>
   <datafield tag="653" ind1="1" ind2="">
      <subfield code="9">CERN</subfield>
      <subfield code="a">GLM</subfield>
   </datafield>
   <datafield tag="710" ind1="" ind2="">
      <subfield code="5">SL</subfield>
   </datafield>
   <datafield tag="856" ind1="4" ind2="">
      <subfield code="u">http://sl-div.web.cern.ch/sl-div/cern-only/DI/SL_GLM21.pdf</subfield>
      <subfield code="y">Access to document</subfield>
   </datafield>
   <datafield tag="916" ind1="" ind2="">
      <subfield code="s">n</subfield>
      <subfield code="w">200104</subfield>
   </datafield>
   <datafield tag="926" ind1="" ind2="">
      <subfield code="a">SL Division</subfield>
   </datafield>
   <datafield tag="960" ind1="" ind2="">
      <subfield code="a">78</subfield>
   </datafield>
   <datafield tag="961" ind1="" ind2="">
      <subfield code="c">20031203</subfield>
      <subfield code="h">0909</subfield>
      <subfield code="l">MAN01</subfield>
      <subfield code="x">20010124</subfield>
   </datafield>
   <datafield tag="963" ind1="" ind2="">
      <subfield code="a">PUBLIC</subfield>
   </datafield>
   <datafield tag="970" ind1="" ind2="">
      <subfield code="a">000025209MAN</subfield>
   </datafield>
   <datafield tag="980" ind1="" ind2="">
      <subfield code="a">DSLLIB</subfield>
   </datafield>
</record>

<record xmlns="http://www.loc.gov/MARC21/slim">
	<controlfield tag="001">36734</controlfield>
<controlfield tag="003">SzGeCERN</controlfield>
   <datafield tag="035" ind1="" ind2="">
      <subfield code="9">ADMDSL</subfield>
      <subfield code="a">0020313</subfield>
   </datafield>
   <datafield tag="041" ind1="" ind2="">
      <subfield code="a">eng</subfield>
   </datafield>
   <datafield tag="088" ind1="" ind2="">
      <subfield code="a">SL-ADM-OUT-2001-008</subfield>
   </datafield>
   <datafield tag="100" ind1="" ind2="">
      <subfield code="a">BAILEY, R</subfield>
   </datafield>
   <datafield tag="245" ind1="" ind2="">
      <subfield code="a">Summary Notes of the GLM held on 05.02.01</subfield>
   </datafield>
   <datafield tag="245" ind1="" ind2="">
      <subfield code="k">report</subfield>
   </datafield>
   <datafield tag="260" ind1="" ind2="">
      <subfield code="c">2001</subfield>
   </datafield>
   <datafield tag="269" ind1="" ind2="">
      <subfield code="c">07 Feb 2001</subfield>
   </datafield>
   <datafield tag="583" ind1="" ind2="">
      <subfield code="i">OUT</subfield>
   </datafield>
   <datafield tag="595" ind1="" ind2="">
      <subfield code="a">CERN EDS</subfield>
   </datafield>
   <datafield tag="650" ind1="1" ind2="7">
      <subfield code="2">SzGeCERN</subfield>
      <subfield code="a">Group Leaders</subfield>
   </datafield>
   <datafield tag="710" ind1="" ind2="">
      <subfield code="5">SL</subfield>
   </datafield>
   <datafield tag="856" ind1="4" ind2="">
      <subfield code="u">http://sl-div.web.cern.ch/sl-div/cern-only/DI/SL_GLM22.pdf</subfield>
      <subfield code="y">Access to document</subfield>
   </datafield>
   <datafield tag="916" ind1="" ind2="">
      <subfield code="s">n</subfield>
      <subfield code="w">200106</subfield>
   </datafield>
   <datafield tag="960" ind1="" ind2="">
      <subfield code="a">78</subfield>
   </datafield>
   <datafield tag="961" ind1="" ind2="">
      <subfield code="c">20031203</subfield>
      <subfield code="h">0909</subfield>
      <subfield code="l">MAN01</subfield>
      <subfield code="x">20010207</subfield>
   </datafield>
   <datafield tag="963" ind1="" ind2="">
      <subfield code="a">PUBLIC</subfield>
   </datafield>
   <datafield tag="970" ind1="" ind2="">
      <subfield code="a">000025222MAN</subfield>
   </datafield>
   <datafield tag="980" ind1="" ind2="">
      <subfield code="a">DSLLIB</subfield>
   </datafield>
</record>

<record xmlns="http://www.loc.gov/MARC21/slim">
	<controlfield tag="001">36741</controlfield>
<controlfield tag="003">SzGeCERN</controlfield>
   <datafield tag="035" ind1="" ind2="">
      <subfield code="9">ADMDSL</subfield>
      <subfield code="a">0020359</subfield>
   </datafield>
   <datafield tag="041" ind1="" ind2="">
      <subfield code="a">eng</subfield>
   </datafield>
   <datafield tag="088" ind1="" ind2="">
      <subfield code="a">SL-ADM-OUT-2001-013</subfield>
   </datafield>
   <datafield tag="100" ind1="" ind2="">
      <subfield code="a">BAILEY, R.</subfield>
   </datafield>
   <datafield tag="245" ind1="" ind2="">
      <subfield code="a">Summary Notes of the GLM held on 19.02.2001</subfield>
   </datafield>
   <datafield tag="245" ind1="" ind2="">
      <subfield code="k">report</subfield>
   </datafield>
   <datafield tag="260" ind1="" ind2="">
      <subfield code="c">2001</subfield>
   </datafield>
   <datafield tag="269" ind1="" ind2="">
      <subfield code="c">20 Feb 2001</subfield>
   </datafield>
   <datafield tag="583" ind1="" ind2="">
      <subfield code="i">OUT</subfield>
   </datafield>
   <datafield tag="595" ind1="" ind2="">
      <subfield code="a">CERN EDS</subfield>
   </datafield>
   <datafield tag="650" ind1="1" ind2="7">
      <subfield code="2">SzGeCERN</subfield>
      <subfield code="a">Group Leaders</subfield>
   </datafield>
   <datafield tag="653" ind1="1" ind2="">
      <subfield code="9">CERN</subfield>
      <subfield code="a">GLM</subfield>
   </datafield>
   <datafield tag="710" ind1="" ind2="">
      <subfield code="5">SL</subfield>
   </datafield>
   <datafield tag="856" ind1="4" ind2="">
      <subfield code="u">http://sl-div.web.cern.ch/sl-div/cern-only/DI/SL_GLM23.pdf</subfield>
      <subfield code="y">Access to document</subfield>
   </datafield>
   <datafield tag="916" ind1="" ind2="">
      <subfield code="s">n</subfield>
      <subfield code="w">200108</subfield>
   </datafield>
   <datafield tag="926" ind1="" ind2="">
      <subfield code="a">SL Division</subfield>
   </datafield>
   <datafield tag="960" ind1="" ind2="">
      <subfield code="a">78</subfield>
   </datafield>
   <datafield tag="961" ind1="" ind2="">
      <subfield code="c">20031203</subfield>
      <subfield code="h">0909</subfield>
      <subfield code="l">MAN01</subfield>
      <subfield code="x">20010220</subfield>
   </datafield>
   <datafield tag="963" ind1="" ind2="">
      <subfield code="a">PUBLIC</subfield>
   </datafield>
   <datafield tag="970" ind1="" ind2="">
      <subfield code="a">000025229MAN</subfield>
   </datafield>
   <datafield tag="980" ind1="" ind2="">
      <subfield code="a">DSLLIB</subfield>
   </datafield>
</record>

<record xmlns="http://www.loc.gov/MARC21/slim">
	<controlfield tag="001">36776</controlfield>
<controlfield tag="003">SzGeCERN</controlfield>
   <datafield tag="035" ind1="" ind2="">
      <subfield code="9">ADMDSL</subfield>
      <subfield code="a">0020505</subfield>
   </datafield>
   <datafield tag="041" ind1="" ind2="">
      <subfield code="a">eng</subfield>
   </datafield>
   <datafield tag="088" ind1="" ind2="">
      <subfield code="a">SL-ADM-OUT-2001-021</subfield>
   </datafield>
   <datafield tag="100" ind1="" ind2="">
      <subfield code="a">BAILEY, R.</subfield>
   </datafield>
   <datafield tag="245" ind1="" ind2="">
      <subfield code="a">Summary Notes of the GLM held on 05.03.2001</subfield>
   </datafield>
   <datafield tag="245" ind1="" ind2="">
      <subfield code="k">report</subfield>
   </datafield>
   <datafield tag="260" ind1="" ind2="">
      <subfield code="c">2001</subfield>
   </datafield>
   <datafield tag="269" ind1="" ind2="">
      <subfield code="c">07 Mar 2001</subfield>
   </datafield>
   <datafield tag="583" ind1="" ind2="">
      <subfield code="i">OUT</subfield>
   </datafield>
   <datafield tag="595" ind1="" ind2="">
      <subfield code="a">CERN EDS</subfield>
   </datafield>
   <datafield tag="650" ind1="1" ind2="7">
      <subfield code="2">SzGeCERN</subfield>
      <subfield code="a">Group Leaders</subfield>
   </datafield>
   <datafield tag="653" ind1="1" ind2="">
      <subfield code="9">CERN</subfield>
      <subfield code="a">GLM</subfield>
   </datafield>
   <datafield tag="710" ind1="" ind2="">
      <subfield code="5">SL</subfield>
   </datafield>
   <datafield tag="856" ind1="4" ind2="">
      <subfield code="u">http://sl-div.web.cern.ch/sl-div/cern-only/DI/SL_GLM24.pdf</subfield>
      <subfield code="y">Access to document</subfield>
   </datafield>
   <datafield tag="916" ind1="" ind2="">
      <subfield code="s">n</subfield>
      <subfield code="w">200110</subfield>
   </datafield>
   <datafield tag="926" ind1="" ind2="">
      <subfield code="a">SL Division</subfield>
   </datafield>
   <datafield tag="960" ind1="" ind2="">
      <subfield code="a">78</subfield>
   </datafield>
   <datafield tag="961" ind1="" ind2="">
      <subfield code="c">20031203</subfield>
      <subfield code="h">0909</subfield>
      <subfield code="l">MAN01</subfield>
      <subfield code="x">20010307</subfield>
   </datafield>
   <datafield tag="963" ind1="" ind2="">
      <subfield code="a">PUBLIC</subfield>
   </datafield>
   <datafield tag="970" ind1="" ind2="">
      <subfield code="a">000025264MAN</subfield>
   </datafield>
   <datafield tag="980" ind1="" ind2="">
      <subfield code="a">DSLLIB</subfield>
   </datafield>
</record>

<record xmlns="http://www.loc.gov/MARC21/slim">
	<controlfield tag="001">36799</controlfield>
<controlfield tag="003">SzGeCERN</controlfield>
   <datafield tag="035" ind1="" ind2="">
      <subfield code="9">ADMDSL</subfield>
      <subfield code="a">0020591</subfield>
   </datafield>
   <datafield tag="041" ind1="" ind2="">
      <subfield code="a">eng</subfield>
   </datafield>
   <datafield tag="088" ind1="" ind2="">
      <subfield code="a">SL-ADM-OUT-2001-029</subfield>
   </datafield>
   <datafield tag="100" ind1="" ind2="">
      <subfield code="a">BAILEY, R</subfield>
   </datafield>
   <datafield tag="245" ind1="" ind2="">
      <subfield code="a">Summary notes of the GLM held on 22-23.3.2001 at LA MAINAZ</subfield>
   </datafield>
   <datafield tag="245" ind1="" ind2="">
      <subfield code="k">report</subfield>
   </datafield>
   <datafield tag="260" ind1="" ind2="">
      <subfield code="c">2001</subfield>
   </datafield>
   <datafield tag="269" ind1="" ind2="">
      <subfield code="c">28 Mar 2001</subfield>
   </datafield>
   <datafield tag="583" ind1="" ind2="">
      <subfield code="i">OUT</subfield>
   </datafield>
   <datafield tag="595" ind1="" ind2="">
      <subfield code="a">CERN EDS</subfield>
   </datafield>
   <datafield tag="650" ind1="1" ind2="7">
      <subfield code="2">SzGeCERN</subfield>
      <subfield code="a">Group Leaders</subfield>
   </datafield>
   <datafield tag="653" ind1="1" ind2="">
      <subfield code="9">CERN</subfield>
      <subfield code="a">GLM</subfield>
   </datafield>
   <datafield tag="653" ind1="1" ind2="">
      <subfield code="9">CERN</subfield>
      <subfield code="a">CAREER STRUCTURE</subfield>
   </datafield>
   <datafield tag="710" ind1="" ind2="">
      <subfield code="5">SL</subfield>
   </datafield>
   <datafield tag="856" ind1="4" ind2="">
      <subfield code="u">http://sl-div.web.cern.ch/sl-div/cern-only/DI/SL_GLM25.pdf</subfield>
      <subfield code="y">Access to document</subfield>
   </datafield>
   <datafield tag="916" ind1="" ind2="">
      <subfield code="s">n</subfield>
      <subfield code="w">200113</subfield>
   </datafield>
   <datafield tag="926" ind1="" ind2="">
      <subfield code="a">SL</subfield>
   </datafield>
   <datafield tag="960" ind1="" ind2="">
      <subfield code="a">78</subfield>
   </datafield>
   <datafield tag="961" ind1="" ind2="">
      <subfield code="c">20031203</subfield>
      <subfield code="h">0909</subfield>
      <subfield code="l">MAN01</subfield>
      <subfield code="x">20010328</subfield>
   </datafield>
   <datafield tag="963" ind1="" ind2="">
      <subfield code="a">PUBLIC</subfield>
   </datafield>
   <datafield tag="970" ind1="" ind2="">
      <subfield code="a">000025287MAN</subfield>
   </datafield>
   <datafield tag="980" ind1="" ind2="">
      <subfield code="a">DSLLIB</subfield>
   </datafield>
</record>

<record xmlns="http://www.loc.gov/MARC21/slim">
	<controlfield tag="001">36805</controlfield>
<controlfield tag="003">SzGeCERN</controlfield>
   <datafield tag="035" ind1="" ind2="">
      <subfield code="9">ADMDSL</subfield>
      <subfield code="a">0020644</subfield>
   </datafield>
   <datafield tag="041" ind1="" ind2="">
      <subfield code="a">eng</subfield>
   </datafield>
   <datafield tag="088" ind1="" ind2="">
      <subfield code="a">SL-ADM-OUT-2001-031</subfield>
   </datafield>
   <datafield tag="100" ind1="" ind2="">
      <subfield code="a">BAILEY, R.</subfield>
   </datafield>
   <datafield tag="245" ind1="" ind2="">
      <subfield code="a">Summary Notes of the GLM held on 02.04.2001</subfield>
   </datafield>
   <datafield tag="245" ind1="" ind2="">
      <subfield code="k">report</subfield>
   </datafield>
   <datafield tag="260" ind1="" ind2="">
      <subfield code="c">2001</subfield>
   </datafield>
   <datafield tag="269" ind1="" ind2="">
      <subfield code="c">05 Apr 2001</subfield>
   </datafield>
   <datafield tag="583" ind1="" ind2="">
      <subfield code="i">OUT</subfield>
   </datafield>
   <datafield tag="595" ind1="" ind2="">
      <subfield code="a">CERN EDS</subfield>
   </datafield>
   <datafield tag="650" ind1="1" ind2="7">
      <subfield code="2">SzGeCERN</subfield>
      <subfield code="a">Group Leaders</subfield>
   </datafield>
   <datafield tag="653" ind1="1" ind2="">
      <subfield code="9">CERN</subfield>
      <subfield code="a">GLM</subfield>
   </datafield>
   <datafield tag="710" ind1="" ind2="">
      <subfield code="5">SL</subfield>
   </datafield>
   <datafield tag="856" ind1="4" ind2="">
      <subfield code="u">http://sl-div.web.cern.ch/sl-div/cern-only/DI/SL_GLM26.pdf</subfield>
      <subfield code="y">Access to document</subfield>
   </datafield>
   <datafield tag="916" ind1="" ind2="">
      <subfield code="s">n</subfield>
      <subfield code="w">200114</subfield>
   </datafield>
   <datafield tag="926" ind1="" ind2="">
      <subfield code="a">SL DIVISION</subfield>
   </datafield>
   <datafield tag="960" ind1="" ind2="">
      <subfield code="a">78</subfield>
   </datafield>
   <datafield tag="961" ind1="" ind2="">
      <subfield code="c">20031203</subfield>
      <subfield code="h">0909</subfield>
      <subfield code="l">MAN01</subfield>
      <subfield code="x">20010405</subfield>
   </datafield>
   <datafield tag="963" ind1="" ind2="">
      <subfield code="a">PUBLIC</subfield>
   </datafield>
   <datafield tag="970" ind1="" ind2="">
      <subfield code="a">000025293MAN</subfield>
   </datafield>
   <datafield tag="980" ind1="" ind2="">
      <subfield code="a">DSLLIB</subfield>
   </datafield>
</record>

<record xmlns="http://www.loc.gov/MARC21/slim">
	<controlfield tag="001">36830</controlfield>
<controlfield tag="003">SzGeCERN</controlfield>
   <datafield tag="035" ind1="" ind2="">
      <subfield code="9">ADMDSL</subfield>
      <subfield code="a">0020763</subfield>
   </datafield>
   <datafield tag="041" ind1="" ind2="">
      <subfield code="a">eng</subfield>
   </datafield>
   <datafield tag="088" ind1="" ind2="">
      <subfield code="a">SL-ADM-OUT-2001-042</subfield>
   </datafield>
   <datafield tag="100" ind1="" ind2="">
      <subfield code="a">BAILEY, R.</subfield>
   </datafield>
   <datafield tag="245" ind1="" ind2="">
      <subfield code="a">Summary notes of the GLM held on 14.5.2001</subfield>
   </datafield>
   <datafield tag="245" ind1="" ind2="">
      <subfield code="k">report</subfield>
   </datafield>
   <datafield tag="260" ind1="" ind2="">
      <subfield code="c">2001</subfield>
   </datafield>
   <datafield tag="269" ind1="" ind2="">
      <subfield code="c">15 May 2001</subfield>
   </datafield>
   <datafield tag="583" ind1="" ind2="">
      <subfield code="i">OUT</subfield>
   </datafield>
   <datafield tag="595" ind1="" ind2="">
      <subfield code="a">CERN EDS</subfield>
   </datafield>
   <datafield tag="650" ind1="1" ind2="7">
      <subfield code="2">SzGeCERN</subfield>
      <subfield code="a">Group Leaders</subfield>
   </datafield>
   <datafield tag="653" ind1="1" ind2="">
      <subfield code="9">CERN</subfield>
      <subfield code="a">GLM</subfield>
   </datafield>
   <datafield tag="710" ind1="" ind2="">
      <subfield code="5">SL</subfield>
   </datafield>
   <datafield tag="856" ind1="4" ind2="">
      <subfield code="u">http://sl-div.web.cern.ch/sl-div/cern-only/DI/SL_GLM27.pdf</subfield>
      <subfield code="y">Access to document</subfield>
   </datafield>
   <datafield tag="916" ind1="" ind2="">
      <subfield code="s">n</subfield>
      <subfield code="w">200120</subfield>
   </datafield>
   <datafield tag="926" ind1="" ind2="">
      <subfield code="a">DIVISION SL</subfield>
   </datafield>
   <datafield tag="960" ind1="" ind2="">
      <subfield code="a">78</subfield>
   </datafield>
   <datafield tag="961" ind1="" ind2="">
      <subfield code="c">20031203</subfield>
      <subfield code="h">0909</subfield>
      <subfield code="l">MAN01</subfield>
      <subfield code="x">20010515</subfield>
   </datafield>
   <datafield tag="963" ind1="" ind2="">
      <subfield code="a">PUBLIC</subfield>
   </datafield>
   <datafield tag="970" ind1="" ind2="">
      <subfield code="a">000025318MAN</subfield>
   </datafield>
   <datafield tag="980" ind1="" ind2="">
      <subfield code="a">DSLLIB</subfield>
   </datafield>
</record>

<record xmlns="http://www.loc.gov/MARC21/slim">
	<controlfield tag="001">36841</controlfield>
<controlfield tag="003">SzGeCERN</controlfield>
   <datafield tag="035" ind1="" ind2="">
      <subfield code="9">ADMDSL</subfield>
      <subfield code="a">0020830</subfield>
   </datafield>
   <datafield tag="041" ind1="" ind2="">
      <subfield code="a">eng</subfield>
   </datafield>
   <datafield tag="088" ind1="" ind2="">
      <subfield code="a">SL-ADM-OUT-2001-047</subfield>
   </datafield>
   <datafield tag="100" ind1="" ind2="">
      <subfield code="a">BAILEY, R.</subfield>
   </datafield>
   <datafield tag="245" ind1="" ind2="">
      <subfield code="a">Summary Notes of the GLM held on 28.05.2001</subfield>
   </datafield>
   <datafield tag="245" ind1="" ind2="">
      <subfield code="k">report</subfield>
   </datafield>
   <datafield tag="260" ind1="" ind2="">
      <subfield code="c">2001</subfield>
   </datafield>
   <datafield tag="269" ind1="" ind2="">
      <subfield code="c">29 May 2001</subfield>
   </datafield>
   <datafield tag="583" ind1="" ind2="">
      <subfield code="i">OUT</subfield>
   </datafield>
   <datafield tag="595" ind1="" ind2="">
      <subfield code="a">CERN EDS</subfield>
   </datafield>
   <datafield tag="650" ind1="1" ind2="7">
      <subfield code="2">SzGeCERN</subfield>
      <subfield code="a">Group Leaders</subfield>
   </datafield>
   <datafield tag="653" ind1="1" ind2="">
      <subfield code="9">CERN</subfield>
      <subfield code="a">GLM</subfield>
   </datafield>
   <datafield tag="710" ind1="" ind2="">
      <subfield code="5">SL</subfield>
   </datafield>
   <datafield tag="856" ind1="4" ind2="">
      <subfield code="u">http://sl-div.web.cern.ch/sl-div/cern-only/DI/SL_GLM28.pdf</subfield>
      <subfield code="y">Access to document</subfield>
   </datafield>
   <datafield tag="916" ind1="" ind2="">
      <subfield code="s">n</subfield>
      <subfield code="w">200122</subfield>
   </datafield>
   <datafield tag="926" ind1="" ind2="">
      <subfield code="a">SL DIVISION</subfield>
   </datafield>
   <datafield tag="960" ind1="" ind2="">
      <subfield code="a">78</subfield>
   </datafield>
   <datafield tag="961" ind1="" ind2="">
      <subfield code="c">20031203</subfield>
      <subfield code="h">0909</subfield>
      <subfield code="l">MAN01</subfield>
      <subfield code="x">20010529</subfield>
   </datafield>
   <datafield tag="963" ind1="" ind2="">
      <subfield code="a">PUBLIC</subfield>
   </datafield>
   <datafield tag="970" ind1="" ind2="">
      <subfield code="a">000025329MAN</subfield>
   </datafield>
   <datafield tag="980" ind1="" ind2="">
      <subfield code="a">DSLLIB</subfield>
   </datafield>
</record>

<record xmlns="http://www.loc.gov/MARC21/slim">
	<controlfield tag="001">36861</controlfield>
<controlfield tag="003">SzGeCERN</controlfield>
   <datafield tag="035" ind1="" ind2="">
      <subfield code="9">ADMDSL</subfield>
      <subfield code="a">0020933</subfield>
   </datafield>
   <datafield tag="041" ind1="" ind2="">
      <subfield code="a">eng</subfield>
   </datafield>
   <datafield tag="088" ind1="" ind2="">
      <subfield code="a">SL-ADM-OUT-2001-053</subfield>
   </datafield>
   <datafield tag="100" ind1="" ind2="">
      <subfield code="a">BAILEY, R.</subfield>
   </datafield>
   <datafield tag="245" ind1="" ind2="">
      <subfield code="a">Summary Notes of the GLM held on 11.6.2001</subfield>
   </datafield>
   <datafield tag="245" ind1="" ind2="">
      <subfield code="k">report</subfield>
   </datafield>
   <datafield tag="260" ind1="" ind2="">
      <subfield code="c">2001</subfield>
   </datafield>
   <datafield tag="269" ind1="" ind2="">
      <subfield code="c">12 Jun 2001</subfield>
   </datafield>
   <datafield tag="583" ind1="" ind2="">
      <subfield code="i">OUT</subfield>
   </datafield>
   <datafield tag="595" ind1="" ind2="">
      <subfield code="a">CERN EDS</subfield>
   </datafield>
   <datafield tag="650" ind1="1" ind2="7">
      <subfield code="2">SzGeCERN</subfield>
      <subfield code="a">Group Leaders</subfield>
   </datafield>
   <datafield tag="653" ind1="1" ind2="">
      <subfield code="9">CERN</subfield>
      <subfield code="a">GLM</subfield>
   </datafield>
   <datafield tag="710" ind1="" ind2="">
      <subfield code="5">SL</subfield>
   </datafield>
   <datafield tag="856" ind1="4" ind2="">
      <subfield code="u">http://sl-div.web.cern.ch/sl-div/cern-only/DI/SL_GLM29.pdf</subfield>
      <subfield code="y">Access to document</subfield>
   </datafield>
   <datafield tag="916" ind1="" ind2="">
      <subfield code="s">n</subfield>
      <subfield code="w">200124</subfield>
   </datafield>
   <datafield tag="926" ind1="" ind2="">
      <subfield code="a">SL DIVISION</subfield>
   </datafield>
   <datafield tag="960" ind1="" ind2="">
      <subfield code="a">78</subfield>
   </datafield>
   <datafield tag="961" ind1="" ind2="">
      <subfield code="c">20031203</subfield>
      <subfield code="h">0909</subfield>
      <subfield code="l">MAN01</subfield>
      <subfield code="x">20010612</subfield>
   </datafield>
   <datafield tag="963" ind1="" ind2="">
      <subfield code="a">PUBLIC</subfield>
   </datafield>
   <datafield tag="970" ind1="" ind2="">
      <subfield code="a">000025349MAN</subfield>
   </datafield>
   <datafield tag="980" ind1="" ind2="">
      <subfield code="a">DSLLIB</subfield>
   </datafield>
</record>

<record xmlns="http://www.loc.gov/MARC21/slim">
	<controlfield tag="001">36898</controlfield>
<controlfield tag="003">SzGeCERN</controlfield>
   <datafield tag="035" ind1="" ind2="">
      <subfield code="9">ADMDSL</subfield>
      <subfield code="a">0021048</subfield>
   </datafield>
   <datafield tag="041" ind1="" ind2="">
      <subfield code="a">eng</subfield>
   </datafield>
   <datafield tag="088" ind1="" ind2="">
      <subfield code="a">SL-ADM-OUT-2001-062</subfield>
   </datafield>
   <datafield tag="100" ind1="" ind2="">
      <subfield code="a">BAILEY, R.</subfield>
   </datafield>
   <datafield tag="245" ind1="" ind2="">
      <subfield code="a">Summary Notes of the GLM held on 09.07.01</subfield>
   </datafield>
   <datafield tag="245" ind1="" ind2="">
      <subfield code="k">others</subfield>
   </datafield>
   <datafield tag="260" ind1="" ind2="">
      <subfield code="c">2001</subfield>
   </datafield>
   <datafield tag="269" ind1="" ind2="">
      <subfield code="c">12 Jun 2001</subfield>
   </datafield>
   <datafield tag="520" ind1="" ind2="">
      <subfield code="a">Summary Notes of the GLM held on 09.07.01</subfield>
   </datafield>
   <datafield tag="583" ind1="" ind2="">
      <subfield code="i">OUT</subfield>
   </datafield>
   <datafield tag="595" ind1="" ind2="">
      <subfield code="a">CERN EDS</subfield>
   </datafield>
   <datafield tag="650" ind1="1" ind2="7">
      <subfield code="2">SzGeCERN</subfield>
      <subfield code="a">Group Leaders</subfield>
   </datafield>
   <datafield tag="710" ind1="" ind2="">
      <subfield code="5">SL</subfield>
   </datafield>
   <datafield tag="856" ind1="4" ind2="">
      <subfield code="u">http://sl-div.web.cern.ch/sl-div/cern-only/DI/SL_GLM30.pdf</subfield>
      <subfield code="y">Access to document</subfield>
   </datafield>
   <datafield tag="916" ind1="" ind2="">
      <subfield code="s">n</subfield>
      <subfield code="w">200128</subfield>
   </datafield>
   <datafield tag="926" ind1="" ind2="">
      <subfield code="a">all cern members of personnel for division SL</subfield>
   </datafield>
   <datafield tag="960" ind1="" ind2="">
      <subfield code="a">78</subfield>
   </datafield>
   <datafield tag="961" ind1="" ind2="">
      <subfield code="c">20031203</subfield>
      <subfield code="h">0909</subfield>
      <subfield code="l">MAN01</subfield>
      <subfield code="x">20010709</subfield>
   </datafield>
   <datafield tag="963" ind1="" ind2="">
      <subfield code="a">PUBLIC</subfield>
   </datafield>
   <datafield tag="970" ind1="" ind2="">
      <subfield code="a">000025386MAN</subfield>
   </datafield>
   <datafield tag="980" ind1="" ind2="">
      <subfield code="a">DSLLIB</subfield>
   </datafield>
</record>

<record xmlns="http://www.loc.gov/MARC21/slim">
	<controlfield tag="001">36901</controlfield>
<controlfield tag="003">SzGeCERN</controlfield>
   <datafield tag="035" ind1="" ind2="">
      <subfield code="9">ADMDSL</subfield>
      <subfield code="a">0021098</subfield>
   </datafield>
   <datafield tag="041" ind1="" ind2="">
      <subfield code="a">eng</subfield>
   </datafield>
   <datafield tag="088" ind1="" ind2="">
      <subfield code="a">SL-ADM-OUT-2001-065</subfield>
   </datafield>
   <datafield tag="100" ind1="" ind2="">
      <subfield code="a">BAILEY, R.</subfield>
   </datafield>
   <datafield tag="245" ind1="" ind2="">
      <subfield code="a">Summary notes of the GLM held on 23.7.2001</subfield>
   </datafield>
   <datafield tag="245" ind1="" ind2="">
      <subfield code="k">report</subfield>
   </datafield>
   <datafield tag="260" ind1="" ind2="">
      <subfield code="c">2001</subfield>
   </datafield>
   <datafield tag="269" ind1="" ind2="">
      <subfield code="c">25 Jul 2001</subfield>
   </datafield>
   <datafield tag="583" ind1="" ind2="">
      <subfield code="i">OUT</subfield>
   </datafield>
   <datafield tag="595" ind1="" ind2="">
      <subfield code="a">CERN EDS</subfield>
   </datafield>
   <datafield tag="650" ind1="1" ind2="7">
      <subfield code="2">SzGeCERN</subfield>
      <subfield code="a">Group Leaders</subfield>
   </datafield>
   <datafield tag="653" ind1="1" ind2="">
      <subfield code="9">CERN</subfield>
      <subfield code="a">GLM</subfield>
   </datafield>
   <datafield tag="710" ind1="" ind2="">
      <subfield code="5">SL</subfield>
   </datafield>
   <datafield tag="856" ind1="4" ind2="">
      <subfield code="u">http://sl-div.web.cern.ch/sl-div/cern-only/DI/SL_GLM31.pdf</subfield>
      <subfield code="y">Access to document</subfield>
   </datafield>
   <datafield tag="916" ind1="" ind2="">
      <subfield code="s">n</subfield>
      <subfield code="w">200130</subfield>
   </datafield>
   <datafield tag="926" ind1="" ind2="">
      <subfield code="a">SL Division</subfield>
   </datafield>
   <datafield tag="960" ind1="" ind2="">
      <subfield code="a">78</subfield>
   </datafield>
   <datafield tag="961" ind1="" ind2="">
      <subfield code="c">20031203</subfield>
      <subfield code="h">0909</subfield>
      <subfield code="l">MAN01</subfield>
      <subfield code="x">20010725</subfield>
   </datafield>
   <datafield tag="963" ind1="" ind2="">
      <subfield code="a">PUBLIC</subfield>
   </datafield>
   <datafield tag="970" ind1="" ind2="">
      <subfield code="a">000025389MAN</subfield>
   </datafield>
   <datafield tag="980" ind1="" ind2="">
      <subfield code="a">DSLLIB</subfield>
   </datafield>
</record>

<record xmlns="http://www.loc.gov/MARC21/slim">
	<controlfield tag="001">36910</controlfield>
<controlfield tag="003">SzGeCERN</controlfield>
   <datafield tag="035" ind1="" ind2="">
      <subfield code="9">ADMDSL</subfield>
      <subfield code="a">0021115</subfield>
   </datafield>
   <datafield tag="041" ind1="" ind2="">
      <subfield code="a">eng</subfield>
   </datafield>
   <datafield tag="088" ind1="" ind2="">
      <subfield code="a">SL-ADM-OUT-2001-067</subfield>
   </datafield>
   <datafield tag="100" ind1="" ind2="">
      <subfield code="a">BAILEY, R.</subfield>
   </datafield>
   <datafield tag="245" ind1="" ind2="">
      <subfield code="a">Summary Notes of the GLM held on 06.08.2001</subfield>
   </datafield>
   <datafield tag="245" ind1="" ind2="">
      <subfield code="k">report</subfield>
   </datafield>
   <datafield tag="260" ind1="" ind2="">
      <subfield code="c">2001</subfield>
   </datafield>
   <datafield tag="269" ind1="" ind2="">
      <subfield code="c">07 Aug 2001</subfield>
   </datafield>
   <datafield tag="583" ind1="" ind2="">
      <subfield code="i">OUT</subfield>
   </datafield>
   <datafield tag="595" ind1="" ind2="">
      <subfield code="a">CERN EDS</subfield>
   </datafield>
   <datafield tag="650" ind1="1" ind2="7">
      <subfield code="2">SzGeCERN</subfield>
      <subfield code="a">Group Leaders</subfield>
   </datafield>
   <datafield tag="653" ind1="1" ind2="">
      <subfield code="9">CERN</subfield>
      <subfield code="a">GLM</subfield>
   </datafield>
   <datafield tag="710" ind1="" ind2="">
      <subfield code="5">SL</subfield>
   </datafield>
   <datafield tag="856" ind1="4" ind2="">
      <subfield code="u">http://sl-div.web.cern.ch/sl-div/cern-only/DI/SL_GLM32.pdf</subfield>
      <subfield code="y">Access to document</subfield>
   </datafield>
   <datafield tag="916" ind1="" ind2="">
      <subfield code="s">n</subfield>
      <subfield code="w">200132</subfield>
   </datafield>
   <datafield tag="926" ind1="" ind2="">
      <subfield code="a">SL Division</subfield>
   </datafield>
   <datafield tag="960" ind1="" ind2="">
      <subfield code="a">78</subfield>
   </datafield>
   <datafield tag="961" ind1="" ind2="">
      <subfield code="c">20031203</subfield>
      <subfield code="h">0909</subfield>
      <subfield code="l">MAN01</subfield>
      <subfield code="x">20010808</subfield>
   </datafield>
   <datafield tag="963" ind1="" ind2="">
      <subfield code="a">PUBLIC</subfield>
   </datafield>
   <datafield tag="970" ind1="" ind2="">
      <subfield code="a">000025398MAN</subfield>
   </datafield>
   <datafield tag="980" ind1="" ind2="">
      <subfield code="a">DSLLIB</subfield>
   </datafield>
</record>

<record xmlns="http://www.loc.gov/MARC21/slim">
	<controlfield tag="001">36921</controlfield>
<controlfield tag="003">SzGeCERN</controlfield>
   <datafield tag="035" ind1="" ind2="">
      <subfield code="9">ADMDSL</subfield>
      <subfield code="a">0021160</subfield>
   </datafield>
   <datafield tag="041" ind1="" ind2="">
      <subfield code="a">eng</subfield>
   </datafield>
   <datafield tag="088" ind1="" ind2="">
      <subfield code="a">SL-ADM-OUT-2001-074</subfield>
   </datafield>
   <datafield tag="100" ind1="" ind2="">
      <subfield code="a">BAILEY, R.</subfield>
   </datafield>
   <datafield tag="245" ind1="" ind2="">
      <subfield code="a">Summary Notes of the GLM held on 20.08.2001</subfield>
   </datafield>
   <datafield tag="245" ind1="" ind2="">
      <subfield code="k">report</subfield>
   </datafield>
   <datafield tag="260" ind1="" ind2="">
      <subfield code="c">2001</subfield>
   </datafield>
   <datafield tag="269" ind1="" ind2="">
      <subfield code="c">23 Aug 2001</subfield>
   </datafield>
   <datafield tag="583" ind1="" ind2="">
      <subfield code="i">OUT</subfield>
   </datafield>
   <datafield tag="595" ind1="" ind2="">
      <subfield code="a">CERN EDS</subfield>
   </datafield>
   <datafield tag="650" ind1="1" ind2="7">
      <subfield code="2">SzGeCERN</subfield>
      <subfield code="a">Group Leaders</subfield>
   </datafield>
   <datafield tag="653" ind1="1" ind2="">
      <subfield code="9">CERN</subfield>
      <subfield code="a">GLM</subfield>
   </datafield>
   <datafield tag="710" ind1="" ind2="">
      <subfield code="5">SL</subfield>
   </datafield>
   <datafield tag="856" ind1="4" ind2="">
      <subfield code="u">http://sl-div.web.cern.ch/sl-div/cern-only/DI/SL_GLM33.pdf</subfield>
      <subfield code="y">Access to document</subfield>
   </datafield>
   <datafield tag="916" ind1="" ind2="">
      <subfield code="s">n</subfield>
      <subfield code="w">200134</subfield>
   </datafield>
   <datafield tag="926" ind1="" ind2="">
      <subfield code="a">SL DIVISION</subfield>
   </datafield>
   <datafield tag="960" ind1="" ind2="">
      <subfield code="a">78</subfield>
   </datafield>
   <datafield tag="961" ind1="" ind2="">
      <subfield code="c">20031203</subfield>
      <subfield code="h">0909</subfield>
      <subfield code="l">MAN01</subfield>
      <subfield code="x">20010823</subfield>
   </datafield>
   <datafield tag="963" ind1="" ind2="">
      <subfield code="a">PUBLIC</subfield>
   </datafield>
   <datafield tag="970" ind1="" ind2="">
      <subfield code="a">000025409MAN</subfield>
   </datafield>
   <datafield tag="980" ind1="" ind2="">
      <subfield code="a">DSLLIB</subfield>
   </datafield>
</record>

<record xmlns="http://www.loc.gov/MARC21/slim">
	<controlfield tag="001">36926</controlfield>
<controlfield tag="003">SzGeCERN</controlfield>
   <datafield tag="035" ind1="" ind2="">
      <subfield code="9">ADMDSL</subfield>
      <subfield code="a">0021204</subfield>
   </datafield>
   <datafield tag="041" ind1="" ind2="">
      <subfield code="a">eng</subfield>
   </datafield>
   <datafield tag="088" ind1="" ind2="">
      <subfield code="a">SL-ADM-OUT-2001-078</subfield>
   </datafield>
   <datafield tag="100" ind1="" ind2="">
      <subfield code="a">BAILEY, R.</subfield>
   </datafield>
   <datafield tag="245" ind1="" ind2="">
      <subfield code="a">Summary Notes of the GLM held on 3.9.2001</subfield>
   </datafield>
   <datafield tag="245" ind1="" ind2="">
      <subfield code="k">report</subfield>
   </datafield>
   <datafield tag="260" ind1="" ind2="">
      <subfield code="c">2001</subfield>
   </datafield>
   <datafield tag="269" ind1="" ind2="">
      <subfield code="c">04 Sep 2001</subfield>
   </datafield>
   <datafield tag="583" ind1="" ind2="">
      <subfield code="i">OUT</subfield>
   </datafield>
   <datafield tag="595" ind1="" ind2="">
      <subfield code="a">CERN EDS</subfield>
   </datafield>
   <datafield tag="650" ind1="1" ind2="7">
      <subfield code="2">SzGeCERN</subfield>
      <subfield code="a">Group Leaders</subfield>
   </datafield>
   <datafield tag="653" ind1="1" ind2="">
      <subfield code="9">CERN</subfield>
      <subfield code="a">GLM</subfield>
   </datafield>
   <datafield tag="710" ind1="" ind2="">
      <subfield code="5">SL</subfield>
   </datafield>
   <datafield tag="856" ind1="4" ind2="">
      <subfield code="u">http://sl-div.web.cern.ch/sl-div/cern-only/DI/SL_GLM34.pdf</subfield>
      <subfield code="y">Access to document</subfield>
   </datafield>
   <datafield tag="916" ind1="" ind2="">
      <subfield code="s">n</subfield>
      <subfield code="w">200136</subfield>
   </datafield>
   <datafield tag="926" ind1="" ind2="">
      <subfield code="a">SL Division</subfield>
   </datafield>
   <datafield tag="960" ind1="" ind2="">
      <subfield code="a">78</subfield>
   </datafield>
   <datafield tag="961" ind1="" ind2="">
      <subfield code="c">20031203</subfield>
      <subfield code="h">0909</subfield>
      <subfield code="l">MAN01</subfield>
      <subfield code="x">20010904</subfield>
   </datafield>
   <datafield tag="963" ind1="" ind2="">
      <subfield code="a">PUBLIC</subfield>
   </datafield>
   <datafield tag="970" ind1="" ind2="">
      <subfield code="a">000025414MAN</subfield>
   </datafield>
   <datafield tag="980" ind1="" ind2="">
      <subfield code="a">DSLLIB</subfield>
   </datafield>
</record>

<record xmlns="http://www.loc.gov/MARC21/slim">
	<controlfield tag="001">36934</controlfield>
<controlfield tag="003">SzGeCERN</controlfield>
   <datafield tag="035" ind1="" ind2="">
      <subfield code="9">ADMDSL</subfield>
      <subfield code="a">0021289</subfield>
   </datafield>
   <datafield tag="041" ind1="" ind2="">
      <subfield code="a">eng</subfield>
   </datafield>
   <datafield tag="088" ind1="" ind2="">
      <subfield code="a">SL-ADM-OUT-2001-084</subfield>
   </datafield>
   <datafield tag="100" ind1="" ind2="">
      <subfield code="a">Roger Bailey</subfield>
   </datafield>
   <datafield tag="245" ind1="" ind2="">
      <subfield code="a">Summary Notes of the GLM held on 17.09.01</subfield>
   </datafield>
   <datafield tag="245" ind1="" ind2="">
      <subfield code="k">report</subfield>
   </datafield>
   <datafield tag="260" ind1="" ind2="">
      <subfield code="c">2001</subfield>
   </datafield>
   <datafield tag="269" ind1="" ind2="">
      <subfield code="c">21 Sep 2001</subfield>
   </datafield>
   <datafield tag="583" ind1="" ind2="">
      <subfield code="i">OUT</subfield>
   </datafield>
   <datafield tag="595" ind1="" ind2="">
      <subfield code="a">CERN EDS</subfield>
   </datafield>
   <datafield tag="650" ind1="1" ind2="7">
      <subfield code="2">SzGeCERN</subfield>
      <subfield code="a">Group Leaders</subfield>
   </datafield>
   <datafield tag="653" ind1="1" ind2="">
      <subfield code="9">CERN</subfield>
      <subfield code="a">GLM</subfield>
   </datafield>
   <datafield tag="710" ind1="" ind2="">
      <subfield code="5">SL</subfield>
   </datafield>
   <datafield tag="856" ind1="4" ind2="">
      <subfield code="u">http://sl-div.web.cern.ch/sl-div/cern-only/DI/SL_GLM35.pdf</subfield>
      <subfield code="y">Access to document</subfield>
   </datafield>
   <datafield tag="916" ind1="" ind2="">
      <subfield code="s">n</subfield>
      <subfield code="w">200138</subfield>
   </datafield>
   <datafield tag="926" ind1="" ind2="">
      <subfield code="a">SL Division</subfield>
   </datafield>
   <datafield tag="960" ind1="" ind2="">
      <subfield code="a">78</subfield>
   </datafield>
   <datafield tag="961" ind1="" ind2="">
      <subfield code="c">20031203</subfield>
      <subfield code="h">0909</subfield>
      <subfield code="l">MAN01</subfield>
      <subfield code="x">20010921</subfield>
   </datafield>
   <datafield tag="963" ind1="" ind2="">
      <subfield code="a">PUBLIC</subfield>
   </datafield>
   <datafield tag="970" ind1="" ind2="">
      <subfield code="a">000025422MAN</subfield>
   </datafield>
   <datafield tag="980" ind1="" ind2="">
      <subfield code="a">DSLLIB</subfield>
   </datafield>
</record>

<record xmlns="http://www.loc.gov/MARC21/slim">
	<controlfield tag="001">36939</controlfield>
<controlfield tag="003">SzGeCERN</controlfield>
   <datafield tag="035" ind1="" ind2="">
      <subfield code="9">ADMDSL</subfield>
      <subfield code="a">0021330</subfield>
   </datafield>
   <datafield tag="041" ind1="" ind2="">
      <subfield code="a">eng</subfield>
   </datafield>
   <datafield tag="088" ind1="" ind2="">
      <subfield code="a">SL-ADM-OUT-2001-087</subfield>
   </datafield>
   <datafield tag="100" ind1="" ind2="">
      <subfield code="a">BAILEY, R.</subfield>
   </datafield>
   <datafield tag="245" ind1="" ind2="">
      <subfield code="a">Summary notes of the GLM held on 01.10.01</subfield>
   </datafield>
   <datafield tag="245" ind1="" ind2="">
      <subfield code="k">report</subfield>
   </datafield>
   <datafield tag="260" ind1="" ind2="">
      <subfield code="c">2001</subfield>
   </datafield>
   <datafield tag="269" ind1="" ind2="">
      <subfield code="c">02 Oct 2001</subfield>
   </datafield>
   <datafield tag="583" ind1="" ind2="">
      <subfield code="i">OUT</subfield>
   </datafield>
   <datafield tag="595" ind1="" ind2="">
      <subfield code="a">CERN EDS</subfield>
   </datafield>
   <datafield tag="650" ind1="1" ind2="7">
      <subfield code="2">SzGeCERN</subfield>
      <subfield code="a">Group Leaders</subfield>
   </datafield>
   <datafield tag="653" ind1="1" ind2="">
      <subfield code="9">CERN</subfield>
      <subfield code="a">GLM</subfield>
   </datafield>
   <datafield tag="710" ind1="" ind2="">
      <subfield code="5">SL</subfield>
   </datafield>
   <datafield tag="856" ind1="4" ind2="">
      <subfield code="u">http://sl-div.web.cern.ch/sl-div/cern-only/DI/SL_GLM36.pdf</subfield>
      <subfield code="y">Access to document</subfield>
   </datafield>
   <datafield tag="916" ind1="" ind2="">
      <subfield code="s">n</subfield>
      <subfield code="w">200140</subfield>
   </datafield>
   <datafield tag="926" ind1="" ind2="">
      <subfield code="a">Myers, S SL DIVISION</subfield>
   </datafield>
   <datafield tag="960" ind1="" ind2="">
      <subfield code="a">78</subfield>
   </datafield>
   <datafield tag="961" ind1="" ind2="">
      <subfield code="c">20031203</subfield>
      <subfield code="h">0909</subfield>
      <subfield code="l">MAN01</subfield>
      <subfield code="x">20011002</subfield>
   </datafield>
   <datafield tag="963" ind1="" ind2="">
      <subfield code="a">PUBLIC</subfield>
   </datafield>
   <datafield tag="970" ind1="" ind2="">
      <subfield code="a">000025427MAN</subfield>
   </datafield>
   <datafield tag="980" ind1="" ind2="">
      <subfield code="a">DSLLIB</subfield>
   </datafield>
</record>

<record xmlns="http://www.loc.gov/MARC21/slim">
	<controlfield tag="001">36959</controlfield>
<controlfield tag="003">SzGeCERN</controlfield>
   <datafield tag="035" ind1="" ind2="">
      <subfield code="9">ADMDSL</subfield>
      <subfield code="a">0021382</subfield>
   </datafield>
   <datafield tag="041" ind1="" ind2="">
      <subfield code="a">eng</subfield>
   </datafield>
   <datafield tag="088" ind1="" ind2="">
      <subfield code="a">SL-ADM-OUT-2001-090</subfield>
   </datafield>
   <datafield tag="100" ind1="" ind2="">
      <subfield code="a">BAILEY, R.</subfield>
   </datafield>
   <datafield tag="245" ind1="" ind2="">
      <subfield code="a">Summary notes of the GLM held on 15.10.2001</subfield>
   </datafield>
   <datafield tag="245" ind1="" ind2="">
      <subfield code="k">report</subfield>
   </datafield>
   <datafield tag="260" ind1="" ind2="">
      <subfield code="c">2001</subfield>
   </datafield>
   <datafield tag="269" ind1="" ind2="">
      <subfield code="c">18 Oct 2001</subfield>
   </datafield>
   <datafield tag="583" ind1="" ind2="">
      <subfield code="i">OUT</subfield>
   </datafield>
   <datafield tag="595" ind1="" ind2="">
      <subfield code="a">CERN EDS</subfield>
   </datafield>
   <datafield tag="650" ind1="1" ind2="7">
      <subfield code="2">SzGeCERN</subfield>
      <subfield code="a">Group Leaders</subfield>
   </datafield>
   <datafield tag="653" ind1="1" ind2="">
      <subfield code="9">CERN</subfield>
      <subfield code="a">GLM</subfield>
   </datafield>
   <datafield tag="710" ind1="" ind2="">
      <subfield code="5">SL</subfield>
   </datafield>
   <datafield tag="856" ind1="4" ind2="">
      <subfield code="u">http://sl-div.web.cern.ch/sl-div/cern-only/DI/SL_GLM37.pdf</subfield>
      <subfield code="y">Access to document</subfield>
   </datafield>
   <datafield tag="916" ind1="" ind2="">
      <subfield code="s">n</subfield>
      <subfield code="w">200142</subfield>
   </datafield>
   <datafield tag="926" ind1="" ind2="">
      <subfield code="a">Division SL</subfield>
   </datafield>
   <datafield tag="960" ind1="" ind2="">
      <subfield code="a">78</subfield>
   </datafield>
   <datafield tag="961" ind1="" ind2="">
      <subfield code="c">20031203</subfield>
      <subfield code="h">0909</subfield>
      <subfield code="l">MAN01</subfield>
      <subfield code="x">20011018</subfield>
   </datafield>
   <datafield tag="963" ind1="" ind2="">
      <subfield code="a">PUBLIC</subfield>
   </datafield>
   <datafield tag="970" ind1="" ind2="">
      <subfield code="a">000025447MAN</subfield>
   </datafield>
   <datafield tag="980" ind1="" ind2="">
      <subfield code="a">DSLLIB</subfield>
   </datafield>
</record>

<record xmlns="http://www.loc.gov/MARC21/slim">
	<controlfield tag="001">36963</controlfield>
<controlfield tag="003">SzGeCERN</controlfield>
   <datafield tag="035" ind1="" ind2="">
      <subfield code="9">ADMDSL</subfield>
      <subfield code="a">0021436</subfield>
   </datafield>
   <datafield tag="041" ind1="" ind2="">
      <subfield code="a">eng</subfield>
   </datafield>
   <datafield tag="088" ind1="" ind2="">
      <subfield code="a">SL-ADM-OUT-2001-092</subfield>
   </datafield>
   <datafield tag="100" ind1="" ind2="">
      <subfield code="a">BAILEY, R.</subfield>
   </datafield>
   <datafield tag="245" ind1="" ind2="">
      <subfield code="a">Summary notes of the GLM held on 29.10.2001</subfield>
   </datafield>
   <datafield tag="245" ind1="" ind2="">
      <subfield code="k">report</subfield>
   </datafield>
   <datafield tag="260" ind1="" ind2="">
      <subfield code="c">2001</subfield>
   </datafield>
   <datafield tag="269" ind1="" ind2="">
      <subfield code="c">30 Oct 2001</subfield>
   </datafield>
   <datafield tag="583" ind1="" ind2="">
      <subfield code="i">OUT</subfield>
   </datafield>
   <datafield tag="595" ind1="" ind2="">
      <subfield code="a">CERN EDS</subfield>
   </datafield>
   <datafield tag="650" ind1="1" ind2="7">
      <subfield code="2">SzGeCERN</subfield>
      <subfield code="a">Group Leaders</subfield>
   </datafield>
   <datafield tag="653" ind1="1" ind2="">
      <subfield code="9">CERN</subfield>
      <subfield code="a">GLM</subfield>
   </datafield>
   <datafield tag="710" ind1="" ind2="">
      <subfield code="5">SL</subfield>
   </datafield>
   <datafield tag="856" ind1="4" ind2="">
      <subfield code="u">http://sl-div.web.cern.ch/sl-div/cern-only/DI/SL_GLM38.pdf</subfield>
      <subfield code="y">Access to document</subfield>
   </datafield>
   <datafield tag="916" ind1="" ind2="">
      <subfield code="s">n</subfield>
      <subfield code="w">200144</subfield>
   </datafield>
   <datafield tag="926" ind1="" ind2="">
      <subfield code="a">SL Division</subfield>
   </datafield>
   <datafield tag="960" ind1="" ind2="">
      <subfield code="a">78</subfield>
   </datafield>
   <datafield tag="961" ind1="" ind2="">
      <subfield code="c">20031203</subfield>
      <subfield code="h">0909</subfield>
      <subfield code="l">MAN01</subfield>
      <subfield code="x">20011030</subfield>
   </datafield>
   <datafield tag="963" ind1="" ind2="">
      <subfield code="a">PUBLIC</subfield>
   </datafield>
   <datafield tag="970" ind1="" ind2="">
      <subfield code="a">000025451MAN</subfield>
   </datafield>
   <datafield tag="980" ind1="" ind2="">
      <subfield code="a">DSLLIB</subfield>
   </datafield>
</record>

<record xmlns="http://www.loc.gov/MARC21/slim">
	<controlfield tag="001">36977</controlfield>
<controlfield tag="003">SzGeCERN</controlfield>
   <datafield tag="035" ind1="" ind2="">
      <subfield code="9">ADMDSL</subfield>
      <subfield code="a">0021508</subfield>
   </datafield>
   <datafield tag="041" ind1="" ind2="">
      <subfield code="a">eng</subfield>
   </datafield>
   <datafield tag="088" ind1="" ind2="">
      <subfield code="a">SL-ADM-OUT-2001-094</subfield>
   </datafield>
   <datafield tag="100" ind1="" ind2="">
      <subfield code="a">BAILEY, R.</subfield>
   </datafield>
   <datafield tag="245" ind1="" ind2="">
      <subfield code="a">Summary notes of the GLM held on 12.11.2001</subfield>
   </datafield>
   <datafield tag="245" ind1="" ind2="">
      <subfield code="k">report</subfield>
   </datafield>
   <datafield tag="260" ind1="" ind2="">
      <subfield code="c">2001</subfield>
   </datafield>
   <datafield tag="269" ind1="" ind2="">
      <subfield code="c">13 Nov 2001</subfield>
   </datafield>
   <datafield tag="583" ind1="" ind2="">
      <subfield code="i">OUT</subfield>
   </datafield>
   <datafield tag="595" ind1="" ind2="">
      <subfield code="a">CERN EDS</subfield>
   </datafield>
   <datafield tag="650" ind1="1" ind2="7">
      <subfield code="2">SzGeCERN</subfield>
      <subfield code="a">Group Leaders</subfield>
   </datafield>
   <datafield tag="653" ind1="1" ind2="">
      <subfield code="9">CERN</subfield>
      <subfield code="a">GLM</subfield>
   </datafield>
   <datafield tag="710" ind1="" ind2="">
      <subfield code="5">SL</subfield>
   </datafield>
   <datafield tag="856" ind1="4" ind2="">
      <subfield code="u">http://sl-div.web.cern.ch/sl-div/cern-only/DI/SL_GLM39.pdf</subfield>
      <subfield code="y">Access to document</subfield>
   </datafield>
   <datafield tag="916" ind1="" ind2="">
      <subfield code="s">n</subfield>
      <subfield code="w">200146</subfield>
   </datafield>
   <datafield tag="926" ind1="" ind2="">
      <subfield code="a">SL Division</subfield>
   </datafield>
   <datafield tag="960" ind1="" ind2="">
      <subfield code="a">78</subfield>
   </datafield>
   <datafield tag="961" ind1="" ind2="">
      <subfield code="c">20031203</subfield>
      <subfield code="h">0909</subfield>
      <subfield code="l">MAN01</subfield>
      <subfield code="x">20011113</subfield>
   </datafield>
   <datafield tag="963" ind1="" ind2="">
      <subfield code="a">PUBLIC</subfield>
   </datafield>
   <datafield tag="970" ind1="" ind2="">
      <subfield code="a">000025465MAN</subfield>
   </datafield>
   <datafield tag="980" ind1="" ind2="">
      <subfield code="a">DSLLIB</subfield>
   </datafield>
</record>

<record xmlns="http://www.loc.gov/MARC21/slim">
	<controlfield tag="001">36985</controlfield>
<controlfield tag="003">SzGeCERN</controlfield>
   <datafield tag="035" ind1="" ind2="">
      <subfield code="9">ADMDSL</subfield>
      <subfield code="a">0021577</subfield>
   </datafield>
   <datafield tag="041" ind1="" ind2="">
      <subfield code="a">eng</subfield>
   </datafield>
   <datafield tag="088" ind1="" ind2="">
      <subfield code="a">SL-ADM-OUT-2001-099</subfield>
   </datafield>
   <datafield tag="100" ind1="" ind2="">
      <subfield code="a">BAILEY, R.</subfield>
   </datafield>
   <datafield tag="245" ind1="" ind2="">
      <subfield code="a">Summary notes of the GLM held on 26.11.2001</subfield>
   </datafield>
   <datafield tag="245" ind1="" ind2="">
      <subfield code="k">report</subfield>
   </datafield>
   <datafield tag="260" ind1="" ind2="">
      <subfield code="c">2001</subfield>
   </datafield>
   <datafield tag="269" ind1="" ind2="">
      <subfield code="c">29 Nov 2001</subfield>
   </datafield>
   <datafield tag="583" ind1="" ind2="">
      <subfield code="i">OUT</subfield>
   </datafield>
   <datafield tag="595" ind1="" ind2="">
      <subfield code="a">CERN EDS</subfield>
   </datafield>
   <datafield tag="650" ind1="1" ind2="7">
      <subfield code="2">SzGeCERN</subfield>
      <subfield code="a">Group Leaders</subfield>
   </datafield>
   <datafield tag="653" ind1="1" ind2="">
      <subfield code="9">CERN</subfield>
      <subfield code="a">GLM</subfield>
   </datafield>
   <datafield tag="710" ind1="" ind2="">
      <subfield code="5">SL</subfield>
   </datafield>
   <datafield tag="856" ind1="4" ind2="">
      <subfield code="u">http://sl-div.web.cern.ch/sl-div/cern-only/DI/SL_GLM40.pdf</subfield>
      <subfield code="y">Access to document</subfield>
   </datafield>
   <datafield tag="916" ind1="" ind2="">
      <subfield code="s">n</subfield>
      <subfield code="w">200148</subfield>
   </datafield>
   <datafield tag="926" ind1="" ind2="">
      <subfield code="a">SL Division</subfield>
   </datafield>
   <datafield tag="960" ind1="" ind2="">
      <subfield code="a">78</subfield>
   </datafield>
   <datafield tag="961" ind1="" ind2="">
      <subfield code="c">20031203</subfield>
      <subfield code="h">0909</subfield>
      <subfield code="l">MAN01</subfield>
      <subfield code="x">20011129</subfield>
   </datafield>
   <datafield tag="963" ind1="" ind2="">
      <subfield code="a">PUBLIC</subfield>
   </datafield>
   <datafield tag="970" ind1="" ind2="">
      <subfield code="a">000025473MAN</subfield>
   </datafield>
   <datafield tag="980" ind1="" ind2="">
      <subfield code="a">DSLLIB</subfield>
   </datafield>
</record>

<record xmlns="http://www.loc.gov/MARC21/slim">
	<controlfield tag="001">36995</controlfield>
<controlfield tag="003">SzGeCERN</controlfield>
   <datafield tag="035" ind1="" ind2="">
      <subfield code="9">ADMDSL</subfield>
      <subfield code="a">0021643</subfield>
   </datafield>
   <datafield tag="041" ind1="" ind2="">
      <subfield code="a">eng</subfield>
   </datafield>
   <datafield tag="088" ind1="" ind2="">
      <subfield code="a">SL-ADM-OUT-2001-104</subfield>
   </datafield>
   <datafield tag="100" ind1="" ind2="">
      <subfield code="a">BAILEY, R.</subfield>
   </datafield>
   <datafield tag="245" ind1="" ind2="">
      <subfield code="a">Summary notes of the GLM held on 10.12.2001</subfield>
   </datafield>
   <datafield tag="245" ind1="" ind2="">
      <subfield code="k">report</subfield>
   </datafield>
   <datafield tag="260" ind1="" ind2="">
      <subfield code="c">2001</subfield>
   </datafield>
   <datafield tag="269" ind1="" ind2="">
      <subfield code="c">10 Dec 2001</subfield>
   </datafield>
   <datafield tag="583" ind1="" ind2="">
      <subfield code="i">OUT</subfield>
   </datafield>
   <datafield tag="595" ind1="" ind2="">
      <subfield code="a">CERN EDS</subfield>
   </datafield>
   <datafield tag="650" ind1="1" ind2="7">
      <subfield code="2">SzGeCERN</subfield>
      <subfield code="a">Group Leaders</subfield>
   </datafield>
   <datafield tag="653" ind1="1" ind2="">
      <subfield code="9">CERN</subfield>
      <subfield code="a">GLM</subfield>
   </datafield>
   <datafield tag="710" ind1="" ind2="">
      <subfield code="5">SL</subfield>
   </datafield>
   <datafield tag="856" ind1="4" ind2="">
      <subfield code="u">http://sl-div.web.cern.ch/sl-div/cern-only/DI/SL_GLM41.pdf</subfield>
      <subfield code="y">Access to document</subfield>
   </datafield>
   <datafield tag="916" ind1="" ind2="">
      <subfield code="s">n</subfield>
      <subfield code="w">200150</subfield>
   </datafield>
   <datafield tag="926" ind1="" ind2="">
      <subfield code="a">Myers, S</subfield>
   </datafield>
   <datafield tag="960" ind1="" ind2="">
      <subfield code="a">78</subfield>
   </datafield>
   <datafield tag="961" ind1="" ind2="">
      <subfield code="c">20031203</subfield>
      <subfield code="h">0909</subfield>
      <subfield code="l">MAN01</subfield>
      <subfield code="x">20011210</subfield>
   </datafield>
   <datafield tag="963" ind1="" ind2="">
      <subfield code="a">PUBLIC</subfield>
   </datafield>
   <datafield tag="970" ind1="" ind2="">
      <subfield code="a">000025483MAN</subfield>
   </datafield>
   <datafield tag="980" ind1="" ind2="">
      <subfield code="a">DSLLIB</subfield>
   </datafield>
</record>

<record xmlns="http://www.loc.gov/MARC21/slim">
	<controlfield tag="001">37015</controlfield>
<controlfield tag="003">SzGeCERN</controlfield>
   <datafield tag="035" ind1="" ind2="">
      <subfield code="9">ADMDSL</subfield>
      <subfield code="a">0021721</subfield>
   </datafield>
   <datafield tag="041" ind1="" ind2="">
      <subfield code="a">eng</subfield>
   </datafield>
   <datafield tag="088" ind1="" ind2="">
      <subfield code="a">SL-ADM-OUT-2002-006</subfield>
   </datafield>
   <datafield tag="100" ind1="" ind2="">
      <subfield code="a">BAILEY, R.</subfield>
   </datafield>
   <datafield tag="245" ind1="" ind2="">
      <subfield code="a">Summary Notes of the GLM held on 21.01.2002</subfield>
   </datafield>
   <datafield tag="245" ind1="" ind2="">
      <subfield code="k">report</subfield>
   </datafield>
   <datafield tag="260" ind1="" ind2="">
      <subfield code="c">2002</subfield>
   </datafield>
   <datafield tag="269" ind1="" ind2="">
      <subfield code="c">28 Jan 2002</subfield>
   </datafield>
   <datafield tag="583" ind1="" ind2="">
      <subfield code="i">OUT</subfield>
   </datafield>
   <datafield tag="595" ind1="" ind2="">
      <subfield code="a">CERN EDS</subfield>
   </datafield>
   <datafield tag="650" ind1="1" ind2="7">
      <subfield code="2">SzGeCERN</subfield>
      <subfield code="a">Group Leaders</subfield>
   </datafield>
   <datafield tag="653" ind1="1" ind2="">
      <subfield code="9">CERN</subfield>
      <subfield code="a">GLM</subfield>
   </datafield>
   <datafield tag="710" ind1="" ind2="">
      <subfield code="5">SL</subfield>
   </datafield>
   <datafield tag="856" ind1="4" ind2="">
      <subfield code="u">http://sl-div.web.cern.ch/sl-div/cern-only/DI/SL_GLM42.pdf</subfield>
      <subfield code="y">Access to document</subfield>
   </datafield>
   <datafield tag="916" ind1="" ind2="">
      <subfield code="s">n</subfield>
      <subfield code="w">200204</subfield>
   </datafield>
   <datafield tag="926" ind1="" ind2="">
      <subfield code="a">SL DVISION</subfield>
   </datafield>
   <datafield tag="960" ind1="" ind2="">
      <subfield code="a">78</subfield>
   </datafield>
   <datafield tag="961" ind1="" ind2="">
      <subfield code="c">20031203</subfield>
      <subfield code="h">0909</subfield>
      <subfield code="l">MAN01</subfield>
      <subfield code="x">20020128</subfield>
   </datafield>
   <datafield tag="963" ind1="" ind2="">
      <subfield code="a">PUBLIC</subfield>
   </datafield>
   <datafield tag="970" ind1="" ind2="">
      <subfield code="a">000025503MAN</subfield>
   </datafield>
   <datafield tag="980" ind1="" ind2="">
      <subfield code="a">DSLLIB</subfield>
   </datafield>
</record>

<record xmlns="http://www.loc.gov/MARC21/slim">
	<controlfield tag="001">37026</controlfield>
<controlfield tag="003">SzGeCERN</controlfield>
   <datafield tag="035" ind1="" ind2="">
      <subfield code="9">ADMDSL</subfield>
      <subfield code="a">0021742</subfield>
   </datafield>
   <datafield tag="041" ind1="" ind2="">
      <subfield code="a">eng</subfield>
   </datafield>
   <datafield tag="088" ind1="" ind2="">
      <subfield code="a">SL-ADM-OUT-2002-008</subfield>
   </datafield>
   <datafield tag="100" ind1="" ind2="">
      <subfield code="a">FORREST, R.</subfield>
   </datafield>
   <datafield tag="245" ind1="" ind2="">
      <subfield code="a">Summary notes of the GLM held on 4.2.2002</subfield>
   </datafield>
   <datafield tag="245" ind1="" ind2="">
      <subfield code="k">report</subfield>
   </datafield>
   <datafield tag="260" ind1="" ind2="">
      <subfield code="c">2002</subfield>
   </datafield>
   <datafield tag="269" ind1="" ind2="">
      <subfield code="c">06 Feb 2002</subfield>
   </datafield>
   <datafield tag="583" ind1="" ind2="">
      <subfield code="i">OUT</subfield>
   </datafield>
   <datafield tag="595" ind1="" ind2="">
      <subfield code="a">CERN EDS</subfield>
   </datafield>
   <datafield tag="650" ind1="1" ind2="7">
      <subfield code="2">SzGeCERN</subfield>
      <subfield code="a">Group Leaders</subfield>
   </datafield>
   <datafield tag="653" ind1="1" ind2="">
      <subfield code="9">CERN</subfield>
      <subfield code="a">GLM</subfield>
   </datafield>
   <datafield tag="710" ind1="" ind2="">
      <subfield code="5">SL</subfield>
   </datafield>
   <datafield tag="856" ind1="4" ind2="">
      <subfield code="u">http://sl-div.web.cern.ch/sl-div/cern-only/DI/SL_GLM43.pdf</subfield>
      <subfield code="y">Access to document</subfield>
   </datafield>
   <datafield tag="916" ind1="" ind2="">
      <subfield code="s">n</subfield>
      <subfield code="w">200205</subfield>
   </datafield>
   <datafield tag="926" ind1="" ind2="">
      <subfield code="a">SL DIVISION</subfield>
   </datafield>
   <datafield tag="960" ind1="" ind2="">
      <subfield code="a">78</subfield>
   </datafield>
   <datafield tag="961" ind1="" ind2="">
      <subfield code="c">20031203</subfield>
      <subfield code="h">0909</subfield>
      <subfield code="l">MAN01</subfield>
      <subfield code="x">20020206</subfield>
   </datafield>
   <datafield tag="963" ind1="" ind2="">
      <subfield code="a">PUBLIC</subfield>
   </datafield>
   <datafield tag="970" ind1="" ind2="">
      <subfield code="a">000025514MAN</subfield>
   </datafield>
   <datafield tag="980" ind1="" ind2="">
      <subfield code="a">DSLLIB</subfield>
   </datafield>
</record>

<record xmlns="http://www.loc.gov/MARC21/slim">
	<controlfield tag="001">37033</controlfield>
<controlfield tag="003">SzGeCERN</controlfield>
   <datafield tag="035" ind1="" ind2="">
      <subfield code="9">ADMDSL</subfield>
      <subfield code="a">0021805</subfield>
   </datafield>
   <datafield tag="041" ind1="" ind2="">
      <subfield code="a">eng</subfield>
   </datafield>
   <datafield tag="088" ind1="" ind2="">
      <subfield code="a">SL-ADM-OUT-2002-014</subfield>
   </datafield>
   <datafield tag="100" ind1="" ind2="">
      <subfield code="a">BAILEY, R.</subfield>
   </datafield>
   <datafield tag="245" ind1="" ind2="">
      <subfield code="a">Summary notes of the GLM held on 18.2.2002</subfield>
   </datafield>
   <datafield tag="245" ind1="" ind2="">
      <subfield code="k">report</subfield>
   </datafield>
   <datafield tag="260" ind1="" ind2="">
      <subfield code="c">2002</subfield>
   </datafield>
   <datafield tag="269" ind1="" ind2="">
      <subfield code="c">21 Feb 2002</subfield>
   </datafield>
   <datafield tag="583" ind1="" ind2="">
      <subfield code="i">OUT</subfield>
   </datafield>
   <datafield tag="595" ind1="" ind2="">
      <subfield code="a">CERN EDS</subfield>
   </datafield>
   <datafield tag="650" ind1="1" ind2="7">
      <subfield code="2">SzGeCERN</subfield>
      <subfield code="a">Group Leaders</subfield>
   </datafield>
   <datafield tag="653" ind1="1" ind2="">
      <subfield code="9">CERN</subfield>
      <subfield code="a">GLM</subfield>
   </datafield>
   <datafield tag="710" ind1="" ind2="">
      <subfield code="5">SL</subfield>
   </datafield>
   <datafield tag="856" ind1="4" ind2="">
      <subfield code="u">http://sl-div.web.cern.ch/sl-div/cern-only/DI/SL_GLM44.pdf</subfield>
      <subfield code="y">Access to document</subfield>
   </datafield>
   <datafield tag="916" ind1="" ind2="">
      <subfield code="s">n</subfield>
      <subfield code="w">200207</subfield>
   </datafield>
   <datafield tag="926" ind1="" ind2="">
      <subfield code="a">SL Division</subfield>
   </datafield>
   <datafield tag="960" ind1="" ind2="">
      <subfield code="a">78</subfield>
   </datafield>
   <datafield tag="961" ind1="" ind2="">
      <subfield code="c">20031203</subfield>
      <subfield code="h">0909</subfield>
      <subfield code="l">MAN01</subfield>
      <subfield code="x">20020221</subfield>
   </datafield>
   <datafield tag="963" ind1="" ind2="">
      <subfield code="a">PUBLIC</subfield>
   </datafield>
   <datafield tag="970" ind1="" ind2="">
      <subfield code="a">000025521MAN</subfield>
   </datafield>
   <datafield tag="980" ind1="" ind2="">
      <subfield code="a">DSLLIB</subfield>
   </datafield>
</record>

<record xmlns="http://www.loc.gov/MARC21/slim">
	<controlfield tag="001">37041</controlfield>
<controlfield tag="003">SzGeCERN</controlfield>
   <datafield tag="035" ind1="" ind2="">
      <subfield code="9">ADMDSL</subfield>
      <subfield code="a">0021853</subfield>
   </datafield>
   <datafield tag="041" ind1="" ind2="">
      <subfield code="a">eng</subfield>
   </datafield>
   <datafield tag="088" ind1="" ind2="">
      <subfield code="a">SL-ADM-OUT-2002-020</subfield>
   </datafield>
   <datafield tag="100" ind1="" ind2="">
      <subfield code="a">BAILEY, R.</subfield>
   </datafield>
   <datafield tag="245" ind1="" ind2="">
      <subfield code="a">Summary Notes of the GLM held on 4.3.2002</subfield>
   </datafield>
   <datafield tag="245" ind1="" ind2="">
      <subfield code="k">report</subfield>
   </datafield>
   <datafield tag="260" ind1="" ind2="">
      <subfield code="c">2002</subfield>
   </datafield>
   <datafield tag="269" ind1="" ind2="">
      <subfield code="c">06 Mar 2002</subfield>
   </datafield>
   <datafield tag="583" ind1="" ind2="">
      <subfield code="i">OUT</subfield>
   </datafield>
   <datafield tag="595" ind1="" ind2="">
      <subfield code="a">CERN EDS</subfield>
   </datafield>
   <datafield tag="650" ind1="1" ind2="7">
      <subfield code="2">SzGeCERN</subfield>
      <subfield code="a">Group Leaders</subfield>
   </datafield>
   <datafield tag="653" ind1="1" ind2="">
      <subfield code="9">CERN</subfield>
      <subfield code="a">GLM</subfield>
   </datafield>
   <datafield tag="710" ind1="" ind2="">
      <subfield code="5">SL</subfield>
   </datafield>
   <datafield tag="856" ind1="4" ind2="">
      <subfield code="u">http://sl-div.web.cern.ch/sl-div/cern-only/DI/SL_GLM45.pdf</subfield>
      <subfield code="y">Access to document</subfield>
   </datafield>
   <datafield tag="916" ind1="" ind2="">
      <subfield code="s">n</subfield>
      <subfield code="w">200210</subfield>
   </datafield>
   <datafield tag="926" ind1="" ind2="">
      <subfield code="a">SL Division</subfield>
   </datafield>
   <datafield tag="960" ind1="" ind2="">
      <subfield code="a">78</subfield>
   </datafield>
   <datafield tag="961" ind1="" ind2="">
      <subfield code="c">20031203</subfield>
      <subfield code="h">0909</subfield>
      <subfield code="l">MAN01</subfield>
      <subfield code="x">20020306</subfield>
   </datafield>
   <datafield tag="963" ind1="" ind2="">
      <subfield code="a">PUBLIC</subfield>
   </datafield>
   <datafield tag="970" ind1="" ind2="">
      <subfield code="a">000025529MAN</subfield>
   </datafield>
   <datafield tag="980" ind1="" ind2="">
      <subfield code="a">DSLLIB</subfield>
   </datafield>
</record>

<record xmlns="http://www.loc.gov/MARC21/slim">
	<controlfield tag="001">37078</controlfield>
<controlfield tag="003">SzGeCERN</controlfield>
   <datafield tag="035" ind1="" ind2="">
      <subfield code="9">ADMDSL</subfield>
      <subfield code="a">0022024</subfield>
   </datafield>
   <datafield tag="041" ind1="" ind2="">
      <subfield code="a">eng</subfield>
   </datafield>
   <datafield tag="088" ind1="" ind2="">
      <subfield code="a">SL-ADM-OUT-2002-031</subfield>
   </datafield>
   <datafield tag="100" ind1="" ind2="">
      <subfield code="a">BAILEY, R.</subfield>
   </datafield>
   <datafield tag="245" ind1="" ind2="">
      <subfield code="a">Minutes of the SLGLM held on 15.4.2002</subfield>
   </datafield>
   <datafield tag="245" ind1="" ind2="">
      <subfield code="k">report</subfield>
   </datafield>
   <datafield tag="260" ind1="" ind2="">
      <subfield code="c">2002</subfield>
   </datafield>
   <datafield tag="269" ind1="" ind2="">
      <subfield code="c">16 Apr 2002</subfield>
   </datafield>
   <datafield tag="583" ind1="" ind2="">
      <subfield code="i">OUT</subfield>
   </datafield>
   <datafield tag="595" ind1="" ind2="">
      <subfield code="a">CERN EDS</subfield>
   </datafield>
   <datafield tag="650" ind1="1" ind2="7">
      <subfield code="2">SzGeCERN</subfield>
      <subfield code="a">Group Leaders</subfield>
   </datafield>
   <datafield tag="653" ind1="1" ind2="">
      <subfield code="9">CERN</subfield>
      <subfield code="a">GLM</subfield>
   </datafield>
   <datafield tag="710" ind1="" ind2="">
      <subfield code="5">SL</subfield>
   </datafield>
   <datafield tag="856" ind1="4" ind2="">
      <subfield code="u">http://sl-div.web.cern.ch/sl-div/cern-only/DI/SL_GLM46.pdf</subfield>
      <subfield code="y">Access to document</subfield>
   </datafield>
   <datafield tag="916" ind1="" ind2="">
      <subfield code="s">n</subfield>
      <subfield code="w">200216</subfield>
   </datafield>
   <datafield tag="926" ind1="" ind2="">
      <subfield code="a">GLM</subfield>
   </datafield>
   <datafield tag="960" ind1="" ind2="">
      <subfield code="a">78</subfield>
   </datafield>
   <datafield tag="961" ind1="" ind2="">
      <subfield code="c">20031203</subfield>
      <subfield code="h">0909</subfield>
      <subfield code="l">MAN01</subfield>
      <subfield code="x">20020416</subfield>
   </datafield>
   <datafield tag="963" ind1="" ind2="">
      <subfield code="a">PUBLIC</subfield>
   </datafield>
   <datafield tag="970" ind1="" ind2="">
      <subfield code="a">000025566MAN</subfield>
   </datafield>
   <datafield tag="980" ind1="" ind2="">
      <subfield code="a">DSLLIB</subfield>
   </datafield>
</record>

<record xmlns="http://www.loc.gov/MARC21/slim">
	<controlfield tag="001">37102</controlfield>
<controlfield tag="003">SzGeCERN</controlfield>
   <datafield tag="035" ind1="" ind2="">
      <subfield code="9">ADMDSL</subfield>
      <subfield code="a">0022109</subfield>
   </datafield>
   <datafield tag="041" ind1="" ind2="">
      <subfield code="a">eng</subfield>
   </datafield>
   <datafield tag="088" ind1="" ind2="">
      <subfield code="a">SL-ADM-OUT-2002-043</subfield>
   </datafield>
   <datafield tag="100" ind1="" ind2="">
      <subfield code="a">BAILEY, R.</subfield>
   </datafield>
   <datafield tag="245" ind1="" ind2="">
      <subfield code="a">Minutes of SLGLM held on 29.04.2002</subfield>
   </datafield>
   <datafield tag="245" ind1="" ind2="">
      <subfield code="k">report</subfield>
   </datafield>
   <datafield tag="260" ind1="" ind2="">
      <subfield code="c">2002</subfield>
   </datafield>
   <datafield tag="269" ind1="" ind2="">
      <subfield code="c">07 May 2002</subfield>
   </datafield>
   <datafield tag="583" ind1="" ind2="">
      <subfield code="i">OUT</subfield>
   </datafield>
   <datafield tag="595" ind1="" ind2="">
      <subfield code="a">CERN EDS</subfield>
   </datafield>
   <datafield tag="650" ind1="1" ind2="7">
      <subfield code="2">SzGeCERN</subfield>
      <subfield code="a">Group Leaders</subfield>
   </datafield>
   <datafield tag="653" ind1="1" ind2="">
      <subfield code="9">CERN</subfield>
      <subfield code="a">GLM</subfield>
   </datafield>
   <datafield tag="710" ind1="" ind2="">
      <subfield code="5">SL</subfield>
   </datafield>
   <datafield tag="856" ind1="4" ind2="">
      <subfield code="u">http://sl-div.web.cern.ch/sl-div/cern-only/DI/SL_GLM47.pdf</subfield>
      <subfield code="y">Access to document</subfield>
   </datafield>
   <datafield tag="916" ind1="" ind2="">
      <subfield code="s">n</subfield>
      <subfield code="w">200219</subfield>
   </datafield>
   <datafield tag="926" ind1="" ind2="">
      <subfield code="a">SL Division</subfield>
   </datafield>
   <datafield tag="960" ind1="" ind2="">
      <subfield code="a">78</subfield>
   </datafield>
   <datafield tag="961" ind1="" ind2="">
      <subfield code="c">20031203</subfield>
      <subfield code="h">0909</subfield>
      <subfield code="l">MAN01</subfield>
      <subfield code="x">20020507</subfield>
   </datafield>
   <datafield tag="963" ind1="" ind2="">
      <subfield code="a">PUBLIC</subfield>
   </datafield>
   <datafield tag="970" ind1="" ind2="">
      <subfield code="a">000025590MAN</subfield>
   </datafield>
   <datafield tag="980" ind1="" ind2="">
      <subfield code="a">DSLLIB</subfield>
   </datafield>
</record>

<record xmlns="http://www.loc.gov/MARC21/slim">
	<controlfield tag="001">37110</controlfield>
<controlfield tag="003">SzGeCERN</controlfield>
   <datafield tag="035" ind1="" ind2="">
      <subfield code="9">ADMDSL</subfield>
      <subfield code="a">0022138</subfield>
   </datafield>
   <datafield tag="041" ind1="" ind2="">
      <subfield code="a">eng</subfield>
   </datafield>
   <datafield tag="088" ind1="" ind2="">
      <subfield code="a">SL-ADM-OUT-2002-049</subfield>
   </datafield>
   <datafield tag="100" ind1="" ind2="">
      <subfield code="a">BAILEY, R.</subfield>
   </datafield>
   <datafield tag="245" ind1="" ind2="">
      <subfield code="a">Summary notes of the GLM held on 13.05.2002</subfield>
   </datafield>
   <datafield tag="245" ind1="" ind2="">
      <subfield code="k">report</subfield>
   </datafield>
   <datafield tag="260" ind1="" ind2="">
      <subfield code="c">2002</subfield>
   </datafield>
   <datafield tag="269" ind1="" ind2="">
      <subfield code="c">21 May 2002</subfield>
   </datafield>
   <datafield tag="583" ind1="" ind2="">
      <subfield code="i">OUT</subfield>
   </datafield>
   <datafield tag="595" ind1="" ind2="">
      <subfield code="a">CERN EDS</subfield>
   </datafield>
   <datafield tag="650" ind1="1" ind2="7">
      <subfield code="2">SzGeCERN</subfield>
      <subfield code="a">Group Leaders</subfield>
   </datafield>
   <datafield tag="653" ind1="1" ind2="">
      <subfield code="9">CERN</subfield>
      <subfield code="a">GLM</subfield>
   </datafield>
   <datafield tag="710" ind1="" ind2="">
      <subfield code="5">SL</subfield>
   </datafield>
   <datafield tag="856" ind1="4" ind2="">
      <subfield code="u">http://sl-div.web.cern.ch/sl-div/cern-only/DI/SL_GLM48.pdf</subfield>
      <subfield code="y">Access to document</subfield>
   </datafield>
   <datafield tag="916" ind1="" ind2="">
      <subfield code="s">n</subfield>
      <subfield code="w">200220</subfield>
   </datafield>
   <datafield tag="926" ind1="" ind2="">
      <subfield code="a">SL Division</subfield>
   </datafield>
   <datafield tag="960" ind1="" ind2="">
      <subfield code="a">78</subfield>
   </datafield>
   <datafield tag="961" ind1="" ind2="">
      <subfield code="c">20031203</subfield>
      <subfield code="h">0909</subfield>
      <subfield code="l">MAN01</subfield>
      <subfield code="x">20020521</subfield>
   </datafield>
   <datafield tag="963" ind1="" ind2="">
      <subfield code="a">PUBLIC</subfield>
   </datafield>
   <datafield tag="970" ind1="" ind2="">
      <subfield code="a">000025598MAN</subfield>
   </datafield>
   <datafield tag="980" ind1="" ind2="">
      <subfield code="a">DSLLIB</subfield>
   </datafield>
</record>

<record xmlns="http://www.loc.gov/MARC21/slim">
	<controlfield tag="001">37122</controlfield>
<controlfield tag="003">SzGeCERN</controlfield>
   <datafield tag="035" ind1="" ind2="">
      <subfield code="9">ADMDSL</subfield>
      <subfield code="a">0023152</subfield>
   </datafield>
   <datafield tag="041" ind1="" ind2="">
      <subfield code="a">eng</subfield>
   </datafield>
   <datafield tag="088" ind1="" ind2="">
      <subfield code="a">SL-ADM-OUT-2002-058</subfield>
   </datafield>
   <datafield tag="100" ind1="" ind2="">
      <subfield code="a">BAILEY, R</subfield>
   </datafield>
   <datafield tag="245" ind1="" ind2="">
      <subfield code="a">Summary notes of the GLM held on 10.06.2002</subfield>
   </datafield>
   <datafield tag="245" ind1="" ind2="">
      <subfield code="k">report</subfield>
   </datafield>
   <datafield tag="260" ind1="" ind2="">
      <subfield code="c">2002</subfield>
   </datafield>
   <datafield tag="269" ind1="" ind2="">
      <subfield code="c">17 Jun 2002</subfield>
   </datafield>
   <datafield tag="583" ind1="" ind2="">
      <subfield code="i">OUT</subfield>
   </datafield>
   <datafield tag="595" ind1="" ind2="">
      <subfield code="a">CERN EDS</subfield>
   </datafield>
   <datafield tag="650" ind1="1" ind2="7">
      <subfield code="2">SzGeCERN</subfield>
      <subfield code="a">Group Leaders</subfield>
   </datafield>
   <datafield tag="653" ind1="1" ind2="">
      <subfield code="9">CERN</subfield>
      <subfield code="a">GLM</subfield>
   </datafield>
   <datafield tag="710" ind1="" ind2="">
      <subfield code="5">SL</subfield>
   </datafield>
   <datafield tag="856" ind1="4" ind2="">
      <subfield code="u">http://sl-div.web.cern.ch/sl-div/cern-only/DI/SL_GLM49.pdf</subfield>
      <subfield code="y">Access to document</subfield>
   </datafield>
   <datafield tag="916" ind1="" ind2="">
      <subfield code="s">n</subfield>
      <subfield code="w">200225</subfield>
   </datafield>
   <datafield tag="926" ind1="" ind2="">
      <subfield code="a">SL Division</subfield>
   </datafield>
   <datafield tag="960" ind1="" ind2="">
      <subfield code="a">78</subfield>
   </datafield>
   <datafield tag="961" ind1="" ind2="">
      <subfield code="c">20031203</subfield>
      <subfield code="h">0909</subfield>
      <subfield code="l">MAN01</subfield>
      <subfield code="x">20020617</subfield>
   </datafield>
   <datafield tag="963" ind1="" ind2="">
      <subfield code="a">PUBLIC</subfield>
   </datafield>
   <datafield tag="970" ind1="" ind2="">
      <subfield code="a">000025610MAN</subfield>
   </datafield>
   <datafield tag="980" ind1="" ind2="">
      <subfield code="a">DSLLIB</subfield>
   </datafield>
</record>

<record xmlns="http://www.loc.gov/MARC21/slim">
	<controlfield tag="001">37137</controlfield>
<controlfield tag="003">SzGeCERN</controlfield>
   <datafield tag="035" ind1="" ind2="">
      <subfield code="9">ADMDSL</subfield>
      <subfield code="a">0023191</subfield>
   </datafield>
   <datafield tag="041" ind1="" ind2="">
      <subfield code="a">eng</subfield>
   </datafield>
   <datafield tag="088" ind1="" ind2="">
      <subfield code="a">SL-ADM-OUT-2002-063</subfield>
   </datafield>
   <datafield tag="100" ind1="" ind2="">
      <subfield code="a">BAILEY, R</subfield>
   </datafield>
   <datafield tag="245" ind1="" ind2="">
      <subfield code="a">Minutes of the GLM held on 24.6.2002</subfield>
   </datafield>
   <datafield tag="245" ind1="" ind2="">
      <subfield code="k">report</subfield>
   </datafield>
   <datafield tag="260" ind1="" ind2="">
      <subfield code="c">2002</subfield>
   </datafield>
   <datafield tag="269" ind1="" ind2="">
      <subfield code="c">27 Jun 2002</subfield>
   </datafield>
   <datafield tag="583" ind1="" ind2="">
      <subfield code="i">OUT</subfield>
   </datafield>
   <datafield tag="595" ind1="" ind2="">
      <subfield code="a">CERN EDS</subfield>
   </datafield>
   <datafield tag="650" ind1="1" ind2="7">
      <subfield code="2">SzGeCERN</subfield>
      <subfield code="a">Group Leaders</subfield>
   </datafield>
   <datafield tag="653" ind1="1" ind2="">
      <subfield code="9">CERN</subfield>
      <subfield code="a">GLM</subfield>
   </datafield>
   <datafield tag="710" ind1="" ind2="">
      <subfield code="5">SL</subfield>
   </datafield>
   <datafield tag="856" ind1="4" ind2="">
      <subfield code="u">http://sl-div.web.cern.ch/sl-div/cern-only/DI/SL_GLM50.pdf</subfield>
      <subfield code="y">Access to document</subfield>
   </datafield>
   <datafield tag="916" ind1="" ind2="">
      <subfield code="s">n</subfield>
      <subfield code="w">200226</subfield>
   </datafield>
   <datafield tag="926" ind1="" ind2="">
      <subfield code="a">SL Division</subfield>
   </datafield>
   <datafield tag="960" ind1="" ind2="">
      <subfield code="a">78</subfield>
   </datafield>
   <datafield tag="961" ind1="" ind2="">
      <subfield code="c">20031203</subfield>
      <subfield code="h">0909</subfield>
      <subfield code="l">MAN01</subfield>
      <subfield code="x">20020627</subfield>
   </datafield>
   <datafield tag="963" ind1="" ind2="">
      <subfield code="a">PUBLIC</subfield>
   </datafield>
   <datafield tag="970" ind1="" ind2="">
      <subfield code="a">000025625MAN</subfield>
   </datafield>
   <datafield tag="980" ind1="" ind2="">
      <subfield code="a">DSLLIB</subfield>
   </datafield>
</record>

<record xmlns="http://www.loc.gov/MARC21/slim">
	<controlfield tag="001">37149</controlfield>
<controlfield tag="003">SzGeCERN</controlfield>
   <datafield tag="035" ind1="" ind2="">
      <subfield code="9">ADMDSL</subfield>
      <subfield code="a">0023245</subfield>
   </datafield>
   <datafield tag="041" ind1="" ind2="">
      <subfield code="a">eng</subfield>
   </datafield>
   <datafield tag="088" ind1="" ind2="">
      <subfield code="a">SL-ADM-OUT-2002-069</subfield>
   </datafield>
   <datafield tag="100" ind1="" ind2="">
      <subfield code="a">Bailey, R.</subfield>
   </datafield>
   <datafield tag="245" ind1="" ind2="">
      <subfield code="a">Summary notes of the GLM held on 08.07.2002</subfield>
   </datafield>
   <datafield tag="245" ind1="" ind2="">
      <subfield code="k">agenda</subfield>
   </datafield>
   <datafield tag="260" ind1="" ind2="">
      <subfield code="c">2002</subfield>
   </datafield>
   <datafield tag="269" ind1="" ind2="">
      <subfield code="c">08 Jul 2002</subfield>
   </datafield>
   <datafield tag="520" ind1="" ind2="">
      <subfield code="a">Minutes of the Meeting held on 08.07.2002</subfield>
   </datafield>
   <datafield tag="583" ind1="" ind2="">
      <subfield code="i">OUT</subfield>
   </datafield>
   <datafield tag="595" ind1="" ind2="">
      <subfield code="a">CERN EDS</subfield>
   </datafield>
   <datafield tag="650" ind1="1" ind2="7">
      <subfield code="2">SzGeCERN</subfield>
      <subfield code="a">Group Leaders</subfield>
   </datafield>
   <datafield tag="653" ind1="1" ind2="">
      <subfield code="9">CERN</subfield>
      <subfield code="a">Minutes</subfield>
   </datafield>
   <datafield tag="710" ind1="" ind2="">
      <subfield code="5">SL</subfield>
   </datafield>
   <datafield tag="856" ind1="4" ind2="">
      <subfield code="u">http://sl-div.web.cern.ch/sl-div/cern-only/DI/SL_GLM51.pdf</subfield>
      <subfield code="y">Access to document</subfield>
   </datafield>
   <datafield tag="916" ind1="" ind2="">
      <subfield code="s">n</subfield>
      <subfield code="w">200228</subfield>
   </datafield>
   <datafield tag="960" ind1="" ind2="">
      <subfield code="a">78</subfield>
   </datafield>
   <datafield tag="961" ind1="" ind2="">
      <subfield code="c">20031203</subfield>
      <subfield code="h">0909</subfield>
      <subfield code="l">MAN01</subfield>
      <subfield code="x">20020709</subfield>
   </datafield>
   <datafield tag="963" ind1="" ind2="">
      <subfield code="a">PUBLIC</subfield>
   </datafield>
   <datafield tag="970" ind1="" ind2="">
      <subfield code="a">000025637MAN</subfield>
   </datafield>
   <datafield tag="980" ind1="" ind2="">
      <subfield code="a">DSLLIB</subfield>
   </datafield>
</record>

<record xmlns="http://www.loc.gov/MARC21/slim">
	<controlfield tag="001">37157</controlfield>
<controlfield tag="003">SzGeCERN</controlfield>
   <datafield tag="035" ind1="" ind2="">
      <subfield code="9">ADMDSL</subfield>
      <subfield code="a">0023289</subfield>
   </datafield>
   <datafield tag="041" ind1="" ind2="">
      <subfield code="a">eng</subfield>
   </datafield>
   <datafield tag="088" ind1="" ind2="">
      <subfield code="a">SL-ADM-OUT-2002-075</subfield>
   </datafield>
   <datafield tag="100" ind1="" ind2="">
      <subfield code="a">Roger Bailey</subfield>
   </datafield>
   <datafield tag="245" ind1="" ind2="">
      <subfield code="a">Summary Notes of the GLM held on 22.07.2002</subfield>
   </datafield>
   <datafield tag="260" ind1="" ind2="">
      <subfield code="c">2002</subfield>
   </datafield>
   <datafield tag="269" ind1="" ind2="">
      <subfield code="c">24 Jul 2002</subfield>
   </datafield>
   <datafield tag="583" ind1="" ind2="">
      <subfield code="i">OUT</subfield>
   </datafield>
   <datafield tag="595" ind1="" ind2="">
      <subfield code="a">CERN EDS</subfield>
   </datafield>
   <datafield tag="650" ind1="1" ind2="7">
      <subfield code="2">SzGeCERN</subfield>
      <subfield code="a">Group Leaders</subfield>
   </datafield>
   <datafield tag="653" ind1="1" ind2="">
      <subfield code="9">CERN</subfield>
      <subfield code="a">Minutes</subfield>
   </datafield>
   <datafield tag="710" ind1="" ind2="">
      <subfield code="5">SL</subfield>
   </datafield>
   <datafield tag="856" ind1="4" ind2="">
      <subfield code="u">http://sl-div.web.cern.ch/sl-div/cern-only/DI/SL_GLM52.pdf</subfield>
      <subfield code="y">Access to document</subfield>
   </datafield>
   <datafield tag="916" ind1="" ind2="">
      <subfield code="s">n</subfield>
      <subfield code="w">200230</subfield>
   </datafield>
   <datafield tag="960" ind1="" ind2="">
      <subfield code="a">78</subfield>
   </datafield>
   <datafield tag="961" ind1="" ind2="">
      <subfield code="c">20031203</subfield>
      <subfield code="h">0909</subfield>
      <subfield code="l">MAN01</subfield>
      <subfield code="x">20020724</subfield>
   </datafield>
   <datafield tag="963" ind1="" ind2="">
      <subfield code="a">PUBLIC</subfield>
   </datafield>
   <datafield tag="970" ind1="" ind2="">
      <subfield code="a">000025645MAN</subfield>
   </datafield>
   <datafield tag="980" ind1="" ind2="">
      <subfield code="a">DSLLIB</subfield>
   </datafield>
</record>

<record xmlns="http://www.loc.gov/MARC21/slim">
	<controlfield tag="001">37168</controlfield>
<controlfield tag="003">SzGeCERN</controlfield>
   <datafield tag="035" ind1="" ind2="">
      <subfield code="9">ADMDSL</subfield>
      <subfield code="a">0023360</subfield>
   </datafield>
   <datafield tag="041" ind1="" ind2="">
      <subfield code="a">eng</subfield>
   </datafield>
   <datafield tag="088" ind1="" ind2="">
      <subfield code="a">SL-ADM-OUT-2002-079</subfield>
   </datafield>
   <datafield tag="100" ind1="" ind2="">
      <subfield code="a">BAILEY, R.</subfield>
   </datafield>
   <datafield tag="245" ind1="" ind2="">
      <subfield code="a">Summary notes of the GLM held on 05.08.2002</subfield>
   </datafield>
   <datafield tag="245" ind1="" ind2="">
      <subfield code="k">report</subfield>
   </datafield>
   <datafield tag="260" ind1="" ind2="">
      <subfield code="c">2002</subfield>
   </datafield>
   <datafield tag="269" ind1="" ind2="">
      <subfield code="c">09 Aug 2002</subfield>
   </datafield>
   <datafield tag="583" ind1="" ind2="">
      <subfield code="i">OUT</subfield>
   </datafield>
   <datafield tag="595" ind1="" ind2="">
      <subfield code="a">CERN EDS</subfield>
   </datafield>
   <datafield tag="650" ind1="1" ind2="7">
      <subfield code="2">SzGeCERN</subfield>
      <subfield code="a">Group Leaders</subfield>
   </datafield>
   <datafield tag="653" ind1="1" ind2="">
      <subfield code="9">CERN</subfield>
      <subfield code="a">GLM</subfield>
   </datafield>
   <datafield tag="710" ind1="" ind2="">
      <subfield code="5">SL</subfield>
   </datafield>
   <datafield tag="856" ind1="4" ind2="">
      <subfield code="u">http://sl-div.web.cern.ch/sl-div/cern-only/DI/SL_GLM53.pdf</subfield>
      <subfield code="y">Access to document</subfield>
   </datafield>
   <datafield tag="916" ind1="" ind2="">
      <subfield code="s">n</subfield>
      <subfield code="w">200232</subfield>
   </datafield>
   <datafield tag="926" ind1="" ind2="">
      <subfield code="a">Myers, S</subfield>
   </datafield>
   <datafield tag="960" ind1="" ind2="">
      <subfield code="a">78</subfield>
   </datafield>
   <datafield tag="961" ind1="" ind2="">
      <subfield code="c">20031203</subfield>
      <subfield code="h">0909</subfield>
      <subfield code="l">MAN01</subfield>
      <subfield code="x">20020809</subfield>
   </datafield>
   <datafield tag="963" ind1="" ind2="">
      <subfield code="a">PUBLIC</subfield>
   </datafield>
   <datafield tag="970" ind1="" ind2="">
      <subfield code="a">000025656MAN</subfield>
   </datafield>
   <datafield tag="980" ind1="" ind2="">
      <subfield code="a">DSLLIB</subfield>
   </datafield>
</record>

<record xmlns="http://www.loc.gov/MARC21/slim">
	<controlfield tag="001">37205</controlfield>
<controlfield tag="003">SzGeCERN</controlfield>
   <datafield tag="035" ind1="" ind2="">
      <subfield code="9">ADMDSL</subfield>
      <subfield code="a">0023673</subfield>
   </datafield>
   <datafield tag="041" ind1="" ind2="">
      <subfield code="a">eng</subfield>
   </datafield>
   <datafield tag="088" ind1="" ind2="">
      <subfield code="a">SL-ADM-OUT-2002-098</subfield>
   </datafield>
   <datafield tag="100" ind1="" ind2="">
      <subfield code="a">Bailey, R.</subfield>
   </datafield>
   <datafield tag="245" ind1="" ind2="">
      <subfield code="a">Minutes of the SLGM meeting held on 14/10/2002</subfield>
   </datafield>
   <datafield tag="245" ind1="" ind2="">
      <subfield code="k">report</subfield>
   </datafield>
   <datafield tag="260" ind1="" ind2="">
      <subfield code="c">2002</subfield>
   </datafield>
   <datafield tag="269" ind1="" ind2="">
      <subfield code="c">16 Oct 2002</subfield>
   </datafield>
   <datafield tag="583" ind1="" ind2="">
      <subfield code="i">OUT</subfield>
   </datafield>
   <datafield tag="595" ind1="" ind2="">
      <subfield code="a">CERN EDS</subfield>
   </datafield>
   <datafield tag="650" ind1="1" ind2="7">
      <subfield code="2">SzGeCERN</subfield>
      <subfield code="a">Group Leaders</subfield>
   </datafield>
   <datafield tag="653" ind1="1" ind2="">
      <subfield code="9">CERN</subfield>
      <subfield code="a">GLM</subfield>
   </datafield>
   <datafield tag="710" ind1="" ind2="">
      <subfield code="5">SL</subfield>
   </datafield>
   <datafield tag="856" ind1="4" ind2="">
      <subfield code="u">http://sl-div.web.cern.ch/sl-div/cern-only/DI/SL_GLM54.pdf</subfield>
      <subfield code="y">Access to document</subfield>
   </datafield>
   <datafield tag="916" ind1="" ind2="">
      <subfield code="s">n</subfield>
      <subfield code="w">200242</subfield>
   </datafield>
   <datafield tag="926" ind1="" ind2="">
      <subfield code="a">GLM</subfield>
   </datafield>
   <datafield tag="960" ind1="" ind2="">
      <subfield code="a">78</subfield>
   </datafield>
   <datafield tag="961" ind1="" ind2="">
      <subfield code="c">20031203</subfield>
      <subfield code="h">0909</subfield>
      <subfield code="l">MAN01</subfield>
      <subfield code="x">20021016</subfield>
   </datafield>
   <datafield tag="963" ind1="" ind2="">
      <subfield code="a">PUBLIC</subfield>
   </datafield>
   <datafield tag="970" ind1="" ind2="">
      <subfield code="a">000025693MAN</subfield>
   </datafield>
   <datafield tag="980" ind1="" ind2="">
      <subfield code="a">DSLLIB</subfield>
   </datafield>
</record>

<record xmlns="http://www.loc.gov/MARC21/slim">
	<controlfield tag="001">37222</controlfield>
<controlfield tag="003">SzGeCERN</controlfield>
   <datafield tag="035" ind1="" ind2="">
      <subfield code="9">ADMDSL</subfield>
      <subfield code="a">0023846</subfield>
   </datafield>
   <datafield tag="041" ind1="" ind2="">
      <subfield code="a">eng</subfield>
   </datafield>
   <datafield tag="088" ind1="" ind2="">
      <subfield code="a">SL-ADM-OUT-2002-105</subfield>
   </datafield>
   <datafield tag="100" ind1="" ind2="">
      <subfield code="a">Bailey, R.</subfield>
   </datafield>
   <datafield tag="245" ind1="" ind2="">
      <subfield code="a">Summary Notes of the GLM held on 11.11.2002</subfield>
   </datafield>
   <datafield tag="245" ind1="" ind2="">
      <subfield code="k">report</subfield>
   </datafield>
   <datafield tag="260" ind1="" ind2="">
      <subfield code="c">2002</subfield>
   </datafield>
   <datafield tag="269" ind1="" ind2="">
      <subfield code="c">13 Nov 2002</subfield>
   </datafield>
   <datafield tag="583" ind1="" ind2="">
      <subfield code="i">OUT</subfield>
   </datafield>
   <datafield tag="595" ind1="" ind2="">
      <subfield code="a">CERN EDS</subfield>
   </datafield>
   <datafield tag="650" ind1="1" ind2="7">
      <subfield code="2">SzGeCERN</subfield>
      <subfield code="a">Group Leaders</subfield>
   </datafield>
   <datafield tag="653" ind1="1" ind2="">
      <subfield code="9">CERN</subfield>
      <subfield code="a">GLM</subfield>
   </datafield>
   <datafield tag="710" ind1="" ind2="">
      <subfield code="5">SL</subfield>
   </datafield>
   <datafield tag="856" ind1="4" ind2="">
      <subfield code="u">http://sl-div.web.cern.ch/sl-div/cern-only/DI/SL_GLM55.pdf</subfield>
      <subfield code="y">Access to document</subfield>
   </datafield>
   <datafield tag="916" ind1="" ind2="">
      <subfield code="s">n</subfield>
      <subfield code="w">200246</subfield>
   </datafield>
   <datafield tag="926" ind1="" ind2="">
      <subfield code="a">SL Division</subfield>
   </datafield>
   <datafield tag="960" ind1="" ind2="">
      <subfield code="a">78</subfield>
   </datafield>
   <datafield tag="961" ind1="" ind2="">
      <subfield code="c">20031203</subfield>
      <subfield code="h">0909</subfield>
      <subfield code="l">MAN01</subfield>
      <subfield code="x">20021113</subfield>
   </datafield>
   <datafield tag="963" ind1="" ind2="">
      <subfield code="a">PUBLIC</subfield>
   </datafield>
   <datafield tag="970" ind1="" ind2="">
      <subfield code="a">000025710MAN</subfield>
   </datafield>
   <datafield tag="980" ind1="" ind2="">
      <subfield code="a">DSLLIB</subfield>
   </datafield>
</record>


</collection>